{"text_format":"1","workbook":"xlsx","n_sheets":9,"sheets":["1. ФАСАД","2. ИНТЕРЬЕР","3. STOMIX","4. Базы","5. Ведра. Инструмент","6. Полы","7. Колоранты","8. Надбавки","Транспортные услуги 2021"],"not_rendered":{"charts":0,"images":95,"macros":1,"external_links":0,"defined_names":13,"comments":0,"pivot_tables":0},"unopened":[],"bounds":{"document_bytes":16777216,"sheet_cells":100000,"rows_first":2000,"rows_last":500,"rows_between":2000,"halvings":0,"cell_chars":16384,"cell_head_chars":4096},"cells_cut":0,"cells_raw":0,"read":"whole","date_system":"1900"}

{"sheet":"1. ФАСАД","index":0,"n_rows":301,"n_cols":24,"rows_kept":301,"cut":false,"hidden":false,"merged":[[20,23,21,23],[199,23,200,23],[191,23,194,23],[178,23,179,23],[195,23,198,23],[180,23,181,23],[187,23,188,23],[182,23,183,23],[172,23,173,23],[154,23,156,23],[162,23,163,23],[176,23,177,23],[184,23,185,23],[157,23,158,23],[37,23,46,23],[24,23,25,23],[298,23,300,23],[201,23,202,23],[242,23,243,23],[222,23,223,23],[216,23,217,23],[204,23,211,23],[218,23,219,23],[212,23,213,23],[214,23,215,23],[225,23,227,23],[220,23,221,23],[257,23,259,23],[260,23,261,23],[267,23,269,23],[293,23,295,23],[231,23,232,23],[32,23,35,23],[96,23,103,23],[65,23,89,23],[92,23,93,23],[90,23,91,23],[57,23,62,23],[47,23,54,23],[55,23,56,23],[94,23,95,23],[63,23,64,23],[2,0,3,0],[2,1,3,1],[29,23,30,23],[22,23,23,23],[2,6,2,8],[2,21,3,21],[2,13,3,13],[4,23,5,23],[2,16,3,16],[2,17,3,17],[2,3,3,3],[2,14,3,14],[2,9,2,11],[2,2,3,2],[2,19,3,19],[2,20,3,20],[174,23,175,23],[164,23,167,23],[160,23,161,23],[144,23,145,23],[27,23,28,23],[168,23,171,23],[146,23,147,23],[150,23,153,23],[138,23,143,23],[148,23,149,23],[130,23,137,23],[104,23,109,23],[110,23,111,23],[128,23,129,23],[112,23,119,23],[120,23,127,23],[2,22,3,22],[17,23,18,23],[2,23,3,23],[15,23,16,23],[10,23,11,23],[12,23,13,23],[2,12,3,12],[2,18,3,18],[2,15,3,15],[2,4,3,4],[2,5,3,5]]}
[]
[null,"Прайс-лист  Товаров Продуктовой группы раздела «Фасад»\nЦены действительны c 01.10.2021 г."]
["Артикул ","Наименование продукта","Произ-водство","Область \nприменения","Вид материала","Основа материала","Упаковка",null,null,"Расчетный расход продукта",null,null,"Цена БЕЗ учета НДС за единицу измерения","Цена с НДС за единицу измерения","Цена с НДС за 1м² (при min расходе)","Цена с НДС за упаковку","Кол-во единиц товара","Сумма заказа с НДС","Наличие на складе","Рекомендованный ассортимент","Количество упаковок на паллете, шт.","Вес одного паллето-места (без палеты), кг.","Норма загрузки авто (20 т.) шт.","Краткое описание продукта"]
[null,null,null,null,null,null,"к-во","ед.","вид упаковки","от","до","единица измерения"]
["00861-002","StoPlex W ","DE","фасад","грунт проникающий","акрил-силоксан",20,"л","Канистра",0.1,0.4,"л/м²",314.83986049304224,{"$f":"M5*1.2","v":377.80783259165065},{"$f":"$N5*$J5","v":37.780783259165069},{"$f":"$N5*$G5","v":7556.1566518330128},null,{"$f":"Q5*P5","v":0},"●","●",24,498.72,792,"универсальная водоразбавимая грунтовка на акрилатной основе, усиленная силоксаном (гидрофобизирующий эффект). Разбавляется водой в соотношении 1:1"]
["00861-001","StoPlex W ","DE","фасад","грунт проникающий","акрил-силоксан",10,"л","Канистра",0.1,0.4,"л/м²",323.14899284623425,{"$f":"M6*1.2","v":387.77879141548107},{"$f":"$N6*$J6","v":38.777879141548112},{"$f":"$N6*$G6","v":3877.7879141548106},null,{"$f":"Q6*P6","v":0},null,null,60,623.40000000000009,1740]
["00861_012","StoPrim Solid","RU","универсальный","грунт проникающий","акрил",5,"л","Канистра",0.02,0.08,"л/м²",495.46350000000001,594.55619999999999,11.891124,2972.7809999999999,null,{"$f":"Q7*P7","v":0},"●","●",96,498.72,3168,"универсальная водорастворимая грунтовка - концентрат на основе акрилата с модифицирующими добавками. Разбавляется водой в соотношении 1:4. Глубоко проникает, хорошо укрепляет основание."]
["00810-015","StoPrim Micro","DE","фасад","грунт проникающий","силикон",3,"л","Канистра",0.02,0.1,"л/м²",9027.3981145958387,10832.877737515006,216.65755475030011,32498.633212545017,null,0,null,null,150,469.35,4950,"глубокопроникающий грунтовочный концентрат на основе силиконовой микроэмульсии, предназначена для проблемных оснований, разбавляется  водой 1:10"]
["00870-006","StoPrim Silikat","DE","универсальный","грунт проникающий","силикат",10,"л","Канистра",0.15,0.8,"л/м²",292.11,350.53199999999998,52.579799999999999,3505.3199999999997,null,0,null,null,60,653.40000000000009,1680,"водоразбавимая бесцветная грунтовка  на силикатной основе, идеальна для минеральных покрытий"]
["00870-047","StoPrim Sol GT","DE","универсальный","грунт проникающий","силикат","15","л","Канистра",0.1,0.6,"л/м²",356.90726260271714,428.28871512326054,42.82887151232606,6424.3307268489079,null,0,null,null,24,463.2,792,"водоразбавимая бесцветная грунтовка  на силикатной основе, идеальна для минеральных и органических оснований. Гелевая консистенция минимизурующая капание"]
["00856-013","StoPrim Grundex","DE","фасад","грунт проникающий","растворитель",20,"л","Канистра",0.2,1,"л/м²",1067.5413290245108,1281.0495948294129,256.20991896588259,25620.991896588257,null,0,"●",null,24,408,792,"особоглубокопроникающая бесцветная грунтовка на основе полимерных смол, содержит растворитель, предназначена для проблемных оснований, активно защищает от выхода солей на поверхность, возможно применение на гипсовых основаниях"]
["00856-012","StoPrim Grundex","DE","фасад","грунт проникающий","растворитель",10,"л","Канистра",0.2,1,"л/м²",1198.5909255138799,1438.309110616656,287.66182212333121,14383.091106166559,null,0,"●","●",50,425,1650]
["01304-005","StoPrim Isol","DE","универсальный","грунт изолирующий","акрил",15,"л","Ведро",0.1,0.4,"л/м²",842.09,1010.508,101.05080000000001,15157.62,null,0,null,null,24,441.36,792,"водоразбавимая изолирующая грунтовка на акрилатной основе"]
["01304-006","StoPrim Isol","DE","универсальный","грунт изолирующий","акрил",5,"л","Ведро",0.1,0.4,"л/м²",1016.2407208448118,1219.4888650137741,121.94888650137742,6097.444325068871,null,0,null,"●",60,367.8,1980]
["00855-003","StoPrim LP","DE","фасад","грунт изолирующий","растворитель","12,5","л","Ведро",0.13,0.15,"л/м²",1807.6160704951615,2169.1392845941937,281.98810699724521,27114.241057427422,null,0,null,null,24,454.20000000000005,792,"изолирующая грунтовка, содержит растворитель"]
["08401-009","Sto-Allgrund AF, белая","DE","металл","грунт антикоррозионный","растворитель","2,5","л","Банка",0.15,0.2,"л/м²",2347.7484451211867,2817.2981341454238,422.59472012181357,7043.2453353635592,null,0,null,"●",144,575.71199999999999,4464,"быстросохнущая антикоррозионная грунтовка на основе алкидных смол, содержит растворитель, хорошие адгезионные свойства при нанесении на цинк, оцинкованную сталь, алюминий"]
["08401-011","Sto-Allgrund AF getönt (колерованная)","DE","металл","грунт антикоррозионный","растворитель",2.5,"л","Банка ",0.15,0.2,"л/м²",2898.63,3478.3560000000002,521.75340000000006,8695.8900000000012,null,0,null,null,144,575.71199999999999,4464]
["00889-005","StoPrim Fungal ","DE","универсальный","биоцид","вода",20,"л","Канистра",0.15,0.2,"л/м²",300.24134333087591,360.28961199705105,54.043441799557655,7205.7922399410209,null,0,"●",null,24,498.72,792,"водоразбавимый дезинфицирующий раствор для обработки поверхностей, пораженных водорослями и/или грибком"]
["00889-001","StoPrim Fungal ","DE","универсальный","биоцид","вода",10,"л","Канистра",0.15,0.2,"л/м²",325.815,390.97800000000001,58.646699999999996,3909.78,null,0,"●",null,60,623.40000000000009,1740]
["00515-001","StoSilco HC","DE","фасад","гидрофобизатор","силикон","25","кг","Ведро ",0.1,0.2,"кг/м²",3067.1550000000002,3680.5860000000002,368.05860000000007,92014.650000000009,null,0,null,null,24,648,672,"пропитывающий водоотталкивающий крем на основе силана, не содержит растворителя. Используется для защиты, в т.ч. и как финишное покрытие для кирпичной кладки."]
["00801_118","Sto-Putzgrund natur (натурального цвета)","RU","универсальный","грунт адгезионный","акрил","23","кг","Ведро",0.2,0.3,"кг/м²",192.19199999999998,230.63039999999995,46.126079999999995,5304.4991999999993,null,0,null,"●",24,568.00800000000004,768,"органическая адгезионная грунтовка с наполнителем (кварцевый песок) для последующего нанесения\nорганических и силиконовых покрытий"]
["00801_122","Sto-Putzgrund getönt (колерованная) C1","RU","универсальный","грунт адгезионный","акрил","23","кг","Ведро",0.2,0.3,"кг/м²",{"$f":"M21+34","v":226.19199999999998},271.43039999999996,54.286079999999998,6242.8991999999989,null,0,null,null,24,568.00800000000004,768]
["00804-001","StoPrep Miral natur (натурального цвета)","DE","фасад","грунт адгезионный","силикат",25,"кг","Ведро",0.2,0.4,"кг/м²",379.2705766994863,455.12469203938355,91.024938407876718,11378.117300984588,null,0,"●",null,24,616.20000000000005,696,"силикатное пигментированное промежуточное покрытие с наполнителем (кварцевый песок)"]
["00804-020","StoPrep Miral getönt (колерованное) C1","DE","фасад","грунт адгезионный","силикат",25,"кг","Ведро",0.2,0.4,"кг/м²",450.20050839964631,540.2406100795755,108.04812201591511,13506.015251989387,null,0,null,null,24,616.20000000000005,696]
["00517-001","StoPrim Color weiss (белая)","DE","универсальный","грунт адгезионный","акрил","15","л","Ведро",0.15,0.2,"л/м²",618.69387576228485,742.43265091474177,111.36489763721126,11136.489763721127,null,0,null,null,24,519.84,792,"промежуточное покрытие на силиконо-кремниевой основе для твердых, гладких, слабовпитывающих оснований"]
["00517-008","StoPrim Color getönt (колерованное) C1","DE","универсальный","грунт адгезионный","акрил","15","л","Ведро",0.15,0.2,"л/м²",618.69387576228485,742.43265091474177,111.36489763721126,11136.489763721127,null,0,null,null,24,519.84,792]
["00884-001","StoPrep Contact ","DE","фасад","грунт адгезионный","акрил",25,"кг","Ведро",0.2,2,"кг/м²",298.39036500000003,358.06843800000001,71.613687600000006,8951.7109500000006,null,0,null,null,24,616.20000000000005,696,"\"адгезионный мостик\" для гладких оснований, может смешиваться с цементом"]
["00747-001","StoLevell Deco weiss (белая)","DE","универсальный","шпатлевка","акрил",25,"кг","Ведро",1.2,1.8,"кг/м²",256.34806084719878,307.61767301663855,369.14120761996622,7690.4418254159636,null,0,"●","●",24,616.20000000000005,696,"органическая финишная шпаклевочная масса, колеруется по системе StoColor System, предназначена для всех минеральных и органических оснований"]
["00747-002","StoLevell Deco getönt (колерованная) C1","DE","универсальный","шпатлевка","акрил",25,"кг","Ведро",1.2,1.8,"кг/м²",{"$f":"M28+34","v":290.34806084719878},348.4176730166385,418.1012076199662,8710.4418254159627,null,0,null,null,24,616.20000000000005,696]
["00163-006","Sto-Rissfüller fein (мелкозернистый)","DE","фасад","шпатлевка","акрил",25,"кг","Ведро",1,"н/д","кг/м²",338.49036853950645,406.18844224740775,406.18844224740775,10154.711056185193,null,0,null,null,24,616.20000000000005,696,"натурально-белый готовый к применению эластичный материал на основе искусственных смол для тонкослойного поверхностного нанесения и заполнения трещин "]
["00163-001","Sto-Rissfüller fein (мелкозернистый)","DE","фасад","шпатлевка","акрил",8,"кг","Ведро",1,"н/д","кг/м²",411.44459984459974,493.73351981351965,493.73351981351965,3949.8681585081572,null,0,null,null,60,492.96,1980]
["00845-006","StoMiral FL Vario","DE","универсальный","штукатурка","цемент","15","кг","Мешок",3.2,12,"кг/м²",165.62637000000001,198.751644,636.00526080000009,2981.27466,null,0,null,null,42,633.78,1176,"минеральная, армированная волокнами легкая штукатурка. Для теплоизоляционной кладки из кирпича, а также для смешанной кладки."]
["01817-001","StoSeal F 505 grau (серый), картридж 310 мл","DE","универсальный","герметик","гибридный",1,"шт.","Картридж",0.04,"н/д","л/м.п.",755.68111654427457,906.81733985312951,36.27269359412518,906.81733985312951,null,0,"●",null,1008,951.55199999999991,19152,"однокомпонентная высокоэластичная масса (герметик) для заполнения фасадных швов"]
["01817-002","StoSeal F 505 grau (серый),  600 мл","DE","универсальный","герметик","гибридный","1","шт.","Картридж",0.02,"н/д","л/м.п.",1188.9442612942612,1426.7331135531133,28.534662271062267,1426.7331135531133,null,0,null,null,504,907.2,10080]
["01812-001","StoSeal F 505 weiss (белый), картридж 310 мл","DE","универсальный","герметик","гибридный",1,"шт.","Картридж",0.04,"н/д","л/м.п.",755.68111654427457,906.81733985312951,36.27269359412518,906.81733985312951,null,0,"●","●",1008,951.55199999999991,19152]
["01812-002","StoSeal F 505 weiss (белый), 600 мл","DE","универсальный","герметик","гибридный",1,"шт.","Картридж",0.02,"н/д","л/м.п.",1188.9442612942612,1426.7331135531133,28.534662271062267,1426.7331135531133,null,0,null,null,504,907.2,10080]
["00780-001","Sto-Flexyl ","DE","универсальный","гидроизоляция","акрил",18,"кг","Ведро",0.5,3.9,"кг/м²",660.74528187861529,792.89433825433832,396.44716912716916,14272.09808857809,null,0,"●","●",24,447.98400000000004,792,"органическая шпаклевка-клей для гидроизоляции в области цоколя и соприкосновения с землей"]
["00130-001","Stolit K 1,0 weiss (белая)","DE","фасад","декоративная штукатурка","акрил",25,"кг","Ведро",1.8,1.9,"кг/м²",315.47880000000004,378.57456000000002,681.43420800000001,9464.3640000000014,null,0,null,null,24,616.20000000000005,696,"органическая, армированная волокнами, усиленная финишная штукатурка с царапанной структурой (\"шуба\"), применяется на минеральных и органических основаниях"]
["00130-005","Stolit K 1,0 getönt (колерованная) C1","DE","фасад","декоративная штукатурка","акрил",25,"кг","Ведро",1.8,1.9,"кг/м²",{"$f":"M38+34","v":349.47880000000004},419.37456000000003,754.87420800000007,10484.364000000001,null,0,null,null,24,616.20000000000005,696]
["00131-001","Stolit K 1,5 weiss (белая)","DE","фасад","декоративная штукатурка","акрил",25,"кг","Ведро",2.2999999999999998,2.4,"кг/м²",315.47880000000004,378.57456000000002,870.72148800000002,9464.3640000000014,null,0,null,null,24,616.20000000000005,696]
["00131-053","Stolit K 1,5 getönt (колерованная) C1","DE","фасад","декоративная штукатурка","акрил",25,"кг","Ведро",2.2999999999999998,2.4,"кг/м²",{"$f":"M40+34","v":349.47880000000004},419.37456000000003,964.56148799999994,10484.364000000001,null,0,null,null,24,616.20000000000005,696]
["00132-001","Stolit K 2,0 weiss (белая)","DE","фасад","декоративная штукатурка","акрил",25,"кг","Ведро",3,3.1,"кг/м²",315.47880000000004,378.57456000000002,1135.7236800000001,9464.3640000000014,null,0,null,null,24,616.20000000000005,696]
["00132-003","Stolit K 2,0 getönt (колерованная) C1","DE","фасад","декоративная штукатурка","акрил",25,"кг","Ведро",3,3.1,"кг/м²",{"$f":"M42+34","v":349.47880000000004},419.37456000000003,1258.1236800000001,10484.364000000001,null,0,null,null,24,616.20000000000005,696]
["00134-001","Stolit K 3,0 weiss (белая)","DE","фасад","декоративная штукатурка","акрил",25,"кг","Ведро",4.3,4.4000000000000004,"кг/м²",315.47880000000004,378.57456000000002,1627.8706079999999,9464.3640000000014,null,0,null,null,24,616.20000000000005,696]
["00134-003","Stolit K 3,0 getönt (колерованная) C1","DE","фасад","декоративная штукатурка","акрил",25,"кг","Ведро",4.3,4.4000000000000004,"кг/м²",{"$f":"M44+34","v":349.47880000000004},419.37456000000003,1803.310608,10484.364000000001,null,0,null,null,24,616.20000000000005,696]
["00135-001","Stolit K 6,0 weiss (белая)","DE","фасад","декоративная штукатурка","акрил",25,"кг","Ведро",6,6.1,"кг/м²",331.61292098705894,397.93550518447074,2387.6130311068246,9948.3876296117687,null,0,null,null,24,616.20000000000005,696]
["00135-002","Stolit K 6,0 getönt (колерованная) C1","DE","фасад","декоративная штукатурка","акрил",25,"кг","Ведро",6,6.1,"кг/м²",{"$f":"M46+34","v":365.61292098705894},438.7355051844707,2632.4130311068243,10968.387629611767,null,0,null,null,24,616.20000000000005,696]
["00141-001","Stolit R 1,5 weiss (белая)","DE","фасад","декоративная штукатурка","акрил",25,"кг","Ведро",2.2000000000000002,2.2999999999999998,"кг/м²",315.47880000000004,378.57456000000002,832.86403200000007,9464.3640000000014,null,0,null,null,24,616.20000000000005,696,"органическая, армированная волокнами, усиленная финишная штукатурка с бороздчатой структурой (\"короед\") для наружных работ, применяется на минеральных и органических основаниях\n"]
["00141-046","Stolit R 1,5 getönt (колерованная) C1 ","DE","фасад","декоративная штукатурка","акрил",25,"кг","Ведро",2.2000000000000002,2.2999999999999998,"кг/м²",{"$f":"M48+34","v":349.47880000000004},419.37456000000003,922.62403200000017,10484.364000000001,null,0,null,null,24,616.20000000000005,696]
["00142-002","Stolit R 2,0 weiss (белая)","DE","фасад","декоративная штукатурка","акрил",25,"кг","Ведро",2.7,2.8,"кг/м²",315.47880000000004,378.57456000000002,1022.1513120000001,9464.3640000000014,null,0,null,null,24,616.20000000000005,696]
["00142-047","Stolit R 2,0 getönt (колерованная) C1","DE","фасад","декоративная штукатурка","акрил",25,"кг","Ведро",2.7,2.8,"кг/м²",{"$f":"M50+34","v":349.47880000000004},419.37456000000003,1132.3113120000003,10484.364000000001,null,0,null,null,24,616.20000000000005,696]
["00143-001","Stolit R 3,0 weiss (белая)","DE","фасад","декоративная штукатурка","акрил",25,"кг","Ведро",3.5,3.6,"кг/м²",349.47880000000004,419.37456000000003,1467.81096,10484.364000000001,null,0,null,null,24,616.20000000000005,696]
["00143-048","Stolit R 3,0 getönt (колерованная) C1","DE","фасад","декоративная штукатурка","акрил",25,"кг","Ведро",3.5,3.6,"кг/м²",{"$f":"M52+34","v":383.47880000000004},460.17456000000004,1610.6109600000002,11504.364000000001,null,0,null,null,24,616.20000000000005,696]
["00144-001","Stolit R 6,0 weiss (белая)","DE","фасад","декоративная штукатурка","акрил","25","кг","Ведро",5.6,5.7,"кг/м²",322.72935455349239,387.27522546419084,2168.7412625994684,9681.8806366047702,null,0,null,null,24,616.20000000000005,696]
["00144-003","Stolit R 6,0 getönt (колерованная) C1","DE","фасад","декоративная штукатурка","акрил","25","кг","Ведро",5.6,5.7,"кг/м²",{"$f":"M54+34","v":356.72935455349239},428.07522546419085,2397.2212625994684,10701.880636604772,null,0,null,null,24,616.20000000000005,696]
["00183-001","Stolit MP weiss (белая)","DE","фасад","декоративная штукатурка","акрил","25","кг","Ведро",1.2,4,"кг/м²",303.61694196607982,364.34033035929576,437.20839643115488,9108.5082589823942,null,0,"●","●",24,616.20000000000005,696,"органическая финишная штукатурка с моделируемой структурой для наружных работ, применяется на минеральных и органических основаниях"]
["00183-014","Stolit MP getönt (колерованная) C1","DE","фасад","декоративная штукатурка","акрил","25","кг","Ведро",1.2,4,"кг/м²",{"$f":"M56+34","v":337.61694196607982},405.14033035929577,486.16839643115492,10128.508258982394,null,0,null,null,24,616.20000000000005,696]
["01247_001","StoMarlit K 1.0 weiss (белая)","RU","фасад","декоративная штукатурка","акрил","25","кг","Ведро",1.9,2,"кг/м²",159.00150000000002,190.80180000000001,362.52341999999999,4770.0450000000001,null,0,"●",null,24,616.20000000000005,720,"органическая финишная штукатурка (с высокой паропроницаемостью) с зернистой структурой (\"шуба\") для наружных работ, применяется на минеральных и органических основаниях.                                                                                                                                                                                                                                                                                                                                                               "]
["01247_003","StoMarlit K 1.0  getönt (колерованная)  C1","RU","фасад","декоративная штукатурка","акрил","25","кг","Ведро",1.9,2,"кг/м²",{"$f":"M58+34","v":193.00150000000002},231.60180000000003,440.04342000000003,5790.045000000001,null,0,null,null,24,616.20000000000005,720]
["02131_001","StoMarlit K 1.5 weiss (белая)","RU","фасад","декоративная штукатурка","акрил","25","кг","Ведро",2.4,2.5,"кг/м²",159.00150000000002,190.80180000000001,457.92432000000002,4770.0450000000001,null,0,"●",null,24,616.20000000000005,720]
["02131_002","StoMarlit K 1.5  getönt (колерованная)  C1","RU","фасад","декоративная штукатурка","акрил","25","кг","Ведро",2.4,2.5,"кг/м²",{"$f":"M60+34","v":193.00150000000002},{"$f":"M61*1.2","v":231.60180000000003},{"$f":"$N61*$J61","v":555.84432000000004},{"$f":"$N61*$G61","v":5790.045000000001},null,0,null,null,24,616.20000000000005,720]
["02132_001","StoMarlit K 2.0 weiss (белая)","RU","фасад","декоративная штукатурка","акрил","25","кг","Ведро",3.1,3.2,"кг/м²",159.00150000000002,190.80180000000001,591.48558000000003,4770.0450000000001,null,0,"●",null,24,616.20000000000005,720]
["02132_002","StoMarlit K 2.0 getönt (колерованная) C1","RU","фасад","декоративная штукатурка","акрил","25","кг","Ведро",3.1,3.2,"кг/м²",{"$f":"M62+34","v":193.00150000000002},231.60180000000003,717.96558000000005,5790.045000000001,null,{"$f":"Q63*P63","v":0},null,null,24,616.20000000000005,720]
["02142_001","StoMarlit R 2.0 weiss (белая)","RU","фасад","декоративная штукатурка","акрил","25","кг","Ведро",2.8,2.9,"кг/м²",159.00150000000002,190.80180000000001,534.24504000000002,4770.0450000000001,null,0,"●",null,24,616.20000000000005,720,"органическая финишная штукатурка (с высокой паропроницаемостью) с бороздчатой структурой (\"короед\") для наружных работ, применяется на минеральных и органических основаниях.                                                              "]
["02142_002","StoMarlit R 2.0 getönt (колерованная) C1","RU","фасад","декоративная штукатурка","акрил","25","кг","Ведро",2.8,2.9,"кг/м²",{"$f":"M64+34","v":193.00150000000002},231.60180000000003,648.48504000000003,5790.045000000001,null,0,null,null,24,616.20000000000005,720]
["00152-061","Sto-Superlit K 2,0 403  (размер зерна 2,00 мм)","DE","фасад","декоративная штукатурка","акрил","23","кг","Ведро",5,6,"кг/м²",486.60433009019965,583.92519610823956,2919.6259805411978,13430.27951048951,null,0,null,null,24,568.00800000000004,768,"органическая штукатурка из смеси натуральных цветных камней. Высокая устойчивость против механических нагрузок, высокая эластичность, хорошая пароницаемость, погодоустойчавая. Ограниченный ассортимент цветов. (см. на сайте www.sto.ru)"]
["00152-076","Sto-Superlit K 2,0 404  (размер зерна 2,00 мм)","DE","фасад","декоративная штукатурка","акрил","23","кг","Ведро",5,6,"кг/м²",466.731952467822,560.0783429613864,2800.3917148069322,12881.801888111888,null,0,null,null,24,568.00800000000004,768]
["00152-062","Sto-Superlit K 2,0 405  (размер зерна 2,00 мм)","DE","фасад","декоративная штукатурка","акрил","23","кг","Ведро",5,6,"кг/м²",412.88625000000002,495.46350000000001,2477.3175000000001,11395.6605,null,0,null,null,24,568.00800000000004,768]
["00152-063","Sto-Superlit K 2,0 409  (размер зерна 2,00 мм)","DE","фасад","декоративная штукатурка","акрил","23","кг","Ведро",5,6,"кг/м²",412.88625000000002,495.46350000000001,2477.3175000000001,11395.6605,null,0,null,null,24,568.00800000000004,768]
["00152-077","Sto-Superlit K 2,0 411  (размер зерна 2,00 мм)","DE","фасад","декоративная штукатурка","акрил","23","кг","Ведро",5,6,"кг/м²",412.88625000000002,495.46350000000001,2477.3175000000001,11395.6605,null,0,null,null,24,568.00800000000004,768]
["00152-078","Sto-Superlit K 2,0 412  (размер зерна 2,00 мм)","DE","фасад","декоративная штукатурка","акрил","23","кг","Ведро",5,6,"кг/м²",421.61866575453524,505.94239890544225,2529.7119945272111,11636.675174825172,null,0,null,null,24,568.00800000000004,768]
["00152-064","Sto-Superlit K 2,0 413  (размер зерна 2,00 мм)","DE","фасад","декоративная штукатурка","акрил","23","кг","Ведро",5,6,"кг/м²",412.88625000000002,495.46350000000001,2477.3175000000001,11395.6605,null,0,null,null,24,568.00800000000004,768]
["00152-079","Sto-Superlit K 2,0 414  (размер зерна 2,00 мм)","DE","фасад","декоративная штукатурка","акрил","23","кг","Ведро",5,6,"кг/м²",423.48317624404581,508.17981149285492,2540.8990574642748,11688.135664335663,null,0,null,null,24,568.00800000000004,768]
["00152-065","Sto-Superlit K 2,0 415  (размер зерна 2,00 мм)","DE","фасад","декоративная штукатурка","акрил","23","кг","Ведро",5,6,"кг/м²",452.16359582446535,542.59631498935835,2712.9815749467916,12479.715244755242,null,0,null,null,24,568.00800000000004,768]
["00152-080","Sto-Superlit K 2,0 416  (размер зерна 2,00 мм)","DE","фасад","декоративная штукатурка","акрил","23","кг","Ведро",5,6,"кг/м²",450.6578265936962,540.78939191243546,2703.9469595621772,12438.156013986016,null,0,null,null,24,568.00800000000004,768]
["00152-030","Sto-Superlit K 2,0 800  (размер зерна 2,00 мм)","DE","фасад","декоративная штукатурка","акрил","23","кг","Ведро",5,6,"кг/м²",412.88625000000002,495.46350000000001,2477.3175000000001,11395.6605,null,0,null,null,24,568.00800000000004,768]
["00152-041","Sto-Superlit K 2,0 818  (размер зерна 2,00 мм)","DE","фасад","декоративная штукатурка","акрил","23","кг","Ведро",5,6,"кг/м²",412.88625000000002,495.46350000000001,2477.3175000000001,11395.6605,null,0,null,null,24,568.00800000000004,768]
["00152-043","Sto-Superlit K 2,0 820  (размер зерна 2,00 мм)","DE","фасад","декоративная штукатурка","акрил","23","кг","Ведро",5,6,"кг/м²",421.91289652376599,506.29547582851916,2531.477379142596,11644.795944055941,null,0,null,null,24,568.00800000000004,768]
["00152-044","Sto-Superlit K 2,0 821  (размер зерна 2,00 мм)","DE","фасад","декоративная штукатурка","акрил","23","кг","Ведро",5,6,"кг/м²",412.88625000000002,495.46350000000001,2477.3175000000001,11395.6605,null,0,null,null,24,568.00800000000004,768]
["00152-047","Sto-Superlit K 2,0 824  (размер зерна 2,00 мм)","DE","фасад","декоративная штукатурка","акрил","23","кг","Ведро",5,6,"кг/м²",412.88625000000002,495.46350000000001,2477.3175000000001,11395.6605,null,0,null,null,24,568.00800000000004,768]
["00152-050","Sto-Superlit K 2,0 827  (размер зерна 2,00 мм)","DE","фасад","декоративная штукатурка","акрил","23","кг","Ведро",5,6,"кг/м²",493.41412029998986,592.09694435998779,2960.4847217999391,13618.22972027972,null,0,null,null,24,568.00800000000004,768]
["00152-051","Sto-Superlit K 2,0 828  (размер зерна 2,00 мм)","DE","фасад","декоративная штукатурка","акрил","23","кг","Ведро",5,6,"кг/м²",412.88625000000002,495.46350000000001,2477.3175000000001,11395.6605,null,0,null,null,24,568.00800000000004,768]
["00152-052","Sto-Superlit K 2,0 829  (размер зерна 2,00 мм)","DE","фасад","декоративная штукатурка","акрил","23","кг","Ведро",5,6,"кг/м²",496.55625316712275,595.8675038005473,2979.3375190027364,13704.952587412588,null,0,null,null,24,568.00800000000004,768]
["00152-054","Sto-Superlit K 2,0 831  (размер зерна 2,00 мм)","DE","фасад","декоративная штукатурка","акрил","23","кг","Ведро",5,6,"кг/м²",412.88625000000002,495.46350000000001,2477.3175000000001,11395.6605,null,0,null,null,24,568.00800000000004,768]
["00152-055","Sto-Superlit K 2,0 832  (размер зерна 2,00 мм)","DE","фасад","декоративная штукатурка","акрил","23","кг","Ведро",5,6,"кг/м²",451.966917502787,542.36030100334438,2711.8015050167219,12474.286923076921,null,0,null,null,24,568.00800000000004,768]
["00152-056","Sto-Superlit K 2,0 833  (размер зерна 2,00 мм)","DE","фасад","декоративная штукатурка","акрил","23","кг","Ведро",5,6,"кг/м²",426.36412029998985,511.63694435998781,2558.1847217999389,11767.64972027972,null,0,null,null,24,568.00800000000004,768]
["00152-057","Sto-Superlit K 2,0 834  (размер зерна 2,00 мм)","DE","фасад","декоративная штукатурка","акрил","23","кг","Ведро",5,6,"кг/м²",412.88625000000002,495.46350000000001,2477.3175000000001,11395.6605,null,0,null,null,24,568.00800000000004,768]
["00152-059","Sto-Superlit K 2,0 836  (размер зерна 2,00 мм)","DE","фасад","декоративная штукатурка","акрил","23","кг","Ведро",5,6,"кг/м²",451.73719722306674,542.08463666768012,2710.4231833384006,12467.946643356643,null,0,null,null,24,568.00800000000004,768]
["00152-083","Sto-Superlit K 2,0 841  (размер зерна 2,00 мм)","DE","фасад","декоративная штукатурка","акрил","23","кг","Ведро",5,6,"кг/м²",437.26796645383598,524.72155974460316,2623.6077987230155,12068.595874125873,null,0,null,null,24,568.00800000000004,768]
["00152-084","Sto-Superlit K 2,0 842  (размер зерна 2,00 мм)","DE","фасад","декоративная штукатурка","акрил","23","кг","Ведро",5,6,"кг/м²",536.2695398804093,643.52344785649109,3217.6172392824556,14801.039300699294,null,0,null,null,24,568.00800000000004,768]
["00966-001","Stolit Effect weiss (белая)","DE","фасад","декоративная штукатурка","акрил",25,"кг","Ведро",4,5.5,"кг/м²",341.76869999999997,410.12243999999993,1640.4897599999997,10253.060999999998,null,0,null,null,24,616.20000000000005,696,"специальная наружная штукатурка на искусственных смолах. Высокая защита от атмосферных воздействий, хорошая паропроницаемость."]
["00966-002","Stolit Effect getönt (колерованная) C1","DE","фасад","декоративная штукатурка","акрил",25,"кг","Ведро",4,5.5,"кг/м²",{"$f":"M91+34","v":375.76869999999997},450.92243999999994,1803.6897599999998,11273.060999999998,null,0,null,null,24,616.20000000000005,696]
["04366-003","Stolit Milano natur (натурального цвета)","DE","фасад","декоративная штукатурка","акрил",25,"кг","Ведро",1,2.5,"кг/м²",353.4301477622264,424.11617731467169,424.11617731467169,10602.904432866791,null,0,"●","●",24,616.20000000000005,696,"тонкая наружная штукатурка на исскуственных смолах. Высокая эластичность и устойчивость к атмосферным воздействиям. Возможность моделирования различных структур, высокая стабильность цветового тона."]
["04366-004","Stolit Milano getönt (колерованная) C1","DE","фасад","декоративная штукатурка","акрил",25,"кг","Ведро",1,2.5,"кг/м²",{"$f":"M93+34","v":387.4301477622264},464.91617731467164,464.91617731467164,11622.904432866791,null,0,null,null,24,616.20000000000005,696]
["01383-001","StoNivellit weiss (белая)","DE","фасад","декоративная штукатурка","акрил",25,"кг","Ведро",3.3,3.5,"кг/м²",354.91365000000002,425.89638000000002,1405.4580539999999,10647.4095,null,0,null,null,24,616.20000000000005,696,"мелкозернистая наружная штукатурка на искусственных смолах. Не содержит цемента, высокая погодоустойчивость и эластичность, белая, колеруемая."]
["01383-008","StoNivellit getönt (колерованная) C1  ","DE","фасад","декоративная штукатурка","акрил",25,"кг","Ведро",3.3,3.5,"кг/м²",{"$f":"M95+34","v":388.91365000000002},466.69637999999998,1540.0980539999998,11667.4095,null,0,null,null,24,616.20000000000005,696]
["01220-001","StoSilco K 1,0 fein weiss (мелкозернистая белая)","DE","фасад","декоративная штукатурка","силикон",25,"кг","Ведро",2,2.1,"кг/м²",327.79106784020576,393.3492814082469,786.69856281649379,9833.7320352061724,null,0,null,null,24,616.20000000000005,696,"наружняя силиконовая улучшенная штукатурка. Структура зернистая - типа \"шуба\". Выдерживает механические нагрузки, хорошо самоочищающаяся, отличная устойчивость против воздействия микроорганизмов, высокая паропроницаемость и водоотталкивающая способность, хорошая погодоустойчивость, белая, колеруемая, высокая стабильность цветового фона, готова к применению."]
["01220-024","StoSilco K 1,0 fein getönt (мелкозернистая колерованная) C1","DE","фасад","декоративная штукатурка","силикон",25,"кг","Ведро",2,2.1,"кг/м²",{"$f":"M97+34","v":361.79106784020576},434.14928140824691,868.29856281649381,10853.732035206172,null,0,null,null,24,616.20000000000005,696]
["01218-001","StoSilco K 1,5  weiss (белая)","DE","фасад","декоративная штукатурка","силикон",25,"кг","Ведро",2.2999999999999998,2.4,"кг/м²",327.16320000000007,392.59584000000007,902.97043200000007,9814.8960000000025,null,0,null,null,24,616.20000000000005,696]
["01218-043","StoSilco K 1,5  getönt (колерованная) C1 ","DE","фасад","декоративная штукатурка","силикон",25,"кг","Ведро",2.2999999999999998,2.4,"кг/м²",{"$f":"M99+34","v":361.16320000000007},433.39584000000008,996.81043200000011,10834.896000000002,null,0,null,null,24,616.20000000000005,696]
["00186-001","StoSilco K 2,0 weiss (белая)","DE","фасад","декоративная штукатурка","силикон",25,"кг","Ведро",3,3.1,"кг/м²",326.93669721083512,392.32403665300211,1176.9721099590063,9808.1009163250528,null,0,null,null,24,616.20000000000005,696]
["00186-026","StoSilco K 2,0 getönt (колерованная) C1 ","DE","фасад","декоративная штукатурка","силикон",25,"кг","Ведро",3,3.1,"кг/м²",{"$f":"M101+34","v":360.93669721083512},433.12403665300212,1299.3721099590064,10828.100916325053,null,0,null,null,24,616.20000000000005,696]
["00187-001","StoSilco K 3,0 weiss (белая)","DE","фасад","декоративная штукатурка","силикон",25,"кг","Ведро",4.3,4.4000000000000004,"кг/м²",328.44561329475113,394.13473595370135,1694.7793646009156,9853.3683988425346,null,0,null,null,24,616.20000000000005,696]
["00187-028","StoSilco K 3,0 getönt (колерованная) C1","DE","фасад","декоративная штукатурка","силикон",25,"кг","Ведро",4.3,4.4000000000000004,"кг/м²",{"$f":"M103+34","v":362.44561329475113},434.93473595370136,1870.2193646009157,10873.368398842535,null,0,null,null,24,616.20000000000005,696]
["01219-001","StoSilco R 1,5 weiss (белая)","DE","фасад","декоративная штукатурка","силикон",25,"кг","Ведро",2.2000000000000002,2.2999999999999998,"кг/м²",409.03966923880711,490.84760308656848,1079.8647267904507,12271.190077164212,null,0,null,null,24,616.20000000000005,696,"наружняя силиконовая улучшенная штукатурка. Структура бороздчатая - типа \"короед\". Выдерживает механические нагрузки, хорошо самоочищающаяся, отличная устойчивость против воздействия микроорганизмов, высокая паропроницаемость и водоотталкивающая способность, хорошая погодоустойчивость, белая, колеруемая, высокая стабильность цветового фона, готова к применению."]
["01219-018","StoSilco R 1,5 getönt  (колерованная) C1","DE","фасад","декоративная штукатурка","силикон",25,"кг","Ведро",2.2000000000000002,2.2999999999999998,"кг/м²",{"$f":"M105+34","v":443.03966923880711},531.64760308656855,1169.6247267904509,13291.190077164214,null,0,null,null,24,616.20000000000005,696]
["00188-001","StoSilco R 2,0 weiss (белая)","DE","фасад","декоративная штукатурка","силикон",25,"кг","Ведро",2.7,2.8,"кг/м²",332.87638252552046,399.45165903062451,1078.5194793826863,9986.2914757656126,null,0,null,null,24,616.20000000000005,696]
["00188-023","StoSilco R 2,0 getönt  (колерованная) C1","DE","фасад","декоративная штукатурка","силикон",25,"кг","Ведро",2.7,2.8,"кг/м²",{"$f":"M107+34","v":366.87638252552046},440.25165903062452,1188.6794793826864,11006.291475765613,null,0,null,null,24,616.20000000000005,696]
["00189-001","StoSilco R 3,0 weiss (белая)","DE","фасад","декоративная штукатурка","силикон",25,"кг","Ведро",3.5,3.6,"кг/м²",332.51606784020578,399.01928140824691,1396.5674849288641,9975.4820352061724,null,0,null,null,24,616.20000000000005,696]
["00189-024","StoSilco R 3,0 getönt (колерованная) C1","DE","фасад","декоративная штукатурка","силикон",25,"кг","Ведро",3.5,3.6,"кг/м²",{"$f":"M109+34","v":366.51606784020578},439.81928140824692,1539.3674849288643,10995.482035206172,null,0,null,null,24,616.20000000000005,696]
["01214-001","StoSilco MP weiss (белая)","DE","фасад","декоративная штукатурка","силикон",25,"кг","Ведро",1.2,4,"кг/м²",334.22166224580008,401.06599469496007,481.27919363395205,10026.649867374002,null,0,null,null,24,616.20000000000005,696,"финишная штукатурка на основе силиконовых смол с моделируемой структурой "]
["01214-013","StoSilco MP getönt (колерованная) C1","DE","фасад","декоративная штукатурка","силикон",25,"кг","Ведро",1.2,4,"кг/м²",{"$f":"M111+34","v":368.22166224580008},441.86599469496008,530.23919363395203,11046.649867374002,null,0,null,null,24,616.20000000000005,696]
["14524_002","Sto-Silkolit K 1,0 weiss (белая)","RU","фасад","декоративная штукатурка","силикон",25,"кг","Ведро",1.9,1.9,"кг/м²",182.84699999999998,219.41639999999998,416.89115999999996,5485.41,null,0,"●",null,24,616.20000000000005,720,"наружняя стандартная силиконовая штукатурка. Структура зернистая - типа \"шуба\". Выдерживает механические нагрузки,  хорошая самоочищаемость, высокая паропроницаемость и водоотталкивающая способность, хорошая погодоустойчивость, белая, колеруемая, готова к применению.                      "]
["14524_001","Sto-Silkolit K 1,0 getönt  (колерованная) C1","RU","фасад","декоративная штукатурка","силикон",25,"кг","Ведро",1.9,1.9,"кг/м²",{"$f":"M113+34","v":216.84699999999998},260.21639999999996,494.41115999999988,6505.4099999999989,null,0,null,null,24,616.20000000000005,720]
["14006_031","Sto-Silkolit K 1,5 weiss (белая)","RU","фасад","декоративная штукатурка","силикон",25,"кг","Ведро",2.4,2.5,"кг/м²",182.84699999999998,219.41639999999998,526.59935999999993,5485.41,null,0,"●","●",24,616.20000000000005,720]
["14006_032","Sto-Silkolit K 1,5 getönt  (колерованная) C1","RU","фасад","декоративная штукатурка","силикон",25,"кг","Ведро",2.4,2.5,"кг/м²",{"$f":"M115+34","v":216.84699999999998},260.21639999999996,624.51935999999989,6505.4099999999989,null,0,null,null,24,616.20000000000005,720]
["14007_037","Sto-Silkolit K 2,0 weiss (белая)","RU","фасад","декоративная штукатурка","силикон",25,"кг","Ведро",3.1,3.2,"кг/м²",182.84699999999998,219.41639999999998,680.19083999999998,5485.41,null,0,"●",null,24,616.20000000000005,720]
["14007_036","Sto-Silkolit K 2,0 getönt (колерованная) C1","RU","фасад","декоративная штукатурка","силикон",25,"кг","Ведро",3.1,3.2,"кг/м²",{"$f":"M117+34","v":216.84699999999998},260.21639999999996,806.67083999999988,6505.4099999999989,null,0,null,null,24,616.20000000000005,720]
["14009_002","Sto-Silkolit R 2,0 weiss (белая)","RU","фасад","декоративная штукатурка","силикон",25,"кг","Ведро",3,3.1,"кг/м²",182.84699999999998,219.41639999999998,658.24919999999997,5485.41,null,0,"●",null,24,616.20000000000005,720]
["14009_001","Sto-Silkolit R 2,0 getönt (колерованная) C1","RU","фасад","декоративная штукатурка","силикон",25,"кг","Ведро",3,3.1,"кг/м²",{"$f":"M119+34","v":216.84699999999998},260.21639999999996,780.64919999999984,6505.4099999999989,null,0,null,null,24,616.20000000000005,720]
["04096-001","StoLotusan  K 1,0  weiss (белая)","DE","фасад","декоративная штукатурка","силикон/Лотос",25,"кг","Ведро",1.9,2,"кг/м²",561.75,674.1,1280.79,16852.5,null,0,null,null,24,616.20000000000005,696,"самоочищающаяся финишная штукатурка с \"эффектом лотоса\" и царапанной структурой (\"шуба\")"]
["04096-002","StoLotusan  K 1,0  getönt (колерованная) C1","DE","фасад","декоративная штукатурка","силикон/Лотос",25,"кг","Ведро",1.9,2,"кг/м²",{"$f":"M121+34","v":595.75},714.9,1358.31,17872.5,null,0,null,null,24,616.20000000000005,696]
["04790-001","StoLotusan  K 1,5  weiss (белая)","DE","фасад","декоративная штукатурка","силикон/Лотос",25,"кг","Ведро",2.4,2.5,"кг/м²",561.75,674.1,1617.84,16852.5,null,0,null,null,24,616.20000000000005,696]
["04790-002","StoLotusan  K 1,5  getönt (колерованная) C1","DE","фасад","декоративная штукатурка","силикон/Лотос",25,"кг","Ведро",2.4,2.5,"кг/м²",{"$f":"M123+34","v":595.75},714.9,1715.76,17872.5,null,0,null,null,24,616.20000000000005,696]
["04430-005","StoLotusan  K 2,0 weiss (белая)","DE","фасад","декоративная штукатурка","силикон/Лотос",25,"кг","Ведро",3.2,3.3,"кг/м²",561.75,{"$f":"M125*1.2","v":674.1},{"$f":"$N125*$J125","v":2157.1200000000003},{"$f":"$N125*$G125","v":16852.5},null,0,null,null,24,616.20000000000005,696]
["04430-006","StoLotusan  K 2,0 getönt (колерованная) C1","DE","фасад","декоративная штукатурка","силикон/Лотос",25,"кг","Ведро",3.2,3.3,"кг/м²",{"$f":"M125+34","v":595.75},714.9,2287.6799999999998,17872.5,null,0,null,null,24,616.20000000000005,696]
["04432-001","StoLotusan  K 3,0 weiss (белая)","DE","фасад","декоративная штукатурка","силикон/Лотос",25,"кг","Ведро",4.3,4.4000000000000004,"кг/м²",561.75,674.1,2898.63,16852.5,null,{"$f":"Q127*P127","v":0},null,null,24,616.20000000000005,696]
["04432-002","StoLotusan  K 3,0 getönt (колерованная) C1","DE","фасад","декоративная штукатурка","силикон/Лотос",25,"кг","Ведро",4.3,4.4000000000000004,"кг/м²",{"$f":"M127+34","v":595.75},714.9,3074.0699999999997,17872.5,null,0,null,null,24,616.20000000000005,696]
["04792-001","StoLotusan MP weiss (белая)","DE","фасад","декоративная штукатурка","силикон/Лотос",25,"кг","Ведро",1.2,4,"кг/м²",561.75,674.1,808.92,16852.5,null,0,null,null,24,616.20000000000005,696,"самоочищающаяся финишная штукатурка с \"эффектом лотоса\" и моделируемой структурой "]
["04792-002","StoLotusan MP getönt (колерованная) C1","DE","фасад","декоративная штукатурка","силикон/Лотос",25,"кг","Ведро",1.2,4,"кг/м²",{"$f":"M129+34","v":595.75},714.9,857.88,17872.5,null,0,null,null,24,616.20000000000005,696]
["02119-001","StoSil  K 1,0  weiss (белая)","DE","фасад","декоративная штукатурка","силикат",25,"кг","Ведро",2.1,2.2000000000000002,"кг/м²",327.16000000000003,392.59200000000004,824.44320000000016,9814.8000000000011,null,0,null,null,24,616.20000000000005,696,"финишная штукартурка на основе силикатных смол с царапанной структурой (\"шуба\") для минеральных оснований"]
["02119-002","StoSil  K 1,0  getönt (колерованная) C1","DE","фасад","декоративная штукатурка","силикат",25,"кг","Ведро",2.1,2.2000000000000002,"кг/м²",{"$f":"M131+34","v":361.16},433.392,910.1232,10834.8,null,0,null,null,24,616.20000000000005,696]
["00103-001","StoSil  K 1,5  weiss (белая)","DE","фасад","декоративная штукатурка","силикат",25,"кг","Ведро",2.2999999999999998,2.4,"кг/м²",327.16000000000003,392.59200000000004,902.96159999999998,9814.8000000000011,null,0,null,null,24,616.20000000000005,696]
["00103-039","StoSil  K 1,5  getönt (колерованная) C1","DE","фасад","декоративная штукатурка","силикат",25,"кг","Ведро",2.2999999999999998,2.4,"кг/м²",{"$f":"M133+34","v":361.16},433.392,996.80159999999989,10834.8,null,0,null,null,24,616.20000000000005,696]
["00104-001","StoSil  K 2,0 weiss (белая)","DE","фасад","декоративная штукатурка","силикат",25,"кг","Ведро",3,3.1,"кг/м²",327.16000000000003,392.59200000000004,1177.7760000000001,9814.8000000000011,null,0,null,null,24,616.20000000000005,696]
["00104-039","StoSil  K 2,0 getönt (колерованная) C1","DE","фасад","декоративная штукатурка","силикат",25,"кг","Ведро",3,3.1,"кг/м²",{"$f":"M135+34","v":361.16},433.392,1300.1759999999999,10834.8,null,0,null,null,24,616.20000000000005,696]
["00105-001","StoSil  K 3,0 weiss (белая)","DE","фасад","декоративная штукатурка","силикат",25,"кг","Ведро",4.3,4.4000000000000004,"кг/м²",327.16000000000003,392.59200000000004,1688.1456000000001,9814.8000000000011,null,0,null,null,24,616.20000000000005,696]
["00105-038","StoSil  K 3,0 getönt (колерованная) C1","DE","фасад","декоративная штукатурка","силикат",25,"кг","Ведро",4.3,4.4000000000000004,"кг/м²",{"$f":"M137+34","v":361.16},433.392,1863.5855999999999,10834.8,null,0,null,null,24,616.20000000000005,696]
["00107-001","StoSil  R 1.5 weiss (белая)","DE","фасад","декоративная штукатурка","силикат",25,"кг","Ведро",2.2999999999999998,2.4,"кг/м²",397.35540350454136,476.82648420544962,1096.7009136725339,11920.66210513624,null,0,null,null,24,616.20000000000005,696,"финишная штукартурка на основе силикатных смол с бороздчатой структурой (\"короед\") для минеральных оснований"]
["00107-036","StoSil  R 1.5 getönt (колерованная) C1","DE","фасад","декоративная штукатурка","силикат",25,"кг","Ведро",2.2999999999999998,2.4,"кг/м²",{"$f":"M139+34","v":431.35540350454136},517.62648420544963,1190.5409136725341,12940.66210513624,null,0,null,null,24,616.20000000000005,696]
["00108-001","StoSil  R 2,0 weiss (белая)","DE","фасад","декоративная штукатурка","силикат",25,"кг","Ведро",3,3.1,"кг/м²",350.42638252552047,420.51165903062457,1261.5349770918738,10512.791475765614,null,0,null,null,24,616.20000000000005,696]
["00108-038","StoSil  R 2,0 getönt (колерованная) C1","DE","фасад","декоративная штукатурка","силикат",25,"кг","Ведро",3,3.1,"кг/м²",{"$f":"M141+34","v":384.42638252552047},461.31165903062453,1383.9349770918736,11532.791475765613,null,0,null,null,24,616.20000000000005,696]
["00109-001","StoSil  R 3,0 weiss (белая)","DE","фасад","декоративная штукатурка","силикат",25,"кг","Ведро",3.9,4,"кг/м²",383.33302588216372,459.99963105859644,1793.998561128526,11499.990776464911,null,0,null,null,24,616.20000000000005,696]
["00109-039","StoSil  R 3,0 getönt (колерованная) C1","DE","фасад","декоративная штукатурка","силикат",25,"кг","Ведро",3.9,4,"кг/м²",{"$f":"M143+34","v":417.33302588216372},500.79963105859645,1953.1185611285262,12519.990776464911,null,0,null,null,24,616.20000000000005,696]
["00110-001","StoSil MP weiss (белая)","DE","фасад","декоративная штукатурка","силикат",25,"кг","Ведро",1.2,4,"кг/м²",327.16000000000003,392.59200000000004,471.11040000000003,9814.8000000000011,null,0,null,null,24,616.20000000000005,696,"финишная штукатурка на основе силикатных смол с моделируемой структурой для минеральных оснований"]
["00110-034","StoSil MP getönt (колерованная) C1","DE","фасад","декоративная штукатурка","силикат",25,"кг","Ведро",1.2,4,"кг/м²",{"$f":"M145+34","v":361.16},433.392,520.07039999999995,10834.8,null,0,null,null,24,616.20000000000005,696]
["01505_001","Sto-Strukturputz K 1,5 weiss (белая)","RU","фасад","декоративная штукатурка","цемент","25","кг","Мешок",1.9,2,"кг/м²",49.265999999999998,59.119199999999992,112.32647999999998,1477.9799999999998,null,0,"●",null,36,903.6,720,"минеральная финишная штукатурка, усиленная органическими добавками - царапанная структура (\"шуба\") для минеральных оснований\n"]
["01502_004","Sto-Strukturputz K 2,0 weiss (белая)","RU","фасад","декоративная штукатурка","цемент","25","кг","Мешок",2.4,2.5,"кг/м²",49.265999999999998,59.119199999999992,141.88607999999996,1477.9799999999998,null,0,"●","●",36,903.6,720]
["01512_001","Sto-Strukturputz R 1,5 weiss (белая)","RU","фасад","декоративная штукатурка","цемент",25,"кг","Мешок",1.9,2,"кг/м²",49.265999999999998,59.119199999999992,112.32647999999998,1477.9799999999998,null,0,"●",null,36,903.6,720,"минеральная финишная штукатурка, усиленная органическими добавками - бороздчатая структура (\"короед\") для минеральных оснований"]
["01512_002","Sto-Strukturputz R 2,0 weiss (белая)","RU","фасад","декоративная штукатурка","цемент","25","кг","Мешок",2.4,2.5,"кг/м²",49.265999999999998,59.119199999999992,141.88607999999996,1477.9799999999998,null,0,"●",null,36,903.6,720]
["08744-001","StoMiral K 1,0 weiss (белая)","DE","фасад","декоративная штукатурка","цемент",25,"кг","Мешок",1.6,1.7,"кг/м²",165.62637000000001,198.751644,318.00263040000004,4968.7911000000004,null,0,null,null,36,903.6,720,"минеральная финишная штукатурка, усиленная органическими добавками - царапанная структура (\"шуба\") для минеральных оснований\n"]
["01380-001","StoMiral K 1,5 weiss (белая)","DE","фасад","декоративная штукатурка","цемент",25,"кг","Мешок",1.8,1.9,"кг/м²",165.62637000000001,198.751644,357.75295920000002,4968.7911000000004,null,0,null,null,36,903.6,720]
["01381-001","StoMiral K 2,0 weiss (белая)","DE","фасад","декоративная штукатурка","цемент",25,"кг","Мешок",2.4,2.5,"кг/м²",165.62637000000001,198.751644,477.00394559999995,4968.7911000000004,null,0,null,null,36,903.6,720]
["01382-001","StoMiral K 3,0 weiss (белая)","DE","фасад","декоративная штукатурка","цемент",25,"кг","Мешок",2.7,2.8,"кг/м²",165.62637000000001,198.751644,536.6294388,4968.7911000000004,null,0,null,null,36,903.6,720]
["01385-001","StoMiral R 1,5 weiss (белая)","DE","фасад","декоративная штукатурка","цемент",25,"кг","Мешок",1.8,1.9,"кг/м²",165.62637000000001,198.751644,357.75295920000002,4968.7911000000004,null,0,null,null,36,903.6,720,"финишная штукатурка, усиленная органическими добавками - бороздчатая структура (\"короед\") для минеральных оснований\n"]
["01386-001","StoMiral R 2,0 weiss (белая)","DE","фасад","декоративная штукатурка","цемент",25,"кг","Мешок",2.4,2.5,"кг/м²",165.62637000000001,198.751644,477.00394559999995,4968.7911000000004,null,0,null,null,36,903.6,720]
["01387-001","StoMiral R 3,0 weiss (белая)","DE","фасад","декоративная штукатурка","цемент",25,"кг","Мешок",2.8,2.9,"кг/м²",165.62637000000001,198.751644,556.50460319999991,4968.7911000000004,null,0,null,null,36,903.6,720]
["00113-020","StoMiral MP weiss (белая)","DE","фасад","декоративная штукатурка","цемент",25,"кг","Мешок",1.5,4,"кг/м²",165.62637000000001,198.751644,298.12746600000003,4968.7911000000004,null,{"$f":"Q158*P158","v":0},null,null,36,903.6,720,"минеральная финишная штукатурка с моделируемой структурой"]
["00113-023","StoMiral MP getönt (колерованная) C1","DE","фасад","декоративная штукатурка","цемент","25","кг","Мешок",1.5,4,"кг/м²",{"$f":"M158+34","v":199.62637000000001},239.55164400000001,359.32746600000002,5988.7911000000004,null,0,null,null,36,903.6,720]
["01388-001","StoMiral Nivell F (мелкозернистая)","DE","фасад","декоративная штукатурка","цемент",25,"кг","Мешок",3.4,3.5,"кг/м²",165.62637000000001,198.751644,675.75558960000001,4968.7911000000004,null,0,null,null,36,903.6,720,"мелкозернистая минеральная штукатурка для имитации затертой штукатурки, необходимо покрывать фасадной краской  "]
["09548-002","StoColor Dryonic weiss (белая)","DE","фасад","краска","акрил","15","л","Ведро",0.12,0.4,"л/м² ",1249.2856414965506,1499.1427697958607,179.89713237550328,22487.14154693791,null,0,"●","●",24,478.43999999999994,792,"Уникальный новый продукт! Краска с \"эффектом сухого фасада\" - \"Сухая поверхность, несмотря ни на что\". Отлично колеруется во многие цвета. Низкий расход. Подходит для поверхностей почти любого типа."]
["09548-001","StoColor Dryonic getönt (колер.) C1 ","DE","фасад","краска","акрил","15","л","Ведро",0.12,0.4,"л/м² ",{"$f":"M161+68","v":1317.2856414965506},1580.7427697958608,189.68913237550328,23711.141546937914,null,0,null,"●",24,478.43999999999994,792]
["09548-006","StoColor Dryonic G (белая)","DE","фасад","краска","акрил","15","л","Ведро",0.12,0.4,"л/м² ",1247.8467767182312,{"$f":"M163*1.2","v":1497.4161320618775},179.68993584742529,22461.241980928164,null,{"$f":"Q163*P163","v":0},"●","●",24,478.43999999999994,792,"Уникальный новый продукт! Краска с \"эффектом сухого фасада\" - \"Сухая поверхность, несмотря ни на что\". Отлично колеруется во многие цвета. Низкий расход. Подходит для поверхностей почти любого типа. Усилена антигрибковой добавкой G"]
["09548-005","StoColor Dryonic G getönt (колер.) С1","DE","фасад","краска","акрил","15","л","Ведро",0.12,0.4,"л/м² ",{"$f":"M163+68","v":1315.8467767182312},{"$f":"M164*1.2","v":1579.0161320618774},189.48193584742529,23685.24198092816,null,{"$f":"Q164*P164","v":0},"●","●",24,478.43999999999994,792]
["09548-016","StoColor Dryonic S  weiss (белая)","DE","фасад","краска","акрил","15","л","Ведро",0.12,0.4,"л/м² ",1706.9858338042427,2048.3830005650912,245.80596006781093,30725.745008476366,null,0,null,null,24,478.43999999999994,792,"Уникальный новый продукт! Краска с \"эффектом сухого фасада\" - \"Сухая поверхность, несмотря ни на что\". Изготовлена по технологии \"Сан Блок\"- гарантия от выгорания до 5-ти лет, даже для насыщенных тонов. Отлично колеруется во многие цвета. Низкий расход. Подходит для поверхностей почти любого типа. Колеровка некоторых цветов на головном предприятии (в Германии)"]
["09548-015","StoColor Dryonic S getönt (колер.) C1 ","DE","фасад","краска","акрил","15","л","Ведро",0.12,0.3,"л/м² ",{"$f":"M165+68","v":1774.9858338042427},2129.9830005650911,255.59796006781093,31949.745008476366,null,0,null,null,24,478.43999999999994,792]
["09548-018","StoColor Dryonic S  weiss (белая)","DE","фасад","краска","акрил",5,"л","Ведро",0.12,0.3,"л/м² ",1878.3134306350216,2253.9761167620259,270.47713401144307,11269.880583810129,null,0,null,null,60,398.7,1980]
["09548-017","StoColor Dryonic S getönt (колер.) C1 ","DE","фасад","краска","акрил",5,"л","Ведро",0.12,0.3,"л/м² ",{"$f":"M167+68","v":1946.3134306350216},2335.5761167620258,280.2691340114431,11677.880583810129,null,0,null,null,60,398.7,1980]
["09548-024","StoColor Dryonic Wood weiss (белая)","DE","древесина","краска","акрил",10,"л","Ведро",0.12,0.3,"л/м² ",1417.1787690816482,1700.6145228979778,204.07374274775734,17006.145228979778,null,0,null,null,27,358.83,891,"Уникальный новый продукт! Краска для дерева с \"эффектом сухого фасада\" - \"Сухая поверхность, несмотря ни на что\". Отлично колеруется во многие цвета. Низкий расход. Подходит для покраски деревянных поверхностей."]
["09548-023","StoColor Dryonic Wood getönt (колер.) C1 ","DE","древесина","краска","акрил","10","л","Ведро",0.12,0.3,"л/м² ",{"$f":"M169+68","v":1485.1787690816482},1782.2145228979778,213.86574274775731,17822.145228979778,null,0,null,null,27,358.83,891]
["09548-035","StoColor Dryonic Wood weiss (белая)","DE","древесина","краска","акрил","2,5","л","Ведро",0.12,0.3,"л/м² ",1779.0324543217723,2134.8389451861267,256.18067342233519,5337.0973629653163,null,0,null,null,72,239.256,2376]
["09548-033","StoColor Dryonic Wood getönt (колер.) C1 ","DE","древесина","краска","акрил","2,5","л","Ведро",0.12,0.3,"л/м² ",{"$f":"M171+68","v":1847.0324543217723},2216.4389451861266,265.97267342233516,5541.0973629653163,null,0,null,null,72,239.256,2376]
["03206-064","StoColor Lotusan weiss (белая)","DE","фасад","краска","силикон/Лотос",12.5,"л","Ведро",0.16,0.4,"л/м² ",903.65965755966579,1084.3915890715989,173.50265425145582,13554.894863394986,null,0,"●","●",32,628,928,"Уникальный продукт! Единственная в мире самоочищающаяся силиконовая краска с \"эффектом лотоса\". Очень низкий расход. Подходит для поверхности многих типов."]
["03206-063","StoColor Lotusan getönt (колер.) C1 ","DE","фасад","краска","силикон/Лотос",12.5,"л","Ведро",0.16,0.4,"л/м² ",{"$f":"M173+68","v":971.65965755966579},1165.9915890715988,186.55865425145581,14574.894863394986,null,0,null,null,32,628,928]
["02939-001","StoColor Photosan weiss (белая)","DE","фасад","краска","акрил","15","л","Ведро",0.15,0.36,"л/м² ",1932.42,2318.904,347.8356,34783.56,null,0,null,null,24,550.79999999999995,792,"активная фасадная краска с очищающим действием. С функцией очищения воздуха. Рекомендована для покраски первой линии домов в мегаполисах. Высокая укрывистость и водоотталкивающая способность. Сохраняет структуру основания."]
["02939-002","StoColor Photosan getönt (колерованная) C1","DE","фасад","краска","акрил","15","л","Ведро",0.15,0.36,"л/м² ",{"$f":"M175+68","v":2000.42},2400.5039999999999,360.07559999999995,36007.56,null,0,null,null,24,550.79999999999995,792]
["08780-003","StoColor X-blaсk  (колерованная) C1","DE","фасад","краска","акрил","15","л","Ведро",0.15,0.36,"л/м² ",1977.3600000000001,2372.8319999999999,355.92479999999995,35592.479999999996,null,0,null,null,24,537.84,792,"специальная краска для насыщенных цветов, предотвращает чрезмерный нагрев фасада. Специально разработана для систем теплоизоляции. Поставляется под заказ и только колерованная."]
["08780-004","StoColor X-blaсk  (колерованная) C1","DE","фасад","краска","акрил","5","л","Ведро",0.15,0.36,"л/м² ",{"$f":"M177+68","v":2045.3600000000001},2454.4320000000002,368.16480000000001,12272.160000000002,null,0,null,null,60,450.3,1980]
["00207-014","StoColor Sil weiss (белая)","DE","фасад","краска","силикат",15,"л","Ведро",0.15,0.4,"л/м² ",751.53645211419393,901.84374253703265,135.27656138055488,13527.65613805549,null,0,null,null,24,586.43999999999994,744,"дисперсионно-силикатная краска для минеральных поверхностей. Низкий расход."]
["00207-050","StoColor Sil getönt (колерованная) C1","DE","фасад","краска","силикат",15,"л","Ведро",0.15,0.4,"л/м² ",{"$f":"M179+68","v":819.53645211419393},983.44374253703268,147.51656138055489,14751.65613805549,null,0,null,null,24,586.43999999999994,744]
["09549-002","StoColor Solical (белая)","DE","фасад","краска","соль-силикат",15,"л","Ведро",0.15,0.4,"л/м² ",966.91243113517294,1160.2949173622076,174.04423760433113,17404.423760433114,null,0,null,null,24,586.43999999999994,744,"Уникальная краска на основе сольсиликата! Отлично противостоит атмосферным осадкам, очень высокая паропроницаемость, 100% адгезия к минеральным основаниям"]
["09549-001","StoColor Solical (колерованная) C1","DE","фасад","краска","соль-силикат",15,"л","Ведро",0.15,0.4,"л/м² ",{"$f":"M181+68","v":1034.9124311351729},1241.8949173622075,186.28423760433111,18628.423760433114,null,0,null,null,24,586.43999999999994,744]
["09549-006","StoColor Solical G (белая)","DE","фасад","краска","соль-силикат",15,"л","Ведро",0.15,0.4,"л/м² ",992.59126947514858,{"$f":"M183*1.2","v":1191.1095233701783},178.66642850552674,17866.642850552675,null,{"$f":"Q183*P183","v":0},null,null,24,586.43999999999994,744,"Уникальная краска на основе сольсиликата! Отлично противостоит атмосферным осадкам, очень высокая паропроницаемость, 100% адгезия к минеральным основаниям. Усилена антигрибковой добавкой G"]
["09549-005","StoColor Solical G (колерованная) С1","DE","фасад","краска","соль-силикат",15,"л","Ведро",0.15,0.4,"л/м² ",{"$f":"M183+68","v":1060.5912694751487},{"$f":"M184*1.2","v":1272.7095233701784},190.90642850552675,19090.642850552678,null,{"$f":"Q184*P184","v":0},null,null,24,586.43999999999994,744]
["00058-002","StoColor Solical Fill (белая)","DE","фасад","структурная краска","соль-силикат",25,"л","Ведро",0.3,0.7,"л/м² ",573.52292363663889,688.22750836396665,206.46825250918999,17205.687709099166,null,0,null,null,24,616.31999999999994,744,"Уникальная структурная краска на основе сольсиликата! Отлично противостоит атмосферным осадкам, очень высокая паропроницаемость, 100% адгезия к минеральным основаниям"]
["00058-001","StoColor Solical Fill (колерованная) C1","DE","фасад","структурная краска","соль-силикат",25,"л","Ведро",0.3,0.7,"л/м² ",{"$f":"M185+68","v":641.52292363663889},769.82750836396667,230.94825250918998,19245.687709099166,null,0,null,null,24,616.31999999999994,744]
["00248-001","StoColor Sil Lasura","DE","фасад","лазурь","силикат",10,"л","Канистра",0.1,0.2,"л/м² ",532.68652181152174,639.22382617382607,63.92238261738261,6392.2382617382609,null,0,null,null,60,635.4,1680,"дисперсионно - силикатная лазурь для нанесения лессирующего финишного покрытия."]
["14026_129","StoColor Neosil B weiss (белая)","RU","фасад","краска","акрил","15","л","Ведро",0.16,0.5,"л/м² ",388.28160000000003,465.93792000000002,74.550067200000001,6989.0688,null,0,null,"●",24,574.79999999999995,744,"фасадная матовая  краска на основе полимерных смол с высокой паропроницаемостью. Колеруется в  тона группы С1"]
["14026_229","StoColor Neosil B getönt (колерованная) C1","RU","фасад","краска","акрил","15","л","Ведро",0.16,0.5,"л/м² ",{"$f":"M188+68","v":456.28160000000003},547.53791999999999,87.606067199999998,8213.0687999999991,null,0,null,null,24,574.79999999999995,744]
["14026_130","StoColor Neosil B G ","RU","фасад","краска","акрил","15","л","Ведро",0.16,0.5,"л/м²",407.69568000000004,{"$f":"M190*1.2","v":489.23481600000002},78.277570560000001,7338.5222400000002,null,{"$f":"Q190*P190","v":0},null,null,24,574.79999999999995,744,"фасадная матовая  краска на основе полимерных смол с высокой паропроницаемостью с биоцидными добавками. Колеруется в  тона группы С1"]
["14026_230","StoColor Neosil B G (колерованная) С1","RU","фасад","краска","акрил","15","л","Ведро",0.16,0.5,"л/м²",{"$f":"M190+68","v":475.69568000000004},{"$f":"M191*1.2","v":570.83481600000005},91.333570560000013,8562.5222400000002,null,0,null,null,24,574.79999999999995,744]
["00230-003","StoColor S grob weiss (крупный наполнитель, белая)","DE","универсальный","структурная краска","акрил",25,"л","Ведро",0.3,0.8,"л/м² ",396.64736154649938,475.97683385579921,142.79305015673975,11899.42084639498,null,0,"●",null,24,616.20000000000005,696,"Уникальный продукт! Матовая наполненная дисперсионная краска с тонкой или грубой структурой. Позволяет создавать различные структуры, обладает прекрасными заполняющими свойствами."]
["00230-001","StoColor S grob getönt (крупный наполнитель, колерованная)","DE","универсальный","структурная краска","акрил",25,"л","Ведро",0.3,0.8,"л/м² ",521.15417972831767,{"$f":"M193*1.2","v":625.38501567398123},{"$f":"$N193*$J193","v":187.61550470219436},{"$f":"$N193*$G193","v":15634.625391849531},null,0,null,null,24,616.20000000000005,696]
["00231-001","StoColor S fein weiss (мелкий наполнитель, белая)","DE","универсальный","структурная краска","акрил",25,"л","Ведро",0.3,0.8,"л/м² ",396.98525320617705,476.38230384741246,142.91469115422373,11909.557596185312,null,0,"●","●",24,616.20000000000005,696]
["00231-004","StoColor S fein getönt (мелкий наполнитель, колерованная)","DE","универсальный","структурная краска","акрил",25,"л","Ведро",0.3,0.8,"л/м² ",609.53040350454137,731.43648420544957,219.43094526163486,18285.912105136238,null,{"$f":"Q195*P195","v":0},null,null,24,616.20000000000005,696]
["00201-014","StoColor Maxicryl weiss (белая) ","DE","фасад","краска","акрил",15,"л","Ведро",0.15,0.4,"л/м² ",1015.5424247133337,1218.6509096560005,182.79763644840008,18279.763644840008,null,0,null,null,24,539.64,792,"универсальная матовая высокоукрывистая дисперсионная краска, применяется на всех типах оснований. Отлично подходит для поверхностей, подвергающихся высокой влажностной нагрузке, очень хорошая защита от дождя. Очень низкий расход."]
["00201-044","StoColor Maxicryl getönt (колерованная) C1","DE","фасад","краска","акрил",15,"л","Ведро",0.15,0.4,"л/м² ",{"$f":"M196+68","v":1083.5424247133337},1300.2509096560004,195.03763644840006,19503.763644840008,null,0,null,null,24,539.64,792]
["00201-009","StoColor Maxicryl weiss (белая) ","DE","фасад","краска","акрил","5","л","Ведро",0.15,0.4,"л/м² ",1241.4293746909655,1489.7152496291585,223.45728744437378,7448.5762481457923,null,0,null,null,60,449.7,1980]
["00201-057","StoColor Maxicryl getönt (колерованная) C1","DE","фасад","краска","акрил","5","л","Ведро",0.15,0.4,"л/м² ",{"$f":"M198+68","v":1309.4293746909655},1571.3152496291584,235.69728744437376,7856.5762481457923,null,0,null,null,60,449.7,1980]
["00274-001","StoColor Fibrasil weiss (белая)","DE","фасад","санирующая краска","акрил",15,"л","Ведро",0.2,0.6,"л/м² ",923.69185985980141,1108.4302318317616,221.68604636635234,16626.453477476425,null,0,null,null,24,498.24,792,"матовая эластичная дисперсионная краска, усиленная полисилоксаном, особо подходит для перекрытия мелких трещин, создает небольшую структуру. "]
["00274-007","StoColor Fibrasil getönt (колерованная) C1","DE","фасад","санирующая краска","акрил",15,"л","Ведро",0.2,0.6,"л/м² ",{"$f":"M200+68","v":991.69185985980141},1190.0302318317617,238.00604636635236,17850.453477476425,null,0,null,null,24,498.24,792]
["00270-001","StoColor Top weiss (белая)","DE","универсальный","краска","акрил",15,"л","Ведро",0.15,0.4,"л/м² ",1033.7714533297119,1240.5257439956542,186.07886159934813,18607.886159934813,null,0,"●","●",24,510.84000000000003,792,"матовая дисперсионная краска на  чисто акрилатной основе с антикоррозионными добавками, применяется на различных типах оснований, включая древесину и металл."]
["00270-015","StoColor Top getönt (колерованная) C1","DE","универсальный","краска","акрил",15,"л","Ведро",0.15,0.4,"л/м² ",{"$f":"M202+68","v":1101.7714533297119},1322.1257439956541,198.31886159934811,19831.886159934813,null,0,null,null,24,510.84000000000003,792]
["00866-001","StoSuperlit Protect  transparent (прозрачный)","DE","фасад","лазурь","акрил",15,"кг","Ведро",0.16,0.4,"кг/м²",1154.9567858067858,1385.948142968143,221.75170287490289,20789.222144522144,null,0,null,null,24,375.84000000000003,792,"прозрачное защитное, полуглянцевое покрытие, идеально подходит для старых мозаичных штукатурок типа StoSuperlit."]
["00319-011","StoColor Metallic natur (серебристого цвета) 37800М","DE","фасад","краска металлик","акрил",10,"л","Ведро",0.1,0.3,"л/м² ",1431.7041711795498,1718.0450054154596,171.80450054154596,17180.450054154597,null,0,"●",null,27,310.77,891,"декоративное водоразбавимое финишное покрытие (краска) с эффектом \"металлик\"  для наружных и внутренних работ"]
["00319-004","StoColor Metallic getönt (колерованная, серебристая) C1","DE","фасад","краска металлик","акрил","10","л","Ведро",0.1,0.3,"л/м² ",{"$f":"M205+68","v":1499.7041711795498},1799.6450054154598,179.96450054154599,17996.450054154597,null,0,null,null,27,310.77,891]
["00319-010","StoColor Metallic natur (серебристого цвета) 37800М","DE","фасад","краска металлик","акрил",5,"л","Ведро",0.1,0.3,"л/м² ",1563.7835704951613,1876.5402845941935,187.65402845941935,9382.7014229709675,null,0,"●","●",60,345.3,1980]
["00319-003","StoColor Metallic getönt (колерованная, серебристая) C1","DE","фасад","краска металлик","акрил",5,"л","Ведро",0.1,0.3,"л/м² ",{"$f":"M207+68","v":1631.7835704951613},1958.1402845941934,195.81402845941935,9790.7014229709675,null,0,null,null,60,345.3,1980]
["00319-025","StoColor Metallic natur (золотистого цвета) 37820М","DE","фасад","краска металлик","акрил","10","л","Ведро",0.1,0.3,"л/м² ",3231.5963914592694,3877.915669751123,387.79156697511235,38779.156697511229,null,0,null,null,27,307.8,891]
["00319-104","StoColor Metallic getönt (колерованная, золотистая) C1","DE","фасад","краска металлик","акрил","10","л","Ведро",0.1,0.3,"л/м² ",{"$f":"M209+68","v":3299.5963914592694},3959.5156697511229,395.95156697511231,39595.156697511229,null,0,null,null,27,307.8,891]
["00319-024","StoColor Metallic natur (золотистого цвета) 37820М","DE","фасад","краска металлик","акрил","5","л","Ведро",0.1,0.3,"л/м² ",3318.1754411245311,3981.8105293494373,398.18105293494375,19909.052646747186,null,0,null,"●",60,342,1980]
["00319-103","StoColor Metallic getönt (колерованная, золотистая) C1","DE","фасад","краска металлик","акрил","5","л","Ведро",0.1,0.3,"л/м² ",{"$f":"M211+68","v":3386.1754411245311},4063.4105293494372,406.34105293494372,20317.052646747186,null,0,null,null,60,342,1980]
["00217-082","StoColor Silco weiss (белая)","DE","фасад","краска","силикон","15","л","Ведро",0.2,0.5,"л/м² ",831.3900000000001,997.66800000000012,199.53360000000004,14965.020000000002,null,0,null,null,24,561.16800000000001,768,"Уникальная, чисто силиконовая матовая фасадная краска (кол-во силиконового связующего около 50%). Колеруется во многие цвета, укрывистая. При правильном нанесении надежно защищает фасад на многие года. "]
["00217-079","StoColor Silco getönt (колерованная) С1","DE","фасад","краска","силикон","15","л","Ведро",0.2,0.5,"л/м² ",{"$f":"M213+68","v":899.3900000000001},1079.268,215.85360000000003,16189.02,null,0,null,null,24,561.16800000000001,768]
["00269-061","StoColor Silco G weiss (белая)","DE","фасад","краска","силикон","15","л","Ведро",0.2,0.5,"л/м² ",828.19924436674421,{"$f":"M215*1.2","v":993.83909324009301},198.76781864801862,14907.586398601396,null,{"$f":"Q215*P215","v":0},null,null,24,561.16800000000001,768,"Уникальная, чисто силиконовая матовая фасадная краска (кол-во силиконового связующего около 50%). Колеруется во многие цвета, укрывистая. При правильном нанесении надежно защищает фасад на многие года. Усилена антигрибковой добавкой G"]
["00269-060","StoColor Silco G getönt","DE","фасад","краска","силикон","15","л","Ведро",0.2,0.5,"л/м² ",{"$f":"M215+68","v":896.19924436674421},{"$f":"M216*1.2","v":1075.4390932400929},215.08781864801858,16131.586398601394,null,0,null,null,24,561.16800000000001,768]
["00278-001","StoColor Jumbosil weiss (белая)","DE","фасад","краска","силикон",15,"л","Ведро",0.2,0.5,"л/м² ",577.35264025278923,692.82316830334707,138.56463366066941,10392.347524550207,null,0,"●",null,24,572.04,744,"Уникальный продукт! Надежная силиконовая матовая фасадная краска. Отлично колеруется во многие цвета, укрывистая. При правильном нанесении надежно защищает фасад на многие года. "]
["00278-006","StoColor Jumbosil getönt (колерованная) C1","DE","фасад","краска","силикон",15,"л","Ведро",0.2,0.5,"л/м² ",{"$f":"M217+68","v":645.35264025278923},774.4231683033471,154.88463366066944,11616.347524550207,null,0,null,null,24,572.04,744]
["00239-002","StoColor Silco Fill weiss (белая)","DE","фасад","структурная краска","силикон",25,"кг","Ведро",0.35,0.8,"кг/м²",561.75,674.1,235.935,16852.5,null,0,null,null,24,369.71999999999997,792,"наполненная краска на силиконовой основе, применяется на неэластичных органических и минеральных основаниях, заполняет неровности, имеет структуру \"апельсиновой корки\"   "]
["00239-013","StoColor Silco Fill getönt (колерованная) C1","DE","фасад","структурная краска","силикон",25,"кг","Ведро",0.35,0.8,"кг/м²",{"$f":"M219+68","v":629.75},755.69999999999993,264.49499999999995,18892.5,null,0,null,null,24,369.71999999999997,792]
["00488-004","StoColor Lastic weiss (белая)","DE","фасад","санирующая краска","акрил","15","л","Ведро",0.3,0.7,"л/м² ",956.99663800004691,1148.3959656000563,344.51878968001688,17225.939484000846,null,0,"●","●",24,498.24,792,"шелковисто-матовая дисперсионная краска для высокоэластичных покрытий, сохраняет  эластичность при низких температурах. Рекомендована в системе санации Sto-Rissanierungssystem"]
["00488-010","StoColor Lastic getönt (колерованная) C1","DE","фасад","санирующая краска","акрил",15,"л","Ведро",0.3,0.7,"л/м² ",{"$f":"M221+68","v":1024.9966380000469},1229.9959656000563,368.99878968001684,18449.939484000843,null,0,null,null,24,498.24,792]
["01358-001","StoColor Silco Elast weiss (белая)","DE","фасад","санирующая краска","силикон",15,"л","Ведро",0.25,0.5,"л/м² ",1145.97,1375.164,343.791,20627.46,null,0,"●",null,24,539.28,792,"эластичная фасадная краска на основе силиконовой смолы, сохраняет эластичность  при низких температурах. Рекомендована в системе санации Sto-Risssanierungssystem"]
["01358-003","StoColor Silco Elast getönt (колерованная) C1","DE","фасад","санирующая краска","силикон",15,"л","Ведро",0.25,0.5,"л/м² ",{"$f":"M223+68","v":1213.97},1456.7639999999999,364.19099999999997,21851.46,null,0,null,null,24,539.28,792]
["00256-002","StoColor Sumpfkalk natur (натурального цвета)","DE","фасад","краска","известь",30,"кг","Ведро",0.15,0.5,"кг/м²",352.32960000000008,422.79552000000007,63.419328000000007,12683.865600000003,null,0,null,null,24,748.8,576,"натуральная известковая краска для минеральных поверхностей, имеет вид обожженного известкового болотного мрамора"]
["14217-002","Siliciumcarbid F 54","DE","универсальный","эффектная добавка","Н/Д","25","кг","мешок",0.1,0.5,"кг/м²",603.99360000000013,724.79232000000013,72.47923200000001,18119.808000000005,null,0,null,null,40,1080,680,"карбид силиция, для создания декоративных поверхностей с эффектом мерцания (подходит для фасадов c материалом Stolit-Effect и для интерьеров)"]
["14218-002","Siliciumcarbid F 20","DE","универсальный","эффектная добавка","Н/Д","25","кг","мешок",0.1,0.5,"кг/м²",603.99360000000013,724.79232000000013,72.47923200000001,18119.808000000005,null,0,null,null,40,1080,680]
["14219-002","Siliciumcarbid F 14","DE","универсальный","эффектная добавка","Н/Д","25","кг","мешок",0.1,0.5,"кг/м²",603.99360000000013,724.79232000000013,72.47923200000001,18119.808000000005,null,0,null,null,40,1080,680]
["03299-005","StoEffect Vetro","DE","универсальный","эффектная добавка","Н/Д","20","кг","Ведро",0.1,0.5,"кг/м²",1283.6201243201242,1540.344149184149,154.03441491841491,30806.882983682983,null,0,null,null,24,495.84000000000003,792,"эффектная прозрачная обсыпка для придания мерцающего эффекта как на фасаде, так и в интерьере. Используется совместно с штукатурками или красками Sto. "]
["04399-002","StoEffect Terrazzo natur (натурального цвета)","DE","универсальный","эффектная добавка","Н/Д","25","кг","Ведро",0.2,0.5,"кг/м²",264.24720000000002,317.09664000000004,63.419328000000007,7927.4160000000011,null,0,null,null,24,616.20000000000005,6965,"смесь из нескольких видов натурального песка для создания декоративных  покрытий, например, в сочетании со Stolit Effect. Подходит для фасадов и интерьеров."]
["00728_002","Sto-Baukleber","RU","универсальный","клей","цемент","25","кг","Мешок",4,6,"кг/м²",34.21,41.052,164.208,1026.3,null,0,"●","●",36,903.6,720,"усиленный цементно-серый минеральный клеящий раствор для неровных органических и минеральных неэластичных оснований"]
["01373_029","StoLevell Duo plus","RU","универсальный","клей- армировка СФТК","цемент","25","кг","Мешок",4.5,8,"кг/м²",42.399000000000001,50.878799999999998,228.9546,1271.97,null,0,"●",null,36,903.6,720,"минеральный клеящий и армирующий усиленный микроволокнами раствор для минеральных оснований, подходит для машинного нанесения. QS - модификация продукта для применения при пониженных уличных температурах в осенний и/или весенние периоды."]
["00728_102","StoLevell Basic K/StoColl Basic","RU","универсальный","клей","цемент","25","кг","Мешок",4.5,8,"кг/м²",27.132525000000001,32.55903,146.515635,813.97574999999995,null,0,null,null,36,903.6,720]
["01373_129","StoLevell Basic","RU","универсальный","клей- армировка СФТК","цемент","25","кг","Мешок",4.5,8,"кг/м²",29.491875000000004,35.390250000000002,159.256125,884.75625000000002,null,0,null,null,36,903.6,720,"цементно-серый минеральный клеящий раствор для минеральных неэластичных оснований"]
["00815_001","StoLevell Uni ","RU","универсальный","клей- армировка СФТК","цемент",25,"кг","Мешок",4,8,"кг/м²",48.366675000000008,58.040010000000009,232.16004000000004,1451.0002500000003,null,0,"●",null,36,903.6,720,"цементно-серый минеральный клеящий и армирующий раствор для минеральных оснований. "]
["04346-019","StoLevell Reno weiss (белая)","DE","универсальный","штукатурка","цемент","25","кг","Мешок",4.5,13,"кг/м²",214.80272798406602,257.76327358087923,1159.9347311139566,6444.0818395219803,null,0,"●","●",36,903.6,720,"минеральный клеящий и армирующий раствор для органических и минеральных неэластичных оснований. Высокая клеящая и армирующая сила, усилен микроволокнами. Низкий расход, натурально-белый цвет."]
["04346_120","StoReno fein","RU","универсальный","шпаклевка","цемент","18","кг","мешок",0.9,0.9,"кг/м²",87.24,104.68799999999999,94.219199999999987,1884.3839999999998,null,0,null,null,42,764,720,"Финишная шпаклеква минеральная усиленная"]
["04346_121","StoReno","RU","универсальный","шпаклевка","цемент","25","кг","мешок",2,2,"кг/м²",35.24,42.288000000000004,84.576000000000008,1057.2,null,0,null,null,36,903.6,720,"Шпаклеква минеральная усиленная"]
["00846_001","StoColl KM ","RU","универсальный","клей","цемент","25","кг","Мешок",3.5,4.5,"кг/м²",76.229475000000008,91.475370000000012,320.16379500000005,2286.8842500000005,null,0,null,null,36,903.6,720,"органически улучшенная минеральная штукатурка, армированная волокнами; предназначена для внутренних и наружных работ, санации трещин и восстановления старых минеральных фасадов"]
["00832-006","Sto-Steinpaste ","DE","универсальный","клей","акрил","16","кг","Ведро",0.5,1.5,"кг/м²",643.03,771.63599999999997,385.81799999999998,12346.175999999999,null,0,null,null,36,902.69999999999993,714]
["00829-004","Sto-Dispersionskleber","DE","фасад","клей","акрил","20","кг","Ведро",0.8,1.5,"кг/м²",425.62117327117318,{"$f":"M241*1.2","v":510.74540792540779},{"$f":"$N241*$J241","v":408.59632634032624},{"$f":"$N241*$G241","v":10214.908158508155},null,0,null,null,36,902.69999999999993,891,"универсальный пастообразный дисперсионный клей с особо сильной фиксацией, предназначен для различных типов поверхностей (дерево, оцинкованный металл и т.д.)"]
["00250-004","StoArmat Classic natur (натурального цвета)","DE","универсальный","армировка","акрил",23,"кг","Ведро",3.5,6,"кг/м²",264.24720000000002,317.09664000000004,1109.83824,7293.2227200000007,null,0,"●",null,24,495.84000000000003,792,"готовая к применению органическая клеящая масса для ровных слабовпитывающих оснований. Рекомендована для приклеивания к ОСБ, ОСП, ЦСП и другим основаниям."]
["00250-009","StoArmat Classic getönt (колерованная ) C1","DE","универсальный","армировка","акрил",23,"кг","Ведро",3.5,6,"кг/м²",313.55572869159823,376.26687442991789,1316.9340605047125,8654.1381118881109,null,{"$f":"Q243*P243","v":0},null,null,24,568.00800000000004,768,"Уникальный продукт!  Универсальная готовая к применению высокоэластичная органическая клеяще-армирующая масса с направляющим зерном для использования на органических и минеральных основаниях, не содержит цемента. Сверхнизкий расход."]
["00225_002","Sto-Armierungsputz natur (натурального цвета)","RU","универсальный","клей- армировка СФТК","акрил",25,"кг","Ведро",3,5,"кг/м²",169.87320000000003,203.84784000000002,611.54352000000006,5096.1960000000008,null,0,null,null,24,568.00800000000004,768]
["00250-029","StoArmat Classic S1 natur (натурального цвета)","DE","фасад","армировка","акрил","25","кг","Ведро",3.5,6,"кг/м²",301.99680000000006,362.39616000000007,1268.3865600000001,9059.9040000000023,null,0,"●","●",24,616.31999999999994,696,"готовая к применению органическая армирующая масса для использования на органических и минеральных основаниях, не содержит цемента                                       "]
["02559-002","Sto-Turbofix mini, баллон 750 мл.","DE","фасад","клей","полиуретан","1","шт.","Баллон",0.13,0.25,"л/м² ",1378.6909858659858,1654.4291830391828,215.07579379509377,1654.4291830391828,null,0,null,null,24,616.20000000000005,696,"органическая, готовая к применению армирующая масса с направляющим зерном, отличающаяся особой механической стойкостью ( до 100 Дж), не горючая "]
["00506-001","Sto-Pistolenschaum SE, 750 мл","DE","фасад","пена","полиуретан","1","шт.","Баллон",0.05,0.25,"л/м² ",1271.1600000000001,1525.3920000000001,76.269600000000011,1525.3920000000001,null,0,null,null,504,452.08800000000002,16632,"однокомпонентная пена в баллоне под давлением для приклеивания теплоизоляционных плит из пенополистирола"]
["00920_003","Sto-Glasfasergewebe/ стеклосетка F 110 cm, ячейка 4х4 мм.","RU","универсальный","сетка","стеклоткань","50","м","Рулон",1,1.2,"м/м²",127.1,152.51999999999998,152.51999999999998,7625.9999999999991,null,0,"●","●",24,447.98400000000004,792,"органическая шпаклевка-клей для гидроизоляции в области цоколя и соприкосновения с землей"]
["00915_002","Sto-Glasfasergewebe G / стеклосетка G 100cм","RU","универсальный","сетка","стеклоткань","50","м","Рулон",1.1000000000000001,1.3,"м/м²",247.45,296.94,326.63400000000001,14847,null,0,"●","●",35,339.5,1120,"универсальная армирующая сетка из стекловолокна, устойчива к воздействию щелочей. Ширина 110 см.  "]
["00917_001","Sto-Panzergewebe/ панцерная сетка 100 см","RU","универсальный","сетка","стеклоткань","50","м","Рулон",1,1.2,"м/м²",297.06,356.47199999999998,356.47199999999998,17823.599999999999,null,0,null,null,35,343,1120,"специальная стеклосетка для систем с клинкером, натуральным камнем и т.п."]
["00920_004","Sto-Detailgewebe/ сетка архитектурная 100 см","RU","универсальный","сетка","стеклоткань",50,"м","Рулон",1.1000000000000001,1.3,"м/м²",151.67250000000001,182.00700000000001,200.20770000000002,9100.35,null,0,null,null,20,245,660,"усиленная стекловолокнистая сетка для дополнительного армирования и улучшения прочности на сжатие в удароопасных и цокольных участках, устойчива к щелочам."]
["00961_013","Gewebewinkel/ уголок 2,5м стеклосетка 10х15","RU","универсальный","уголок","ПВХ стеклоткань","2,5","м","Коробка",1,1.1000000000000001,"м/мп",64.900000000000006,77.88000000000001,77.88000000000001,194.70000000000002,null,0,null,null,48,244.79999999999998,1536,"тонкая стекловолокнистая сетка для обработки и формирования деталей."]
["01917-007","Sto-Rolleckwinkel 10х15 см.","DE","универсальный","уголок","ПВХ стеклоткань","50","м","Рулон",1,1.1000000000000001,"м/мп",178.68144000000004,214.41772800000004,214.41772800000004,10720.886400000001,null,0,"●","●",2000,440,30000,"уголок ПВХ со стеклосеткой / профиль для формирования канта (угол 90˚). Длина - 250 см. "]
["01032_005","Anputzleiste профиль примыкания со стеклосеткой 6 мм, 2.4 м","RU","универсальный","профиль примыкания","ПВХ стеклоткань","2,5","м","Коробка",1,1.1000000000000001,"м/мп",95.497500000000002,114.59699999999999,114.59699999999999,286.49250000000001,null,0,null,null,2000,400,30000,"профиль примыкания со стеклосеткой / профиль для формирования откосов дверных и оконных проемов с уплотнительной прокладкой и интегрированной стекловолокнистой сеткой."]
["04909-010","Ubergangsprofil B/ профиль примык. с кровлей или отливом","DE","фасад","профиль примыкания","ПВХ стеклоткань",2.5,"м","Коробка",1,1.1000000000000001,"м/мп",711.78473193473178,854.14167832167811,854.14167832167811,2135.3541958041951,null,0,null,null,2000,1000,30000]
["01889_016","Tropfkantenprofil 2,5м с \"закрытым\" капельником","RU","универсальный","капельник","ПВХ стеклоткань",2.5,"м","Коробка",1,1.1000000000000001,"м/мп",199.44,239.32799999999997,239.32799999999997,598.31999999999994,null,0,"●",null,2000,400,30000,"профиль с капельником и стеклосеткой"]
["01077_017","Соединитель для цокольных шин 30 mm","RU","фасад","соеденитель","ПВХ","100","шт.","Коробка",5.0000000000000001E-3,1.4999999999999999E-2,"шт./мп",842.625,1011.15,5.0557499999999997,101115,null,0,null,null,2000,400,30000,"профиль с интегрированной стеклосеткой для создания герметичного примыкания с кровлей или отливом."]
["07845_009","Sockelleiste профиль цокольный 80 мм 2,5 м","RU","фасад","цокольный профиль","алюминий ","2,5","м","без упаковки",1,1,"м/мп",235.935,283.12200000000001,{"$f":"$N258*$J258","v":283.12200000000001},707.80500000000006,null,0,null,null,120,60,1800]
["07845_011","Sockelleiste профиль цокольный 100 мм 2,5 м","RU","фасад","цокольный профиль","алюминий ","2,5","м","без упаковки",1,1,"м/мп",280.875,337.05,337.05,842.625,null,0,null,null,120,56.4,1800]
["07845_014","Sockelleiste профиль цокольный 150 мм 2,5 м","RU","фасад","цокольный профиль","алюминий ","2,5","м","без упаковки",1,1,"м/мп",438.16500000000002,525.798,525.798,1314.4949999999999,null,0,null,null,60,54,900]
["01070_011","Unterlegscheibe компенсатор, толщина 3 мм","RU","фасад","компенсатор","ПВХ","1","уп.","Коробка",0.01,0.04,"шт./мп",977.44500000000005,1172.934,11.729340000000001,1172.934,null,0,null,null,360000,24,1920,"дистанционная шайба с вырезом по центру для механического крепления, из пластмассы, для выравнивания неровностей основания при креплении фиксирующих реек, цокольных шин. Упаковка 100 шт."]
["01070_012","Unterlegscheibe компенсатор, толщина 5 мм","RU","фасад","компенсатор","ПВХ","1","уп.","Коробка",0.01,0.04,"шт./мп",1011.1500000000001,1213.3800000000001,12.133800000000001,1213.3800000000001,null,0,null,null,360000,36,1920]
["01900-001","Sto-Dehnfugenband 37/17-32 mm anthrazit","DE","фасад","ПСУЛ","Н/Д","4","м","Рулон",1,1,"м/мп",2047.692047750229,2457.2304573002748,2457.2304573002748,9828.9218292010992,null,0,null,null,384,23.04,12672,"саморасширяющаяся уплотнительная лента для деформационных швов из импрегнированного мягкого пористого материала."]
["01846-001","Sto-Fugendichtband 2D, 15/5-12 mm","DE","фасад","ПСУЛ","Н/Д","9","м","Рулон",1,1,"м/мп",187.1592521759946,224.59110261119352,224.59110261119352,2021.3199235007417,null,0,null,null,480,64.800000000000011,15840,"саморасширяющаяся уплотнительная лента для  швов из импрегнированного мягкого пористого материала. Для долговечной изоляции мест примыкания."]
["01897-017","Dehnfugenprofil/ профиль деформационный Typ E 2,5м ","DE","фасад","профиль примыкания","ПВХ стеклоткань","2,5","м","Коробка",1,1,"м/мп",1019.341543123543,1223.2098517482516,1223.2098517482516,3058.0246293706291,null,0,null,null,2000,900,30000,"профиль для обработки деформационных швов на плоскости с интегрированной стекловолокнистой сеткой"]
["01897-018","Dehnfugenprofil/ профиль деформационный Typ V 2,5м ","DE","фасад","профиль примыкания","ПВХ стеклоткань","2,5","м","Коробка",1,1,"м/мп",1059.581361305361,1271.4976335664333,1271.4976335664333,3178.7440839160831,null,0,null,null,2000,760,30000,"профиль для обработки деформационных швов в углах с интегрированной стекловолокнистой сеткой"]
["01897-019","Sto-Dehnfugen-Abdeckprofil E 250 cm","DE","фасад","профиль примыкания","ПВХ","2,5","м","Коробка",1,1,"м/мп",555.81045221445231,666.97254265734273,666.97254265734273,1667.4313566433568,null,0,null,null,2000,900,30000,"заглушка для деформационного профиля тип Е, может окрашиваться в цвет фасада"]
["04883_001","Sto дюбель-гвоздь  6/40 LK RST для цокольной шины","RU","фасад","дюбель","пластик/ металл",100,"шт.","Коробка",3,4,"шт/мп",31.5,37.799999999999997,113.39999999999999,3779.9999999999995,null,0,null,null,360000,48,1920,"забивной дюбель для крепления цокольных профилей под теплоизоляцию в бетон, кирпич. Зона анкеровки 25 мм"]
["04883_002","Sto дюбель-гвоздь 6/80 LK RST для цокольной шины","RU","фасад","дюбель","пластик/ металл",100,"шт.","Коробка",3,4,"шт/мп",98.43,118.116,354.34800000000001,11811.6,null,0,null,null,360000,51.9,1920]
["04883_003","Sto дюбель-гвоздь 8/80 LK RST для цокольной шины","RU","фасад","дюбель","пластик/ металл",100,"шт.","Коробка",3,4,"шт/мп",143.81,172.572,517.71600000000001,17257.2,null,0,null,null,360000,54,1920]
["04878_025","Sto-Универсальный забивной дюбель Н5 x 135                                          толщина теплоизоляции 80","RU","фасад","дюбель","пластик/ металл","100","шт.","Коробка",5,15,"шт/м²",24.65,29.58,147.89999999999998,2958,null,0,null,null,76800,121.6,528]
["04878_026","Sto-Универсальный забивной дюбель Н5 x 155                         толщина теплоизоляции 100","RU","фасад","дюбель","пластик/ металл","100","шт.","Коробка",5,15,"шт/м²",26.83,32.195999999999998,160.97999999999999,3219.6,null,0,null,null,76800,121.6,528,"тарельчатый забивной дюбель из полиэтилена с металлическим элементом из закаленной оцинкованной стали, термоголовка из полиамида"]
["04878_027","Sto-Универсальный забивной дюбель Н5 x 175                            толщина теплоизоляции 120","RU","фасад","дюбель","пластик/ металл","100","шт.","Коробка",5,15,"шт/м²",28.87,34.643999999999998,173.22,3464.3999999999996,null,0,null,null,64000,110.4,528,"Крепление  теплоизоляции в бетон, полнотелый кирпич, пустотелый материал "]
["04878_028","Sto-Универсальный забивной дюбель Н5 x 195                             толщина теплоизоляции  140","RU","фасад","дюбель","пластик/ металл","100","шт.","Коробка",5,15,"шт/м²",30.3,36.36,181.8,3636,null,0,null,null,51200,102.4,528,"Зона анкеровки: 35мм - бетон, полнотелый кирпич"]
["04878_029","Sto-Универсальный забивной дюбель Н5 x 215                             толщина теплоизоляции  160","RU","фасад","дюбель","пластик/ металл","100","шт.","Коробка",5,15,"шт/м²",32.630000000000003,{"$f":"M275*1.2","v":39.155999999999999},195.78,3915.6,null,{"$f":"Q275*P275","v":0},null,null,51200,102.4,528,"Зона анкеровки: 35мм - бетон, полнотелый кирпич"]
["04878_030","Sto-Универсальный забивной дюбель Н5 x 235                                  толщина теплоизоляции 180","RU","фасад","дюбель","пластик/ металл","100","шт.","Коробка",5,15,"шт/м²",35.28,42.335999999999999,211.68,4233.5999999999995,null,0,null,null,38400,91.2,528]
["04878_031","Sto-Универсальный забивной дюбель Н5 x 255                                толщина теплоизоляции 200","RU","фасад","дюбель","пластик/ металл","100","шт.","Коробка",5,15,"шт/м²",37.26,44.711999999999996,223.55999999999997,4471.2,null,0,null,null,38400,96,528]
["04878_032","Sto-Универсальный забивной дюбель Н5 x 275                          толщина теплоизоляции 220","RU","фасад","дюбель","пластик/ металл","100","шт.","Коробка",5,15,"шт/м²",83.3,99.96,499.79999999999995,9996,null,0,null,null,38400,105.6,528]
["04878_033","Sto-Универсальный забивной дюбель Н5 x 295                              толщина теплоизоляции 240","RU","фасад","дюбель","пластик/ металл","100","шт.","Коробка",5,15,"шт/м²",105.76,126.91200000000001,634.56000000000006,12691.2,null,0,null,null,25600,72,528]
["01011_001","Sto-Thermodübel EJ STR 8/60U, длина 115 мм","RU","фасад","дюбель","пластик/ металл",100,"шт.","Коробка",5,15,"шт/м²",54.39,65.268000000000001,326.34000000000003,6526.8,null,0,null,null,25600,72,528]
["01011_002","Sto- Thermodübel EJ STR 8/60U, длина 135 мм","RU","фасад","дюбель","пластик/ металл",100,"шт.","Коробка",5,15,"шт/м²",61.3,73.559999999999988,367.79999999999995,7355.9999999999991,null,0,null,null,25600,86.4,528,"Тарельчатый дюбель из полиэтилена с закручиваемым металлическим элементом из закаленной оцинкованной стали"]
["01011_003","Sto-Thermodübel EJ STR 8/60U, длина 155 мм","RU","фасад","дюбель","пластик/ металл",100,"шт.","Коробка",5,15,"шт/м²",71.209999999999994,85.451999999999984,427.25999999999993,8545.1999999999989,null,0,null,null,25600,89.6,528,"Крепление теплоизоляции в бетон, полнотелый кирпич, пустотелый материал, пенобетон"]
["01011_004","Sto-Thermodübel EJ STR 8/60U, длина 175 мм","RU","фасад","дюбель","пластик/ металл",100,"шт.","Коробка",5,15,"шт/м²",77.12,92.543999999999997,462.71999999999997,9254.4,null,0,null,null,25600,92.8,528,"Крепление в теплоизоляцию с утапливанием дюбеля. Сверху устанавливается заглушка из минеральной ваты или пенополистерола"]
["01011_005","Sto-Thermodübel EJ STR 8/60U, длина 195 мм","RU","фасад","дюбель","пластик/ металл",100,"шт.","Коробка",5,15,"шт/м²",96.91,116.29199999999999,581.45999999999992,11629.199999999999,null,0,null,null,25600,94.4,528,"Зона анкеровки для\n25мм - бетон, полнотелый кирпич"]
["01011_006","Sto-Thermodübel EJ STR 8/60U, длина 215 мм","RU","фасад","дюбель","пластик/ металл",100,"шт.","Коробка",5,15,"шт/м²",114.71,137.65199999999999,688.26,13765.199999999999,null,0,null,null,25600,97.6,528,"65мм - пустотелый кирпич, пенобетон, газобетон."]
["01011_007","Sto-Thermodübel EJ STR 8/60U, длина 235 мм","RU","фасад","дюбель","пластик/ металл",100,"шт.","Коробка",5,15,"шт/м²",128.55000000000001,154.26000000000002,771.30000000000007,15426.000000000002,null,0,null,null,25600,100.8,528]
["01011_008","Sto-Thermodübel EJ STR 8/60U, длина 255 мм","RU","фасад","дюбель","пластик/ металл",100,"шт.","Коробка",5,15,"шт/м²",160.19,192.22799999999998,961.13999999999987,19222.8,null,0,null,null,25600,105.6,528]
["01011_009","Sto-Thermodübel EJ STR 8/60U, длина 275 мм","RU","фасад","дюбель","пластик/ металл",100,"шт.","Коробка",5,15,"шт/м²",181.96,218.352,1091.76,21835.200000000001,null,0,null,null,25600,108.8,528]
["01011_010","Sto-Thermodübel EJ STR 8/60U, длина 295 мм","RU","фасад","дюбель","пластик/ металл",100,"шт.","Коробка",5,15,"шт/м²",195.8,234.96,1174.8,23496,null,0,null,null,25600,113.6,528]
["00931_001","Sto-Thermodübel RPS / STR заглушка EPS (Rondell Polystyrol)","RU","фасад","заглушка","EPS",100,"шт.","Коробка",5,15,"шт/м²",11.8,14.16,70.8,1416,null,0,null,null,25600,116.8,528,"цилиндрическая заглушка из пенополистирола для маскировки утопленных в утеплитель дюбельных тарелок при стандартной посадке"]
["00931_002","Sto-Thermodübel RMW / STR заглушка MW (Rondell Mineralwolle)","RU","фасад","заглушка","MW",100,"шт.","Коробка",5,15,"шт/м²",20.74,{"$f":"M291*1.2","v":24.887999999999998},124.44,{"$f":"$N291*$G291","v":2488.7999999999997},null,0,null,null,25600,33.6,528,"цилиндрическая заглушка из минеральной ваты для маскировки утопленных в утеплитель дюбельных тарелок при стандартной посадке"]
["00931_003","Sto-Thermodübel VE / STR заглушка EPS малая (Verschlusselement)","RU","фасад","заглушка","EPS",500,"шт.","Коробка",5,15,"шт/м²",5.94,7.1280000000000001,35.64,3564,null,0,null,null,25600,100,528,"круглая крышка для поверхностной маскировки дюбельных тарелок"]
["00934_004","Sto-Thermodübel MT Фреза STR tool","RU","фасад","фреза","металл","1","шт.","без упаковки","н/д","н/д",null,17806,21367.200000000001,null,21367.200000000001,null,{"$f":"Q293*P293","v":0},null,null,25600,33.6,528,"насадка - фреза на дрель для монтажа дюбелей типа Thermodübel"]
["08441-013","StoCorr Metallac getönt (колерованная)","DE","металл","эмаль","алкид",2.5,"л","Банка",0.11,0.25,"л/м²",3370.2047149231234,4044.245657907748,444.86702236985229,10110.61414476937,null,0,null,null,528,757.15199999999993,12672,"толстослойная эмаль с цинком для защиты от коррозии железа, оцинкованной стали, меди, алюминия. Для наружных и внутренних работ. Выполняет функции грунтовки, промежуточного и финишного покрытия. Хорошая адгезия к различным металлам, отличная растекаемость и эластичность. Полуглянцевая поверхность."]
["08441-015","StoCorr Metallac getönt колерованный (1,0 л.)","DE","металл","эмаль","алкид",1,"л","Банка",0.11,0.25,"л/м²",4821.8417749170021,5786.2101299004025,636.48311428904424,5786.2101299004025,null,0,null,null,144,516.24,4752]
["08430-001","StoRadiatorlac AF краска для радиаторов и труб","DE","металл","эмаль","алкид",2.5,"л","Банка",0.1,0.2,"л/м²",2121.037914223823,2545.2454970685876,254.52454970685878,6363.1137426714686,null,0,null,null,528,757.15199999999993,12672]
["04806-012","StoCorr Finish колерованный","DE","металл","эмаль","алкид",5,"л","Ведро",0.16,0.4,"л/м²",3432.0054586070482,4118.4065503284573,658.94504805255315,20592.032751642288,null,0,null,null,144,544.75199999999995,4752,"эмаль на алкидной основе, не желтеет, выдерживает высокие температуры"]
["05076-013","StoAqua Top Satin (transparent) 5l ","DE","древесина","лазурь","алкид",5,"л","Банка",0.11,0.25,"л/м²",1708.3476439217347,2050.0171727060815,225.50188899766897,10250.085863530407,null,0,null,null,60,453.90000000000003,1980,"эмаль с высоким содержанием слюды, для наружных и внутренних работ. В качестве основного, промежуточного и окончательного покрытия для стальных конструкций или оцинкованных поверхностей, таких как ангары, трубопроводы, мосты, металлические фасады, контейнеры, крыши и стены. Обеспечивает превосходную защиту от коррозии даже в агрессивной среде, термостойкость до 80 градусов."]
["02399-004","StoAqua Top Satin 5l колеров. С1","DE","древесина","лазурь","алкид",5,"л","Банка",0.11,0.25,"л/м²",{"$f":"M298+68","v":1776.3476439217347},2131.6171727060814,234.47788899766897,10658.085863530407,null,0,null,null,60,339.3,1980,"лазурь по дереву, для внутренних и наружних работ. На основе водорастворимой алкидной смолы. Высокая защита от УФ-излучения, высокая проникающая способность, не содержит биоцидов. Колеруется по системе StoColor, RAL, Holzfarbtöne (Цвета древесины)"]
["05076-012","StoAqua Top Satin (transparent) 2,5l","DE","древесина","лазурь","алкид",2.5,"л","Банка",0.11,0.25,"л/м²",1574.0221577664756,1888.8265893197706,207.77092482517477,4722.0664732994264,null,0,null,null,60,339.3,1980]
["02399-005","StoAqua Top Satin 2,5l колеров. С1","DE","древесина","лазурь","алкид",2.5,"л","Банка",0.11,0.25,"л/м²",{"$f":"M300+68","v":1642.0221577664756},1970.4265893197708,216.74692482517477,4926.0664732994264,null,0,"●","●",160,467.2,5280]

{"sheet":"2. ИНТЕРЬЕР","index":1,"n_rows":236,"n_cols":27,"rows_kept":236,"cut":false,"hidden":false,"merged":[[234,26,235,26],[195,26,196,26],[193,26,194,26],[191,26,192,26],[198,26,199,26],[228,26,231,26],[225,26,227,26],[200,26,201,26],[202,26,205,26],[212,26,216,26],[222,26,223,26],[207,26,208,26],[180,26,181,26],[183,26,190,26],[171,26,172,26],[173,26,174,26],[176,26,179,26],[1,0,1,26],[2,0,3,0],[2,1,3,1],[2,17,3,17],[2,18,3,18],[2,21,3,21],[2,23,3,23],[2,24,3,24],[2,20,3,20],[2,16,3,16],[2,22,3,22],[2,19,3,19],[2,25,3,25],[2,26,3,26],[2,2,3,2],[2,3,3,3],[159,26,162,26],[163,26,164,26],[167,26,170,26],[80,26,87,26],[104,26,109,26],[110,26,117,26],[122,26,123,26],[118,26,121,26],[165,26,166,26],[132,26,135,26],[124,26,131,26],[136,26,143,26],[144,26,151,26],[152,26,157,26],[96,26,103,26],[88,26,95,26],[27,26,28,26],[62,26,65,26],[72,26,79,26],[30,26,31,26],[35,26,42,26],[52,26,61,26],[49,26,50,26],[43,26,48,26],[70,26,71,26],[66,26,69,26],[8,26,9,26],[10,26,11,26],[12,26,13,26],[15,26,18,26],[20,26,21,26],[2,15,3,15],[2,6,3,6],[2,7,3,7],[2,4,3,4],[2,5,3,5],[2,9,2,11],[2,12,2,14],[2,8,3,8]]}
[]
["Прайс-лист  Товаров Продуктовой группы раздела «Интерьер»\nЦены действительны c 01.10.2021 г."]
["Артикул ","Наименование продукта","Производство","Область применения","Вид материала","Основа материала","Класс влажного истирания","Класс укрывистости","Степень матовости","Упаковка",null,null,"Расчетный расход продукта",null,null,"Цена БЕЗ учета НДС за единицу измерения","Цена с НДС за единицу измерения","Цена с НДС за 1м² (при min расходе)","Цена с НДС за упаковку","Кол-во единиц товара","Сумма заказа с НДС","Наличие на складе","Рекомендованный ассортимент","Количество упаковок на паллете, шт.","Вес одного паллето-места (без палеты), кг.","Норма загрузки авто (20 т.) шт.","Краткое описание продукта"]
[null,null,null,null,null,null,null,null,null,"к-во","ед.","вид упаковки","от","до","еденица измерения"]
["00861_012","StoPrim Solid","RU","универсальный","грунт проникающий","акрил","н/д","н/д","н/д","5","л","Канистра",0.02,0.08,"л/м²",495.46350000000001,{"$f":"P5*1.2","v":594.55619999999999},{"$f":"Q5*M5","v":11.891124},{"$f":"Q5*J5","v":2972.7809999999999},null,{"$f":"T5*S5","v":0},"●","●",96,498.72,3168,"универсальная водорастворимая грунтовка - концентрат на основе акрилата с модифицирующими добавками. Разбавляется водой в соотношении 1:4. Глубоко проникает, хорошо укрепляет основание."]
["09609-001","StoPrim GT","DE","интерьер","грунт проникающий","акрил","н/д","н/д","н/д","15","л","Ведро",0.1,0.3,"л/м²",361.85527436368329,434.22632923641993,43.422632923641999,6513.3949385462993,null,{"$f":"T6*S6","v":0},null,null,24,439.20000000000005,792,"Уникальный продукт! Проникающая грунтовка с технологией \"Гель-Технолоджи\", не капает, не образует подтеков. Идеальна для нанесения валиком! Идеальна для сложных поверхностей с \"косым\" светом"]
["00870-047","StoPrim Sol GT","DE","универсальный","грунт проникающий","силикат","н/д","н/д","н/д",15,"л","Ведро",0.1,0.6,"л/м²",356.90726260271714,428.28871512326054,42.82887151232606,6424.3307268489079,null,0,null,null,24,439.20000000000005,792,"водоразбавимая бесцветная грунтовка  на силикатной основе, идеальна для минеральных и органических оснований. Гелевая консистенция минимизурующая образование капель"]
["00870-006","StoPrim Silikat","DE","универсальный","грунт проникающий","силикат","н/д","н/д","н/д","10","л","Канистра ",0.15,0.6,"л/м²",292.11,350.53199999999998,52.579799999999999,3505.3199999999997,null,0,null,null,60,653.40000000000009,1680,"водоразбавимая бесцветная грунтовка                        на силикатной основе, идеальна для минеральных покрытий"]
["00518-002","StoPrim Plex","DE","интерьер","грунт проникающий","акрил","н/д","н/д","н/д",20,"л","Канистра",0.1,0.4,"л/м²",359.47,431.36400000000003,43.136400000000009,8627.2800000000007,null,0,"●",null,24,498.72,792,"универсальная грунтовка на акрилатной основе, не содержит растворителей и пластификаторов"]
["00518-001","StoPrim Plex","DE","интерьер","грунт проникающий","акрил","н/д","н/д","н/д",10,"л","Канистра",0.1,0.4,"л/м²",364.52,437.42399999999998,43.742400000000004,4374.24,null,0,"●",null,60,623.40000000000009,1740]
["00517-001","StoPrim Color weiss (белая)","DE","универсальный","грунт адгезионный","акрил","н/д","н/д","н/д",15,"л","Ведро",0.2,0.3,"л/м²",587.10756088412938,704.52907306095528,140.90581461219105,10567.936095914329,null,0,null,null,24,519.84,792,"грунтовочная краска, не содержит растворителей и пластификаторов, при высыхании не выделяет вредных веществ"]
["00517-008","StoPrim Color getönt (колерованная)","DE","универсальный","грунт адгезионный","акрил","н/д","н/д","н/д",15,"л","Ведро",0.2,0.3,"л/м²",{"$f":"P11+34","v":621.10756088412938},745.32907306095524,149.06581461219105,11179.936095914329,null,0,null,null,24,519.84,792]
["01304-005","StoPrim Isol","DE","универсальный","грунт изолирующий","акрил","н/д","н/д","н/д",15,"л","Ведро",0.1,0.4,"л/м²",842.09,1010.508,101.05080000000001,15157.62,null,0,null,null,24,441.36,792,"водоразбавимая изолирующая грунтовка              на акрилатной основе"]
["01304-006","StoPrim Isol","DE","универсальный","грунт изолирующий","акрил","н/д","н/д","н/д",5,"л","Ведро",0.1,0.4,"л/м²",1016.2407208448118,1219.4888650137741,121.94888650137742,6097.444325068871,null,0,null,"●",60,367.8,1980]
["00855-003","StoPrim LP","DE","универсальный","грунт изолирующий","растворитель","н/д","н/д","н/д",12.5,"л","Ведро",0.13,0.15,"л/м²",1807.6160704951615,2169.1392845941937,281.98810699724521,27114.241057427422,null,0,null,null,24,454.20000000000005,792,"изолирующая грунтовка, содержит растворитель"]
["00872-001","StoPrep In natur (натурального цвета)","DE","интерьер","грунт адгезионный","акрил","н/д","н/д","н/д",25,"кг","Ведро",0.18,0.32,"кг/м²",377.49600000000004,452.99520000000001,81.539135999999999,11324.880000000001,null,0,null,null,24,616.20000000000005,696,"органическое предварительное и промежуточное покрытие, упрощает последующее нанесение штукатурных слоев, улучшает адгезию"]
["00872-006","StoPrep In getönt (колерованное)","DE","интерьер","грунт адгезионный","акрил","н/д","н/д","н/д",25,"кг","Ведро",0.18,0.32,"кг/м²",{"$f":"P16+34","v":411.49600000000004},493.79520000000002,88.883136000000007,12344.880000000001,null,0,null,null,24,616.20000000000005,696]
["00872-004","StoPrep In natur (натурального цвета)","DE","интерьер","грунт адгезионный","акрил","н/д","н/д","н/д",8,"кг","Ведро",0.18,0.32,"кг/м²",535.32000000000005,642.38400000000001,115.62912,5139.0720000000001,null,0,null,null,60,495.36,1980]
["00872-005","StoPrep In getönt (колерованное) ","DE","интерьер","грунт адгезионный","акрил","н/д","н/д","н/д",8,"кг","Ведро",0.18,0.32,"кг/м²",{"$f":"P18+34","v":569.32000000000005},683.18400000000008,122.97312000000001,5465.4720000000007,null,0,null,null,60,495.36,1980]
["00884-001","StoPrep Contact","DE","универсальный","грунт адгезионный","акрил","н/д","н/д","н/д","25","кг","Ведро",0.2,2,"кг/м²",298.39036500000003,358.06843800000001,71.613687600000006,8951.7109500000006,null,0,null,null,24,616.20000000000005,696,"\"адгезионный мостик\" для гладких оснований, может смешиваться с цементом"]
["00749-018","StoLevell In XXL (мешок)","DE","интерьер","шпатлевка","акрил","н/д","н/д","matt",25,"кг","Мешок",0.8,3,"кг/м²",287.70445653720299,345.24534784464356,276.19627827571486,8631.1336961160887,null,0,null,null,36,903.6,720,"органическая заполняющая шпаклевочная масса для машинного и ручного нанесения "]
["00749-019","StoLevell In XXL (ведро)","DE","интерьер","шпатлевка","акрил","н/д","н/д","matt",25,"кг","Ведро",0.8,3,"кг/м²",338.35428348565796,406.02514018278953,324.82011214623162,10150.628504569739,null,0,null,null,24,614.40000000000009,696]
["00822-001","StoLevell in Resist","DE","интерьер","шпатлевка","акрил","н/д","н/д","matt",25,"кг","Ведро",0.8,3,"кг/м²",336.64001888915675,403.96802266698808,323.17441813359051,10099.200566674703,null,0,null,null,24,616.20000000000005,696,"органическая шпаклевка для влажных помещений"]
["00819-001","StoLevell in Sil","DE","интерьер","шпатлевка","силикат","н/д","н/д","matt",25,"кг","Ведро",0.8,3,"кг/м²",355.52889936273868,426.6346792352864,341.30774338822914,10665.86698088216,null,0,null,null,24,616.20000000000005,696,"дисперсионная силикатная шпаклевка для минеральных и органических оснований, проста в применении, наносится вручную, легко шлифуется"]
["01230-001","StoLevell In G","DE","интерьер","шпатлевка","акрил","н/д","н/д","matt",25,"кг","Ведро",1.1000000000000001,5,"кг/м²",300.30882894020345,360.37059472824416,396.40765420106862,9009.2648682061044,null,0,null,null,24,616.20000000000005,696,"грубая органическая шпаклевка"]
["08899-001","StoLevell Calce RP (мешок)","DE","интерьер","штукатурка","известь","н/д","н/д","matt",25,"кг","Мешок",12,24,"кг/м²",222.24703016076256,266.69643619291509,3200.3572343149808,6667.4109048228775,null,0,null,null,36,903.6,720,"известковая штукатурка"]
["09320-001","StoLevell Calce FS (мешок)","DE","интерьер","шпатлевка","известь","н/д","н/д","matt",25,"кг","Мешок",4,8,"кг/м²",231.04968701095464,277.25962441314556,1109.0384976525822,6931.4906103286394,null,0,null,null,36,903.6,720,"известковая финишная шпаклевка"]
["01245-001","StoLevell In As","DE","интерьер","шпатлевка","акрил","н/д","н/д","matt","25","кг","Мешок",1,5,"кг/м²",285.91972542324646,343.10367050789574,343.10367050789574,8577.5917626973933,null,0,null,null,40,1004,720,"органическая особотонкая готовая к применению шпаклевка, идеально подходит для нанесения методом безвоздушного напыления, а также при помощи валика или шпателя"]
["01245-003","StoLevell In As","DE","интерьер","шпатлевка","акрил","н/д","н/д","matt","25","кг","Ведро",1,5,"кг/м²",337.90053828719442,405.4806459446333,405.4806459446333,10137.016148615832,null,0,null,null,24,616.20000000000005,696]
["08414-004","StoLevell In Repair","DE","древесина","шпатлевка","акрил","н/д","н/д","matt","0,375","кг","Туба",0.25,0.4,"кг/м²",473.10798368298356,567.7295804195802,141.93239510489505,212.89859265734259,null,0,null,null,"Н/Д","Н/Д","Н/Д","органическая шпаклевка для заполнения и выравнивания небольших площадей, подходит для древесины, бетона"]
["02970-001","StoLevell In Fill","DE","интерьер","шпатлевка","гипс","н/д","н/д","matt",15,"кг","Мешок",0.3,30,"кг/м²",253.30240870240866,303.9628904428904,91.188867132867117,4559.4433566433563,null,0,null,null,48,722.88,1200,"минеральная (на основе гипса) шпаклевочная масса для выравнивания поверхности, заполнения трещин, швов"]
["02970-002","StoLevell In Fill","DE","интерьер","шпатлевка","гипс","н/д","н/д","matt",5,"кг","Мешок",0.3,30,"кг/м²",284.27708125208119,341.13249750249742,102.33974925074922,1705.6624875124871,null,0,null,null,140,763,3360]
["01276-008","StoLevell In RS","DE","интерьер","шпатлевка","цемент","н/д","н/д","matt","15","кг","Мешок",0.5,45,"кг/м²",257.92828282828282,309.51393939393938,154.75696969696969,4642.7090909090912,null,0,null,null,48,722.88,1200,"минеральная шпаклевка для заполнения монтажных швов бетонных плит перекрытий, шпаклевание бетона и т.п."]
["04346_120","StoReno feim","RU","универсальный","шпаклевка","цемент","н/д","н/д",null,"18","кг","Мешок",0.9,0.9,"кг/м131",87.24,{"$f":"P34*1.2","v":104.68799999999999},{"$f":"Q34*M34","v":94.219199999999987},{"$f":"Q34*J34","v":1884.3839999999998},null,0,null,null,42,764,720,"Финишная шпаклеква минеральная усиленная"]
["04346_121","StoReno","RU","универсальный","шпаклевка","цемент","н/д","н/д",null,"25","кг","Мешок",2,2,"кг/м132",35.24,42.288000000000004,84.576000000000008,1057.2,null,0,null,null,36,903.6,720,"Финишная шпаклеква минеральная усиленная"]
["01300-001","StoDecolit K 1,0 weiss (белая)","DE","интерьер","декоративная штукатурка","акрил","н/д","н/д","matt",25,"кг","Ведро",2.1,2.2000000000000002,"кг/м²",307.21583918348131,368.65900702017757,774.18391474237296,9216.4751755044399,null,0,null,null,24,616.20000000000005,696,"органическая финишная экологически чистая штукатурка для внутренних работ с царапанной структурой (\"шуба\")"]
["01300-002","StoDecolit K 1,0 getönt (колерованная) C1","DE","интерьер","декоративная штукатурка","акрил","н/д","н/д","matt",25,"кг","Ведро",2.1,2.2000000000000002,"кг/м²",{"$f":"P36+34","v":341.21583918348131},409.45900702017758,859.86391474237291,10236.47517550444,null,0,null,null,24,616.20000000000005,696]
["01301-001","StoDecolit K 1,5 weiss (белая)","DE","интерьер","декоративная штукатурка","акрил","н/д","н/д","matt",25,"кг","Ведро",2.5,2.6,"кг/м²",307.21583918348131,368.65900702017757,921.64751755044392,9216.4751755044399,null,0,null,null,24,616.20000000000005,696]
["01301-002","StoDecolit K 1,5 getönt (колерованная) C1","DE","интерьер","декоративная штукатурка","акрил","н/д","н/д","matt",25,"кг","Ведро",2.5,2.6,"кг/м²",{"$f":"P38+34","v":341.21583918348131},409.45900702017758,1023.6475175504439,10236.47517550444,null,0,null,null,24,616.20000000000005,696]
["01302-001","StoDecolit K 2,0 weiss (белая)","DE","интерьер","декоративная штукатурка","акрил","н/д","н/д","matt",25,"кг","Ведро",3.7,3.8,"кг/м²",307.21583918348131,368.65900702017757,1364.038325974657,9216.4751755044399,null,0,null,null,24,616.20000000000005,696]
["01302-002","StoDecolit K 2,0 weiss (белая)","DE","интерьер","декоративная штукатурка","акрил","н/д","н/д","matt",25,"кг","Ведро",3.7,3.8,"кг/м²",341.21583918348131,409.45900702017758,1514.9983259746571,10236.47517550444,null,0,null,null,24,616.20000000000005,696]
["01303-001","StoDecolit K 3,0 weiss (белая)","DE","интерьер","декоративная штукатурка","акрил","н/д","н/д","matt",25,"кг","Ведро",4.7,4.8,"кг/м²",307.21583918348131,368.65900702017757,1732.6973329948346,9216.4751755044399,null,0,null,null,24,616.20000000000005,696]
["01303-002","StoDecolit K 3,0 getönt (колерованная) C1","DE","интерьер","декоративная штукатурка","акрил","н/д","н/д","matt",25,"кг","Ведро",4.7,4.8,"кг/м²",{"$f":"P42+34","v":341.21583918348131},409.45900702017758,1924.4573329948346,10236.47517550444,null,0,null,null,24,616.20000000000005,696]
["01311-001","StoDecolit R 1,5 weiss (белая)","DE","интерьер","декоративная штукатурка","акрил","н/д","н/д","matt",25,"кг","Ведро",2.2000000000000002,2.2999999999999998,"кг/м²",307.21583918348131,368.65900702017757,811.04981544439067,9216.4751755044399,null,0,null,null,24,616.20000000000005,696,"органическая финишная экологически чистая штукатурка для внутренних работ, с бороздчатой структурой (\"короед\")"]
["01311-002","StoDecolit R 1,5 getönt (колерованная) C1","DE","интерьер","декоративная штукатурка","акрил","н/д","н/д","matt",25,"кг","Ведро",2.2000000000000002,2.2999999999999998,"кг/м²",{"$f":"P44+34","v":341.21583918348131},409.45900702017758,900.80981544439078,10236.47517550444,null,0,null,null,24,616.20000000000005,696]
["01312-001","StoDecolit R 2,0 weiss (белая)","DE","интерьер","декоративная штукатурка","акрил","н/д","н/д","matt",25,"кг","Ведро",2.9,3,"кг/м²",307.21583918348131,368.65900702017757,1069.1111203585149,9216.4751755044399,null,0,null,null,24,616.20000000000005,696]
["01312-002","StoDecolit R 2,0 getönt (колерованная) C1","DE","интерьер","декоративная штукатурка","акрил","н/д","н/д","matt",25,"кг","Ведро",2.9,3,"кг/м²",{"$f":"P46+34","v":341.21583918348131},409.45900702017758,1187.431120358515,10236.47517550444,null,0,null,null,24,616.20000000000005,696]
["01313-001","StoDecolit R 3,0 weiss (белая)","DE","интерьер","декоративная штукатурка","акрил","н/д","н/д","matt",25,"кг","Ведро",4.0999999999999996,4.2,"кг/м²",307.21583918348131,368.65900702017757,1511.5019287827279,9216.4751755044399,null,0,null,null,24,616.20000000000005,696]
["01313-002","StoDecolit R 3,0 getönt (колерованная) C1","DE","интерьер","декоративная штукатурка","акрил","н/д","н/д","matt",25,"кг","Ведро",4.0999999999999996,4.2,"кг/м²",{"$f":"P48+34","v":341.21583918348131},409.45900702017758,1678.7819287827278,10236.47517550444,null,0,null,null,24,616.20000000000005,696]
["01222-001","StoDecolit MP weiss (белая)","DE","интерьер","декоративная штукатурка","акрил","н/д","н/д","matt",25,"кг","Ведро",1,4.5,"кг/м²",307.21583918348131,368.65900702017757,368.65900702017757,9216.4751755044399,null,0,"●","●",24,616.20000000000005,696,"органическая финишная экологически чистая штукатурка для внутренних работ с моделируемой структурой "]
["01222-011","StoDecolit MP getönt (колерованная) C1","DE","интерьер","декоративная штукатурка","акрил","н/д","н/д","matt",25,"кг","Ведро",1,4.5,"кг/м²",{"$f":"P50+34","v":341.21583918348131},409.45900702017758,409.45900702017758,10236.47517550444,null,0,null,null,24,616.20000000000005,696]
["09217-003","StoCalce Activ MP 1,0 (натуральный белый)","DE","интерьер","декоративная штукатурка","известь","н/д","н/д","matt",25,"кг","Мешок",1.5,4.5,"кг/м²",239.26751671646036,287.12102005975242,430.68153008962861,7178.0255014938102,null,0,null,null,36,902.69999999999993,720,"известковая моделируемая декоративная штукатурка. Регулирует микроклимат в помещении."]
["00180-023","Sto-Granit K 1,5 цвет 800","DE","интерьер","декоративная штукатурка","акрил","н/д","н/д","satinmatt",23,"кг","Ведро",3.5,5,"кг/м²",470.07793682384158,564.09352418860988,1974.3273346601345,12974.151056338027,null,0,null,null,24,568.00800000000004,768,"органическая штукатурка из дробленого натурального камня, величина зерна 1,5 мм. Цвета в ассортименте, цвет и фактуру см. по номеру в каталоге или в образцах."]
["00180-024","Sto-Granit K 1,5 цвет 801","DE","интерьер","декоративная штукатурка","акрил","н/д","н/д","satinmatt",23,"кг","Ведро",3.5,5,"кг/м²",470.07793682384158,564.09352418860988,1974.3273346601345,12974.151056338027,null,0,null,null,24,568.00800000000004,768]
["00180-029","Sto-Granit K 1,5 цвет 802","DE","интерьер","декоративная штукатурка","акрил","н/д","н/д","satinmatt",23,"кг","Ведро",3.5,5,"кг/м²",470.07793682384158,564.09352418860988,1974.3273346601345,12974.151056338027,null,0,null,null,24,568.00800000000004,768]
["00180-025","Sto-Granit K 1,5 цвет 803","DE","интерьер","декоративная штукатурка","акрил","н/д","н/д","satinmatt",23,"кг","Ведро",3.5,5,"кг/м²",470.07793682384158,564.09352418860988,1974.3273346601345,12974.151056338027,null,0,null,null,24,568.00800000000004,768]
["00180-030","Sto-Granit K 1,5 цвет 804","DE","интерьер","декоративная штукатурка","акрил","н/д","н/д","satinmatt",23,"кг","Ведро",3.5,5,"кг/м²",580.36953988040943,696.44344785649128,2437.5520674977197,16018.1993006993,null,0,null,null,24,568.00800000000004,768]
["00180-031","Sto-Granit K 1,5 цвет 808","DE","интерьер","декоративная штукатурка","акрил","н/д","н/д","satinmatt",23,"кг","Ведро",3.5,5,"кг/м²",470.07793682384158,564.09352418860988,1974.3273346601345,12974.151056338027,null,0,null,null,24,568.00800000000004,768]
["00180-032","Sto-Granit K 1,5 цвет 812","DE","интерьер","декоративная штукатурка","акрил","н/д","н/д","satinmatt",23,"кг","Ведро",3.5,5,"кг/м²",658.44768673355622,790.1372240802674,2765.4802842809358,18173.15615384615,null,0,null,null,24,568.00800000000004,768]
["00180-033","Sto-Granit K 1,5 цвет 813","DE","интерьер","декоративная штукатурка","акрил","н/д","н/д","satinmatt",23,"кг","Ведро",3.5,5,"кг/м²",796.13352589439523,955.36023107327424,3343.7608087564599,21973.285314685309,null,0,null,null,24,568.00800000000004,768]
["00180-027","Sto-Granit K 1,5 цвет 821","DE","интерьер","декоративная штукатурка","акрил","н/д","н/д","satinmatt",23,"кг","Ведро",3.5,5,"кг/м²",470.07793682384158,564.09352418860988,1974.3273346601345,12974.151056338027,null,0,null,null,24,568.00800000000004,768]
["00180-028","Sto-Granit K 1,5 цвет 824","DE","интерьер","декоративная штукатурка","акрил","н/д","н/д","satinmatt",23,"кг","Ведро",3.5,5,"кг/м²",470.07793682384158,564.09352418860988,1974.3273346601345,12974.151056338027,null,0,null,null,24,568.00800000000004,768]
["09378-002","StoColor Supermatt weiss (белый)","DE","интерьер","краска","силикон",1,2,"stumpfmatt","15","л","Ведро",0.12,0.3,"л/м²",798.47765048191638,958.17318057829959,114.98078166939595,14372.597708674493,null,0,"●",null,24,572.16,744,"экстремально матовая силиконовая краска для внутренних работ. Идеально подходит для больших площадей, не \"полосит\""]
["09378-001","StoColor Supermatt getönt (колерованная) C1","DE","интерьер","краска","силикон",1,2,"stumpfmatt","15","л","Ведро",0.12,0.3,"л/м²",{"$f":"P63+68","v":866.47765048191638},1039.7731805782996,124.77278166939595,15596.597708674493,null,0,null,null,24,572.16,744]
["09378-004","StoColor Supermatt weiss (белый)","DE","интерьер","краска","силикон",1,2,"stumpfmatt","5","л","Ведро",0.12,0.3,"л/м²",1112.5221544112453,1335.0265852934942,160.2031902352193,6675.1329264674714,null,0,null,null,60,479.7,1980]
["09378-003","StoColor Supermatt getönt (колерованная) C1","DE","интерьер","краска","силикон",1,2,"stumpfmatt","5","л","Ведро",0.12,0.3,"л/м²",{"$f":"P65+68","v":1180.5221544112453},{"$f":"P66*1.2","v":1416.6265852934944},{"$f":"Q66*M66","v":169.99519023521933},{"$f":"Q66*J66","v":7083.1329264674714},null,0,null,null,60,479.7,1980]
["00097-002","StoColor Titanium weiss (белая) ","DE","интерьер","краска","акрил",1,1,"matt","15","л","Ведро",0.14000000000000001,0.34,"л/м²",984.16137723387715,1180.9936526806525,165.33911137529137,17714.904790209788,null,{"$f":"T67*S67","v":0},"●",null,24,554.04,768,"особо устойчивая дисперсионная краска. ослепительно белая, глубоко матовая, тонкослойная. Имеет сертификат TÜV как безвредный продукт. Колеруется в широкий спектр цветов, класс укрывистости - 1. "]
["00097-004","StoColor Titanium getönt (колерованная) C1","DE","интерьер","краска","акрил",1,"н/д","matt","15","л","Ведро",0.14000000000000001,0.34,"л/м²",{"$f":"P67+68","v":1052.1613772338771},1262.5936526806524,176.76311137529134,18938.904790209788,null,0,null,null,24,554.04,768]
["00097-001","StoColor Titanium weiss (белая)","DE","интерьер","краска","акрил",1,1,"matt","10","л","Ведро",0.14000000000000001,0.34,"л/м²",1100.1213564942352,1320.1456277930822,184.82038789103152,13201.456277930822,null,0,"●",null,27,416.07,891]
["00097-003","StoColor Titanium getönt (колерованная) C1","DE","интерьер","краска","акрил",1,"н/д","matt","10","л","Ведро",0.14000000000000001,0.34,"л/м²",{"$f":"P69+68","v":1168.1213564942352},1401.7456277930821,196.24438789103152,14017.456277930822,null,0,null,null,27,416.07,891]
["00097-020","StoColor Titanium ASE getönt (колерованная) PG02","DE","интерьер","краска","акрил",1,"н/д","matt","15","л","Ведро",0.14000000000000001,0.34,"л/м²",1246.1214821289818,1495.3457785547782,209.34840899766897,22430.186678321672,null,0,null,null,24,554.04,768,"специальная дисперсионная краска для насыщенных тонов со сниженным \"эффектом письма\". При колеровке в пастельные тона обладает свойствами матовой, хорошо моющейся краски"]
["00097-021","StoColor Titanium ASE getönt (колерованная) PG02","DE","интерьер","краска","акрил",1,"н/д","matt","5","л","Ведро",0.14000000000000001,0.34,"л/м²",1415.8775390266298,1699.0530468319557,237.86742655647382,8495.2652341597786,null,0,null,"●",60,462.3,1980]
["00024-001","StoColor Opticryl Matt weiss (белая)","DE","интерьер","краска","акрил",1,2,"matt","15","л","Ведро",0.13,0.3,"л/м²",645.44448912198902,774.53338694638683,100.68934030303029,11618.000804195803,null,0,"●",null,24,559.43999999999994,768,"Opticryl Matt. Серия акриловых дисперсионных красок. Устойчивы к механическим воздействиям, имеют сертификат TÜV как безвредный продукт. Очень тонкая структура, идеально подходят для окрашивания рельефной поверхности, колеруются в широкий спектр цветов. Матовая краска из серии латексных дисперсионных красок Opticryl. Тонкослойная (не забивает структуру), не содержит эмиссий и растворителей, класс укрывистости - 2."]
["00024-002","StoColor Opticryl Matt getönt (колерованная) С1","DE","интерьер","краска","акрил",1,"н/д","matt","15","л","Ведро",0.13,0.3,"л/м²",713.44448912198902,856.13338694638685,111.2973403030303,12842.000804195803,null,0,null,null,24,559.43999999999994,768]
["00024-005","StoColor Opticryl Matt weiss (белая)","DE","интерьер","краска","акрил",1,2,"matt","10","л","Ведро",0.13,0.3,"л/м²",711.57530754318623,853.89036905182343,111.00574797673706,8538.9036905182347,null,0,"●","●",27,420.12,891]
["00024-008","StoColor Opticryl Matt getönt (колерованная) С1","DE","интерьер","краска","акрил",1,"н/д","matt","10","л","Ведро",0.13,0.3,"л/м²",779.57530754318623,935.49036905182345,121.61374797673706,9354.9036905182347,null,0,null,null,27,420.12,891]
["00024-004","StoColor Opticryl Matt weiss (белая)","DE","интерьер","краска","акрил",1,2,"matt","5","л","Ведро",0.13,0.3,"л/м²",790.53362294271381,948.64034753125657,123.32324517906336,4743.2017376562826,null,0,null,null,60,468.29999999999995,1980]
["00024-007","StoColor Opticryl Matt getönt (колерованная) С1","DE","интерьер","краска","акрил",1,"н/д","matt","5","л","Ведро",0.13,0.3,"л/м²",858.53362294271381,1030.2403475312565,133.93124517906335,5151.2017376562826,null,0,null,null,60,468.29999999999995,1980]
["00024-003","StoColor Opticryl Matt weiss (белая)","DE","интерьер","краска","акрил",1,2,"matt","2,5","л","Ведро",0.13,0.3,"л/м²",1028.2856536224715,1233.9427843469657,160.41256196510554,3084.8569608674143,null,0,null,null,72,285.33600000000001,2376]
["00024-006","StoColor Opticryl Matt getönt (колерованная) С1","DE","интерьер","краска","акрил",1,"н/д","matt","2,5","л","Ведро",0.13,0.3,"л/м²",1096.2856536224715,1315.5427843469658,171.02056196510557,3288.8569608674147,null,0,null,null,72,285.33600000000001,2376]
["00026-001","Sto Color Opticryl Satinmatt weiss (белая)                         ","DE","интерьер","краска","акрил",1,2,"satinmatt","15","л","Ведро",0.13,0.3,"л/м²",745.89204009794912,895.07044811753894,116.35915825528006,13426.056721763085,null,0,"●",null,24,518.04,792,"Opticryl Satinmatt. Шелковисто-матовая краска, из серии латексных дисперсионных красок Opticryl. Тонкослойная (не забивает структуру), не содержит эмиссий и растворителей, класс укрывистости - 2."]
["00026-002","StoColor Opticryl Satinmatt  getönt (колерованная) С1","DE","интерьер","краска","акрил",1,"н/д","satinmatt","15","л","Ведро",0.13,0.3,"л/м²",813.89204009794912,976.67044811753885,126.96715825528005,14650.056721763083,null,0,null,null,24,518.04,792]
["00026-005","StoColor Opticryl Satinmatt weiss (белая)","DE","интерьер","краска","акрил",1,2,"satinmatt","10","л","Ведро",0.13,0.3,"л/м²",796.73434600472467,956.08121520566954,124.29055797673705,9560.8121520566947,null,0,"●","●",27,389.07,891]
["00026-008","StoColor Opticryl Satinmatt  getönt (колерованная) С1","DE","интерьер","краска","акрил",1,"н/д","satinmatt","10","л","Ведро",0.13,0.3,"л/м²",864.73434600472467,1037.6812152056696,134.89855797673704,10376.812152056697,null,0,null,null,27,389.07,891]
["00026-004","StoColor Opticryl Satinmatt weiss (белая)","DE","интерьер","краска","акрил",1,2,"satinmatt","5","л","Ведро",0.13,0.3,"л/м²",866.77794112453205,1040.1335293494385,135.21735881542702,5200.6676467471925,null,0,null,null,60,433.8,1980]
["00026-007","StoColor Opticryl Satinmatt  getönt (колерованная) С1","DE","интерьер","краска","акрил",1,"н/д","satinmatt","5","л","Ведро",0.13,0.3,"л/м²",934.77794112453205,1121.7335293494384,145.82535881542699,5608.6676467471916,null,0,null,null,60,433.8,1980]
["00026-003","StoColor Opticryl Satinmatt weiss (белая)","DE","интерьер","краска","акрил",1,2,"satinmatt","2,5","л","Ведро",0.13,0.3,"л/м²",1106.1386431329613,1327.3663717595534,172.55762832874194,3318.4159293988837,null,0,null,"●",72,264.59999999999997,2376]
["00026-006","StoColor Opticryl Satinmatt  getönt (колерованная) С1","DE","интерьер","краска","акрил",1,"н/д","satinmatt","2,5","л","Ведро",0.13,0.3,"л/м²",1174.1386431329613,1408.9663717595536,183.16562832874197,3522.4159293988841,null,0,null,null,72,264.59999999999997,2376]
["00028-001","StoColor Opticryl Satin weiss (белая)","DE","интерьер","краска","акрил",1,2,"satin","15","л","Ведро",0.13,0.3,"л/м²",1114.5120000000002,1337.4144000000001,173.86387200000001,20061.216,null,0,null,null,24,541.43999999999994,792,"Opticryl Satin. Шелковисто-глянцевая краска, из серии латексных дисперсионных красок Opticryl. Тонкослойная (не забивает структуру), не содержит эмиссий и растворителей, класс укрывистости - 2. Отлично подходит для поверхностей, подвергающихся интенсивной чистке."]
["00028-002","StoColor Opticryl Satin getönt (колерованная) С1","DE","интерьер","краска","акрил",1,"н/д","satin","15","л","Ведро",0.13,0.3,"л/м²",1182.5120000000002,1419.0144000000003,184.47187200000005,21285.216000000004,null,0,null,null,24,541.43999999999994,792]
["00028-005","StoColor Opticryl Satin weiss (белая)","DE","интерьер","краска","акрил",1,2,"satin","10","л","Ведро",0.13,0.3,"л/м²",1205.7055173333958,1446.846620800075,188.09006070400977,14468.466208000751,null,0,null,null,27,406.62,891]
["00028-008","StoColor Opticryl Satin getönt (колерованная) С1","DE","интерьер","краска","акрил",1,"н/д","satin","10","л","Ведро",0.13,0.3,"л/м²",1273.7055173333958,1528.4466208000749,198.69806070400975,15284.466208000749,null,0,null,null,27,406.62,891]
["00028-004","StoColor Opticryl Satin weiss (белая)","DE","интерьер","краска","акрил",1,2,"satin","5","л","Ведро",0.13,0.3,"л/м²",1284.9989725930634,1541.998767111676,200.45983972451788,7709.9938355583799,null,0,null,null,60,451.8,1980]
["00028-007","StoColor Opticryl Satin getönt (колерованная) С1","DE","интерьер","краска","акрил",1,"н/д","satin","5","л","Ведро",0.13,0.3,"л/м²",1352.9989725930634,1623.5987671116761,211.06783972451791,8117.9938355583809,null,0,null,null,60,451.8,1980]
["00028-003","StoColor Opticryl Satin weiss (белая)","DE","интерьер","краска","акрил",1,2,"satin","2,5","л","Ведро",0.13,0.3,"л/м²",1570.6760032728214,1884.8112039273856,245.02545651056013,4712.0280098184639,null,0,null,null,72,276.33600000000001,2376]
["00028-006","StoColor Opticryl Satin getönt (колерованная) С1","DE","интерьер","краска","акрил",1,"н/д","satin","2,5","л","Ведро",0.13,0.3,"л/м²",1638.6760032728214,1966.4112039273855,255.63345651056011,4916.0280098184639,null,0,null,null,72,276.33600000000001,2376]
["00030-001","StoColor Opticryl Gloss weiss (белая)","DE","интерьер","краска","акрил",1,2,"gloss","15","л","Ведро",0.13,0.3,"л/м²",1294.2720000000004,1553.1264000000003,201.90643200000005,23296.896000000004,null,0,null,null,24,503.64,792,"Opticryl Gloss. Глянцевая краска из серии латексных дисперсионных красок Opticryl. Тонкослойная (не забивает структуру), не содержит эмиссий и растворителей, класс укрывистости - 2. Подходит для экстремально нагружаемых поверхностей."]
["00030-002","StoColor Opticryl Gloss getönt (колерованная) С1","DE","интерьер","краска","акрил",1,"н/д","gloss","15","л","Ведро",0.13,0.3,"л/м²",1362.2720000000004,1634.7264000000005,212.51443200000006,24520.896000000008,null,0,null,null,24,503.64,792]
["00030-005","StoColor Opticryl Gloss weiss (белая)","DE","интерьер","краска","акрил",1,2,"gloss","10","л","Ведро",0.13,0.3,"л/м²",1330.2240000000002,1596.2688000000001,207.51494400000001,15962.688,null,0,null,null,27,378.27,891]
["00030-008","StoColor Opticryl Gloss getönt (колерованная) С1","DE","интерьер","краска","акрил",1,"н/д","gloss","10","л","Ведро",0.13,0.3,"л/м²",1398.2240000000002,1677.8688000000002,218.12294400000005,16778.688000000002,null,0,null,null,27,378.27,891]
["00030-004","StoColor Opticryl Gloss weiss (белая)","DE","интерьер","краска","акрил",1,2,"gloss","5","л","Ведро",0.13,0.3,"л/м²",1388.6912453203363,1666.4294943844036,216.63583426997246,8332.1474719220187,null,0,null,null,60,420.3,1980]
["00030-007","StoColor Opticryl Gloss getönt (колерованная) С1","DE","интерьер","краска","акрил",1,"н/д","gloss","5","л","Ведро",0.13,0.3,"л/м²",1456.6912453203363,1748.0294943844035,227.24383426997247,8740.1474719220168,null,0,null,null,60,420.3,1980]
["00030-003","StoColor Opticryl Gloss weiss (белая)","DE","интерьер","краска","акрил",1,2,"gloss","2,5","л","Ведро",0.13,0.3,"л/м²",1670.8157934826118,2004.978952179134,260.64726378328743,5012.4473804478348,null,0,null,null,72,257.40000000000003,2376]
["00030-006","StoColor Opticryl Gloss getönt (колерованная) С1","DE","интерьер","краска","акрил",1,"н/д","gloss","2,5","л","Ведро",0.13,0.3,"л/м²",1738.8157934826118,2086.5789521791339,271.25526378328743,5216.4473804478348,null,0,null,null,72,257.40000000000003,2376]
["08011-004","StoColor Rapid Satin weiss (белая)","DE","интерьер","краска","акрил",1,1,"satin",15,"л","Ведро",0.13,0.3,"л/м²",913.6295400979493,1096.355448117539,142.52620825528007,16445.331721763087,null,0,null,null,24,534.96,792,"проверенная на отсутствие вредных примесей, дисперсионная шелковисто-глянцевая краска с высокой укрывистостью. Однослойная, очень высокая степень белизны. Устойчива к мытью, не содержит растворителей и пластификаторов, с очень слабой эммисией вредных веществ, имеет сертификат TÜV как безвредный продукт. Не содержит субстанций, способствующих образованию \"черных пятен\" (отложение копоти и пыли на стенах)."]
["08011-009","StoColor Rapid Satin getönt (колерованная) C1","DE","интерьер","краска","акрил",1,"н/д","satin",15,"л","Ведро",0.13,0.3,"л/м²",981.6295400979493,1177.9554481175392,153.1342082552801,17669.331721763087,null,0,null,null,24,534.96,792]
["08011-003","StoColor Rapid Satin weiss (белая)","DE","интерьер","краска","акрил",1,1,"satin","10","л","Ведро",0.13,0.3,"л/м²",1005.5473708848332,1206.6568450617997,156.86538985803398,12066.568450617997,null,0,null,null,27,401.76000000000005,891]
["08011-008","StoColor Rapid Satin getönt (колерованная) C1","DE","интерьер","краска","акрил",1,"н/д","satin","10","л","Ведро",0.13,0.3,"л/м²",1073.5473708848331,1288.2568450617996,167.47338985803395,12882.568450617997,null,0,null,null,27,401.76000000000005,891]
["08011-002","StoColor Rapid Satin weiss (белая)","DE","интерьер","краска","акрил",1,1,"satin","5","л","Ведро",0.13,0.3,"л/м²",1118.8031159497068,1342.5637391396481,174.53328608815426,6712.8186956982408,null,0,null,null,60,446.40000000000003,1980]
["08011-007","StoColor Rapid Satin getönt (колерованная) C1","DE","интерьер","краска","акрил",1,"н/д","satin",5,"л","Ведро",0.13,0.3,"л/м²",1186.8031159497068,1424.1637391396482,185.14128608815429,7120.8186956982408,null,0,null,null,60,446.40000000000003,1980]
["08109-004","StoColor Rapid Ultramatt weiss (белая)","DE","интерьер","краска","акрил",2,1,"stumpfmatt","15","л","Ведро",0.13,0.3,"л/м²",659.08135785598949,790.89762942718733,102.81669182553435,11863.46444140781,null,0,"●","●",24,552.24,792,"дисперсионная краска для сложных поверхностей с добавлением силиконовой эмульсии, с увеличенным временем высыхания. Предназначена для окрашивания сложноосвещенных поверхностей (\"косой свет\"). Глубоко матовая, имеет ограниченный спектр колеровки, высокая степень белизны. Имеет сертификат TÜV как безвредный продукт, класс укрывистости -1."]
["08109-008","StoColor Rapid Ultramatt getönt   (колерованная) С 1","DE","интерьер","краска","акрил",2,1,"stumpfmatt","15","л","Ведро",0.13,0.3,"л/м²",727.08135785598949,872.49762942718735,113.42469182553435,13087.46444140781,null,0,null,null,24,552.24,792]
["08109-003","StoColor Rapid Ultramatt weiss (белая)","DE","интерьер","краска","акрил",2,1,"stumpfmatt","10","л","Ведро",0.13,0.3,"л/м²",701.46065982320465,841.75279178784558,109.42786293241993,8417.5279178784549,null,0,"●",null,27,414.71999999999997,891]
["08109-007","StoColor Rapid Ultramatt getönt  (колерованная) С 1","DE","интерьер","краска","акрил",2,1,"stumpfmatt",10,"л","Ведро",0.13,0.3,"л/м²",769.46065982320465,923.35279178784549,120.03586293241992,9233.5279178784549,null,0,null,null,27,414.71999999999997,891]
["08109-002","StoColor Rapid Ultramatt weiss (белая)","DE","интерьер","краска","акрил",2,1,"stumpfmatt",5,"л","Ведро",0.13,0.3,"л/м²",825.57010155499074,990.6841218659888,128.78893584257855,4953.4206093299435,null,0,"●","●",60,460.79999999999995,1980]
["08109-006","StoColor Rapid Ultramatt getönt   (колерованная) С 1","DE","интерьер","краска","акрил",2,1,"stumpfmatt","5","л","Ведро",0.13,0.3,"л/м²",893.57010155499074,1072.2841218659889,139.39693584257856,5361.4206093299445,null,0,null,null,60,460.79999999999995,1980]
["08109-001","StoColor Rapid Ultramatt weiss (белая)","DE","интерьер","краска","акрил",2,1,"stumpfmatt","2,5","л","Ведро",0.13,0.3,"л/м²",1271.6082060700239,1525.9298472840287,198.37088014692375,3814.824618210072,null,0,null,null,72,277.2,2376]
["08109-005","StoColor Rapid Ultramatt getönt  (колерованная) С 1","DE","интерьер","краска","акрил",2,1,"stumpfmatt","2,5","л","Ведро",0.13,0.3,"л/м²",1339.6082060700239,1607.5298472840286,208.97888014692373,4018.8246182100715,null,0,null,null,72,277.2,2376]
["00199-004","StoColor Sil Premium weiß","DE","интерьер","краска","силикат",1,1,"stumpfmatt","15","л","Ведро",0.12,0.28000000000000003,"л/м²",742.40880000000004,890.89056000000005,106.90686720000001,13363.358400000001,null,0,null,null,24,559.43999999999994,768,"Уникальный продукт!                                                          Силикатная краска имеющая 1-й класс влажного истирания и укрывистости. Натуральный материал, не содержит пластификаторов и вредных добавок, хорошо подходит для людей, страдающих аллергическими реакциями."]
["00199-003","StoColor Sil Premium getönt   (колерованная) С 1","DE","интерьер","краска","силикат",1,"н/д","stumpfmatt","15",null,"Ведро",0.12,0.28000000000000003,"л/м²",{"$f":"P119+68","v":810.40880000000004},972.49055999999996,116.6988672,14587.358399999999,null,0,null,null,24,559.43999999999994,768]
["00199-010","StoColor Sil Premium weiß","DE","интерьер","краска","силикат",1,1,"stumpfmatt","5",null,"Ведро",0.12,0.28000000000000003,"л/м²",892.2485704951614,1070.6982845941936,128.48379415130324,5353.4914229709684,null,0,null,null,60,466.2,1980]
["00199-009","StoColor Sil Premium getönt   (колерованная) С 1","DE","интерьер","краска","силикат",1,"н/д","stumpfmatt","5",null,"Ведро",0.12,0.28000000000000003,"л/м²",{"$f":"P121+68","v":960.2485704951614},1152.2982845941935,138.27579415130322,5761.4914229709675,null,0,null,null,60,466.2,1980]
["09547-004","StoColor Sil Comfort weiss (белая)","DE","интерьер","краска","силикат",2,2,"matt","15","л","Ведро",0.13,0.3,"л/м²",684.70824786324772,821.64989743589729,106.81448666666665,12324.74846153846,null,0,null,null,24,559.43999999999994,768,"высококачественная силикатная краска для внутренних работ"]
["09547-003","StoColor Sil Comfort  getönt (колерованная) С 1","DE","интерьер","краска","силикат",2,"н/д","matt","15","л","Ведро",0.13,0.3,"л/м²",{"$f":"P123+68","v":752.70824786324772},903.2498974358972,117.42248666666664,13548.748461538458,null,0,null,null,24,559.43999999999994,768]
["00206-006","StoColor Sil In weiss (белая)","DE","интерьер","краска","силикат",2,1,"matt","15","л","Ведро",0.12,0.28000000000000003,"л/м²",693.74056050580236,832.48867260696284,99.898640712835544,12487.330089104442,null,0,null,null,24,572.04,744,"силикатная краска для внутренних работ. Абсолютно экологически чистый, натуральный материал, имеет сертификат TÜV как безвредный продукт и сертификат Nature plus как особо натуральный продукт. Имеет высокую степень белизны и глубоко матовую поверхность, ограниченный спектр по колеровке."]
["00206-044","StoColor Sil In  getönt (колерованная) C1","DE","интерьер","краска","силикат",2,"н/д","matt","15","л","Ведро",0.12,0.28000000000000003,"л/м²",{"$f":"P125+68","v":761.74056050580236},914.08867260696286,109.69064071283555,13711.330089104444,null,0,null,null,24,572.04,744]
["00206-004","StoColor Sil In weiss (белая)","DE","интерьер","краска","силикат",2,1,"matt","10","л","Ведро",0.12,0.28000000000000003,"л/м²",743.43027257815118,892.11632709378136,107.05395925125376,8921.1632709378136,null,0,null,null,27,429.57,891]
["00206-052","StoColor Sil In getönt (колерованная) C1","DE","интерьер","краска","силикат",2,"н/д","matt","10","л","Ведро",0.12,0.28000000000000003,"л/м²",{"$f":"P127+68","v":811.43027257815118},973.71632709378139,116.84595925125376,9737.1632709378136,null,0,null,null,27,429.57,891]
["00206-012","StoColor Sil In weiss (белая)","DE","интерьер","краска","силикат",2,1,"matt","5","л","Ведро",0.12,0.28000000000000003,"л/м²",906.2909306350216,1087.549116762026,130.5058940114431,5437.7455838101296,null,0,null,null,60,477.3,1980]
["00206-057","StoColor Sil In getönt (колерованная) C1","DE","интерьер","краска","силикат",2,"н/д","matt","5","л","Ведро",0.12,0.28000000000000003,"л/м²",{"$f":"P129+68","v":974.2909306350216},{"$f":"P130*1.2","v":1169.1491167620259},{"$f":"Q130*M130","v":140.29789401144311},{"$f":"Q130*J130","v":5845.7455838101296},null,0,null,null,60,477.3,1980]
["00206-075","StoColor Sil In weiss (белая)","DE","интерьер","краска","силикат",2,1,"matt","2,5","л","Ведро",0.12,0.28000000000000003,"л/м²",1216.233345930164,1459.4800151161967,175.1376018139436,3648.7000377904915,null,{"$f":"T131*S131","v":0},null,null,72,286.38,2376]
["00206-086","StoColor Sil In getönt (колерованная) C1","DE","интерьер","краска","силикат",2,"н/д","matt","2,5","л","Ведро",0.12,0.28000000000000003,"л/м²",{"$f":"P131+68","v":1284.233345930164},1541.0800151161968,184.92960181394361,3852.7000377904919,null,0,null,null,72,286.38,2376]
["00039-001","StoColor Basic weiss (белая)","DE","интерьер","краска","акрил",3,2,"matt",15,"л","Ведро",0.12,0.28000000000000003,"л/м²",398.94154473750001,478.72985368499997,57.447582442199995,7180.9478052749992,null,0,"●","●",24,566.64,768,"не содержащая вредных веществ матовая органическая дисперсионная краска с высокой степенью белизны. Хорошая укрывистость. Не содержит растворителей и пластификаторов, характеризуется крайне низкой эмиссией вредных веществ. Имеет сертификат TÜV, не содержит субстанций, вызывающих эффект потемнения."]
["00039-006","StoColor Basic getönt (колерованная) С1","DE","интерьер","краска","акрил",3,"н/д","matt","15","л","Ведро",0.12,0.28000000000000003,"л/м²",{"$f":"P133+68","v":466.94154473750001},560.32985368499999,67.239582442200003,8404.9478052750001,null,0,null,null,24,566.64,768]
["00039-002","StoColor  Basic weiss (белая)","DE","интерьер","краска","акрил",3,2,"matt","10","л","Ведро",0.12,0.28000000000000003,"л/м²",438.01858809831225,525.62230571797465,63.074676686156955,5256.2230571797463,null,0,"●",null,27,425.52,891]
["00039-007","StoColor Basic getönt (колерованная) С1","DE","интерьер","краска","акрил",3,"н/д","matt","10","л","Ведро",0.12,0.28000000000000003,"л/м²",{"$f":"P135+68","v":506.01858809831225},607.22230571797468,72.866676686156964,6072.2230571797463,null,0,null,null,27,425.52,891]
["00229-007","StoColor Rapid weiss (белая)","DE","интерьер","краска","акрил",2,1,"matt","15","л","Ведро",0.13,0.3,"л/м²",721.85015051281039,866.22018061537244,112.60862347999843,12993.302709230587,null,0,null,null,24,540,792,"проверенная на отсутствие вредных примесей, дисперсионная краска с высокой укрывистостью. Однослойная дисперсионная краска, очень высокая степень белизны. Устойчива к мытью, не содержит растворителей и пластификаторов, с очень слабой эммисией вредных веществ, имеет сертификат TÜV как безвредный продукт, не содержит субстанций , способствующих образованию \"черных пятен\" (отложение копоти и пыли на стенах)."]
["00229-046","StoColor Rapid getönt  (колерованная) С 1","DE","интерьер","краска","акрил",2,"н/д","matt","15","л","Ведро",0.13,0.3,"л/м²",789.85015051281039,947.82018061537246,123.21662347999842,14217.302709230587,null,0,null,null,24,540,792]
["00229-006","StoColor Rapid weiss (белая)","DE","интерьер","краска","акрил",2,1,"matt",10,"л","Ведро",0.13,0.3,"л/м²",749.09807511018562,898.91769013222267,116.85929971718895,8989.1769013222274,null,0,null,null,27,405.53999999999996,891]
["00229-047","StoColor Rapid getönt  (колерованная) С 1","DE","интерьер","краска","акрил",2,"н/д","matt",10,"л","Ведро",0.13,0.3,"л/м²",817.09807511018562,980.5176901322227,127.46729971718895,9805.1769013222274,null,0,null,null,27,405.53999999999996,891]
["00229-005","StoColor Rapid weiss (белая)","DE","интерьер","краска","акрил",2,1,"matt","5","л","Ведро",0.13,0.3,"л/м²",875.86023133432218,1051.0322776011865,136.63419608815425,5255.1613880059322,null,0,null,null,60,450.59999999999997,1980]
["00229-086","StoColor Rapid getönt  (колерованная) С 1","DE","интерьер","краска","акрил",2,"н/д","matt","5","л","Ведро",0.13,0.3,"л/м²",943.86023133432218,1132.6322776011866,147.24219608815426,5663.1613880059331,null,0,null,null,60,450.59999999999997,1980]
["00229-004","StoColor Rapid weiss (белая)","DE","интерьер","краска","акрил",2,1,"matt","2,5","л","Ведро",0.13,0.3,"л/м²",1158.4874892868074,1390.1849871441689,180.72404832874196,3475.4624678604223,null,0,null,null,72,270.36,2376]
["00229-087","StoColor Rapid getönt (колерованная) С 1","DE","интерьер","краска","акрил",2,"н/д","matt","2,5","л","Ведро",0.13,0.3,"л/м²",1226.4874892868074,1471.7849871441688,191.33204832874196,3679.4624678604218,null,0,null,null,72,270.36,2376]
["00237-024","StoColor In  weiss (белая)","DE","интерьер","краска","акрил",3,1,"matt",15,"л","Ведро",0.13,0.3,"л/м²",438.61840104928444,526.34208125914131,68.424470563688374,7895.1312188871198,null,0,"●",null,24,541.43999999999994,792,"универсальная дисперсионная матовая краска. Широкий спектр колеровки, имеет сертификат TÜV как безвредный продукт. Легко наносится, класс укрывистости - 2."]
["00237-082","StoColor In getönt (колерованная) С 1","DE","интерьер","краска","акрил",3,"н/д","matt","15","л","Ведро",0.13,0.3,"л/м²",{"$f":"P145+68","v":506.61840104928444},607.94208125914133,79.032470563688378,9119.1312188871198,null,0,null,null,24,541.43999999999994,792]
["00237-022","StoColor In  weiss (белая)","DE","интерьер","краска","акрил",3,1,"matt","10","л","Ведро",0.13,0.3,"л/м²",481.15134044373286,577.38160853247939,75.059609109222322,5773.8160853247937,null,0,null,null,27,406.62,891]
["00237-081","StoColor In getönt (колерованная) С 1","DE","интерьер","краска","акрил",3,"н/д","matt","10","л","Ведро",0.13,0.3,"л/м²",{"$f":"P147+68","v":549.15134044373281},658.9816085324793,85.667609109222312,6589.8160853247928,null,0,null,null,27,406.62,891]
["00237-020","StoColor In  weiss (белая)","DE","интерьер","краска","акрил",3,1,"matt","5","л","Ведро",0.13,0.3,"л/м²",520.9567891280642,625.14814695367704,81.269259103978015,3125.7407347683852,null,0,null,null,60,451.8,1980]
["00237-086","StoColor In getönt (колерованная) С 1","DE","интерьер","краска","акрил",3,"н/д","matt",5,"л","Ведро",0.13,0.3,"л/м²",{"$f":"P149+68","v":588.9567891280642},706.74814695367706,91.87725910397802,3533.7407347683852,null,0,null,null,60,451.8,1980]
["00237-018","StoColor In  weiss (белая)","DE","интерьер","краска","акрил",3,1,"matt","2,5","л","Ведро",0.13,0.3,"л/м²",1031.527227049045,1237.8326724588539,160.91824741965101,3094.581681147135,null,0,null,null,72,271.08,2376]
["00237-093","StoColor In getönt (колерованная) С 1","DE","интерьер","краска","акрил",3,"н/д","matt","2,5","л","Ведро",0.13,0.3,"л/м²",{"$f":"P151+68","v":1099.527227049045},1319.4326724588539,171.52624741965101,3298.5816811471345,null,0,null,null,72,271.08,2376]
["00292-001","StoColor Sil Mineral weiss (белая)","DE","интерьер","краска","силикат",3,2,"stumpfmatt","15","л","Ведро",0.17,0.34,"л/м²",459.05973882748071,550.87168659297686,93.648186720806066,8263.0752988946533,null,0,null,null,24,582.84,744,"экологически чистая, силикатная краска. Имеет сертификат TÜV как безвредный продукт. Предназначена для людей, особо ценящих экологическую чистоту в доме. Материал колеруется в ограниченный диапазон цветов, не содержит растворителей и пластификаторов, эмиссий вредных веществ и субстанций, вызывающих эффект потемнения.                                                                                                           "]
["00292-011","StoColor Sil Mineral  getönt  (колерованная) С 1","DE","интерьер","краска","силикат",3,"н/д","stumpfmatt",15,"л","Ведро",0.17,0.34,"л/м²",{"$f":"P153+68","v":527.05973882748071},632.47168659297688,107.52018672080608,9487.0752988946533,null,0,null,null,24,582.84,744]
["00292-019","StoColor Sil Mineral weiss (белая)","DE","интерьер","краска","силикат",3,2,"stumpfmatt",10,"л","Ведро",0.17,0.34,"л/м²",581.80396138934009,698.16475366720806,118.68800812342538,6981.6475366720806,null,0,null,null,27,438.47999999999996,891]
["00292-020","StoColor Sil Mineral  getönt (колерованная) С 1","DE","интерьер","краска","силикат",3,"н/д","stumpfmatt","10","л","Ведро",0.17,0.34,"л/м²",{"$f":"P155+68","v":649.80396138934009},779.76475366720808,132.56000812342538,7797.6475366720806,null,0,null,null,27,438.47999999999996,891]
["00292-025","StoColor Sil Mineral weiss (белая)","DE","интерьер","краска","силикат",3,2,"stumpfmatt","5","л","Ведро",0.17,0.34,"л/м²",678.52909497068583,814.23491396482302,138.41993537401993,4071.1745698241152,null,0,null,null,60,487.19999999999993,1980]
["00292-026","Sto Color Sil Mineral  getönt (колерованная) С 1","DE","интерьер","краска","силикат",3,"н/д","stumpfmatt","5","л","Ведро",0.17,0.34,"л/м²",{"$f":"P157+68","v":746.52909497068583},895.83491396482293,152.29193537401991,4479.1745698241148,null,0,null,null,60,487.19999999999993,1980]
["00247-001","StoColor Calcetura natur (натуральный цвет)","DE","интерьер","краска","известь",3,3,"stumpfmatt","20","кг","Ведро",0.2,0.6,"кг/м²",311.584,373.9008,74.780160000000009,7478.0159999999996,null,0,null,null,24,495.84000000000003,792,"усиленная клеем известковая краска, минеральная, устойчивая к мытью. Хорошая укрывистость, высокая степень белизны, не содержит консервантов, натурально-белая."]
["02990-001","StoColor Climasan weiss (белая)","DE","интерьер","краска","акрил",2,1,"stumpfmatt","15","л","Ведро",0.14000000000000001,0.34,"л/м²",1617.880956181865,1941.457147418238,271.80400063855336,29121.857211273571,null,0,null,null,24,522.36,792,"активная краска для внутренних работ, очищающая воздух под воздействием света. Фотокаталитический принцип действия обеспечивает устранение из воздуха вредных веществ и неприятных запахов. Краска имеет матовую поверхность, обладает высокой степенью укрывитости и наносится в один слой. Не содержит растворителей и пластификаторов, характеризуется крайне низкой эмиссией вредных веществ. Имеет сертификат TÜV, не содержит субстанций, вызывающих эффект потемнения."]
["02990-004","StoColor Climasan getönt (колерованная) С1","DE","интерьер","краска","акрил",2,"н/д","stumpfmatt","15","л","Ведро",0.14000000000000001,0.34,"л/м²",{"$f":"P160+68","v":1685.880956181865},2023.0571474182379,283.22800063855334,30345.857211273571,null,0,null,null,24,522.36,792]
["02990-007","StoColor Climasan weiss (белая)","DE","интерьер","краска","акрил",2,1,"stumpfmatt","5","л","Ведро",0.14000000000000001,0.34,"л/м²",1852.6881334322245,2223.2257601186693,311.25160641661375,11116.128800593346,null,0,null,null,60,437.4,1980]
["02990-008","StoColor Climasan getönt (колерованная) С1","DE","интерьер","краска","акрил",2,"н/д","stumpfmatt","5","л","Ведро",0.14000000000000001,0.34,"л/м²",{"$f":"P162+68","v":1920.6881334322245},2304.8257601186692,322.67560641661373,11524.128800593346,null,0,null,null,60,437.4,1980]
["00080/001","StoColor Puran Satin weiss (белая),                                   комплект из 2-х компонентов","DE","интерьер","краска","полиуретан",1,2,"satin",16.5,"кг","Комплект",0.15,0.4,"кг/м²",1509.9840000000002,1811.9808,271.79712000000001,29897.683199999999,null,0,"●","●",24,420.55200000000002,792,"двухкомпонентная полиуретановая краска с шелковисто-матовой поверхностью, может подвергаться обработке  дезактивирующими и дезинфицирующими веществами, 1-й класс устойчивости к влажному истиранию по евростандарту EN 13300. Подходит для использования в медицинских и других общественных заведениях"]
["00080/002","StoColor Puran Satin getönt (колерованная) С1,                                    комплект из 2-х компонентов","DE","интерьер","краска","полиуретан",1,"н/д","satin",16.5,"кг","Комплект",0.15,0.4,"кг/м²",{"$f":"P164+68","v":1577.9840000000002},1893.5808000000002,284.03712000000002,31244.083200000005,null,0,null,null,24,420.55200000000002,792]
["00200-011","StoColor Isol weiss (белая)","DE","интерьер","краска изолирующая","растворитель",2,2,"matt",12.5,"л","Ведро",0.13,0.3,"л/м²",2305.9355285371194,2767.122634244543,359.72594245179062,34589.032928056789,null,0,null,null,24,452.70000000000005,792,"матовая изолирующая краска на основе растворителя,  2-й класс укрывистости, 2-й класс устойчивости к влажному истиранию, высокая степень белизны, хорошая укрывистость, со слабым внутренним напряжением. Для нанесения на проблемные основания (например, пятна от никотина, копоти, воды)        "]
["00200-012","StoColor Isol getönt (колерованная) С1","DE","интерьер","краска изолирующая","растворитель",2,"н/д","matt",12.5,"л","Ведро",0.13,0.3,"л/м²",{"$f":"P166+68","v":2373.9355285371194},2848.7226342445433,370.33394245179062,35609.032928056789,null,0,null,null,24,452.70000000000005,792]
["00289-001","StoColor Isol W weiss (белая)","DE","интерьер","краска изолирующая","акрил",1,2,"matt",15,"л","Ведро",0.13,0.3,"л/м²",963.23181282522194,1155.8781753902663,150.26416280073462,17338.172630853995,null,0,null,null,24,476.64,792,"водная, изолирующая дисперсионная краска. Высокая степень белизны, 2-й класс влажного истирания, хорошая укрывистость, со слабым внутренним напряжением. Для нанесения на проблемные основания (например, пятна от никотина, копоти, места, пораженные лигнином)"]
["00289-013","StoColor Isol W getönt (колерованная) С1","DE","интерьер","краска изолирующая","акрил",1,"н/д","matt","15","л","Ведро",0.13,0.3,"л/м²",{"$f":"P168+68","v":1031.2318128252218},1237.4781753902662,160.8721628007346,18562.172630853995,null,0,null,null,24,476.64,792]
["00289-004","StoColor Isol W weiss (белая)","DE","интерьер","краска изолирующая","акрил",1,2,"matt","5","л","Ведро",0.13,0.3,"л/м²",1151.4973467189375,1381.7968160627249,179.63358608815426,6908.9840803136249,null,0,null,null,60,399.3,1980]
["00289-026","StoColor Isol W getönt (колерованная) С1","DE","интерьер","краска изолирующая","акрил",1,"н/д","matt",5,"л","Ведро",0.13,0.3,"л/м²",1219.4973467189375,1463.3968160627248,190.24158608815424,7316.984080313624,null,0,null,null,60,399.3,1980]
["00300-001","StoLook Decor Fine 1 мм weiss (белое)","DE","интерьер","краска структурная","акрил","н/д","н/д","matt",21,"кг","Ведро",0.7,0.9,"кг/м²",293.60800000000006,352.32960000000008,246.63072000000005,7398.9216000000015,null,0,null,null,24,520.12800000000004,792,"мелкозернистое структурное покрытие, наносится методом набрызга"]
["00300-007","StoLook Decor Fine 1 мм getönt (колерованное)","DE","интерьер","краска структурная","акрил","н/д","н/д","matt",21,"кг","Ведро",0.7,0.9,"кг/м²",{"$f":"P172+68","v":361.60800000000006},433.92960000000005,303.75072,9112.5216000000019,null,0,null,null,24,520.12800000000004,792]
["00302-001","StoLook Decor Medium 1,5 мм weiss (белое)","DE","интерьер","краска структурная","акрил","н/д","н/д","matt",21,"кг","Ведро",0.8,1,"кг/м²",305.59200000000004,366.71040000000005,293.36832000000004,7700.9184000000014,null,0,null,null,24,520.12800000000004,792,"среднезернистое структурное покрытие, наносится методом набрызга"]
["00302-005","StoLook Decor Medium 1,5 мм getönt (колерованное)","DE","интерьер","краска структурная","акрил","н/д","н/д","matt",21,"кг","Ведро",0.8,1,"кг/м²",{"$f":"P174+68","v":373.59200000000004},448.31040000000002,358.64832000000001,9414.5184000000008,null,0,null,null,24,520.12800000000004,792]
["00735-017","StoLook Decor Perl weiss (белое)","DE","интерьер","краска структурная","акрил","н/д","н/д","matt",16,"кг","Ведро",0.8,1,"кг/м²",317.37567987567985,380.85081585081582,304.68065268065266,6093.6130536130531,null,0,null,null,24,400.12800000000004,792,"матовое покрытие с эффектом \"рассыпавшихся шариков\", наносится методом набрызга"]
["00282-001","StoLook Struktur F weiss (белое)","DE","интерьер","краска структурная","акрил","н/д","н/д","matt",20,"кг","Ведро",0.3,1.5,"кг/м²",419.44000000000005,503.32800000000003,150.9984,10066.560000000001,null,0,null,null,24,495.84000000000003,792,"структурная краска с мелким наполнителем, подходит для создания различных декоративных покрытий различным инструментом, 2-й класс устойчивости к влажному истиранию (EN 13300)"]
["00282-002","StoLook Struktur F getönt (колерованное)","DE","интерьер","краска структурная","акрил","н/д","н/д","matt","20","кг","Ведро",0.3,1.5,"кг/м²",{"$f":"P177+68","v":487.44000000000005},584.928,175.47839999999999,11698.56,null,0,null,null,24,495.84000000000003,792]
["00282-005","StoLook Struktur F weiss (белое)","DE","интерьер","краска структурная","акрил","н/д","н/д","matt","10","кг","Ведро",0.3,1.5,"кг/м²",480.68329016662346,576.81994819994816,173.04598445998445,5768.1994819994816,null,0,null,null,27,282.42,792]
["00282-006","StoLook Struktur F getönt (колерованное)","DE","интерьер","краска структурная","акрил","н/д","н/д","matt","10","кг","Ведро",0.3,1.5,"кг/м²",{"$f":"P179+68","v":548.68329016662346},658.41994819994818,197.52598445998444,6584.1994819994816,null,0,null,null,27,282.42,792]
["00571-001","StoLook Struktur G weiss (белое)","DE","интерьер","краска структурная","акрил","н/д","н/д","matt",20,"кг","Ведро",0.4,1.5,"кг/м²",407.45600000000007,488.94720000000007,195.57888000000003,9778.9440000000013,null,0,null,null,24,495.84000000000003,792,"структурная краска с крупным наполнителем, подходит для создания различных декоративных покрытий различным инстументом, 2-й класс устойчивости к влажному истиранию (EN 13300)"]
["00571-002","StoLook Struktur G getönt (колерованное)","DE","интерьер","краска структурная","акрил","н/д","н/д","matt",20,"кг","Ведро",0.4,1.5,"кг/м²",{"$f":"P181+68","v":475.45600000000007},570.54720000000009,228.21888000000004,11410.944000000001,null,0,null,null,24,495.84000000000003,792]
["00317-001","StoLook Diamant ","DE","интерьер","лазурь","акрил",2,"transparent","matt",5,"л","Ведро",0.12,0.3,"л/м²",1314.8934481175388,1577.8721377410466,189.34465652892558,7889.3606887052329,null,0,null,null,60,318.29999999999995,1980,"прозрачное дисперс. покрытие с мелкими от-ражающими слюдяными хлопьями, 2-й класс устойчивости к влажному истиранию (EN 13300)"]
["00319-011","StoColor Metallic natur (серебристого цвета) 37800М","DE","универсальный","краска металлик","акрил","н/д","н/д","satin",10,"л","Ведро",0.1,0.3,"л/м²",1431.7041711795498,1718.0450054154596,171.80450054154596,17180.450054154597,null,0,"●",null,27,310.77,891,"декоративное водоразбавимое финишное покрытие (краска) с эффектом \"металлик\"  для наружных и внутренних работ"]
["00319-004","StoColor Metallic getönt (колерованная, серебристая) C1","DE","универсальный","краска металлик","акрил","н/д","н/д","satin","10","л","Ведро",0.1,0.3,"л/м²",{"$f":"P184+68","v":1499.7041711795498},1799.6450054154598,179.96450054154599,17996.450054154597,null,0,null,null,27,310.77,891]
["00319-010","StoColor Metallic natur (серебристого цвета) 37800М","DE","универсальный","краска металлик","акрил","н/д","н/д","satin",5,"л","Ведро",0.1,0.3,"л/м²",1563.7835704951613,1876.5402845941935,187.65402845941935,9382.7014229709675,null,0,"●","●",60,345.3,1980]
["00319-003","StoColor Metallic getönt (колерованная, серебристая) C1","DE","универсальный","краска металлик","акрил","н/д","н/д","satin",5,"л","Ведро",0.1,0.3,"л/м²",{"$f":"P186+68","v":1631.7835704951613},1958.1402845941934,195.81402845941935,9790.7014229709675,null,0,null,null,60,345.3,1980]
["00319-025","StoColor Metallic natur (золотистого цвета) 37820М","DE","универсальный","краска металлик","акрил","н/д","н/д","satin","10","л","Ведро",0.1,0.3,"л/м²",3231.5963914592694,3877.915669751123,387.79156697511235,38779.156697511229,null,0,null,null,27,307.8,891]
["00319-104","StoColor Metallic getönt (колерованная, золотистая) C1","DE","универсальный","краска металлик","акрил","н/д","н/д","satin","10","л","Ведро",0.1,0.3,"л/м²",{"$f":"P188+68","v":3299.5963914592694},{"$f":"P189*1.2","v":3959.5156697511229},{"$f":"Q189*M189","v":395.95156697511231},{"$f":"Q189*J189","v":39595.156697511229},null,0,null,null,27,307.8,891]
["00319-024","StoColor Metallic natur (золотистого цвета) 37820М","DE","универсальный","краска металлик","акрил","н/д","н/д","satin","5","л","Ведро",0.1,0.3,"л/м²",3318.1754411245311,3981.8105293494373,398.18105293494375,19909.052646747186,null,{"$f":"T190*S190","v":0},null,null,60,342,1980]
["00319-103","StoColor Metallic getönt (колерованная, золотистая) C1","DE","универсальный","краска металлик","акрил","н/д","н/д","satin","5","л","Ведро",0.1,0.3,"л/м²",{"$f":"P190+68","v":3386.1754411245311},4063.4105293494372,406.34105293494372,20317.052646747186,null,0,null,null,60,342,1980]
["15003-189","StoCryl BF 700 Metallic (база, серебристая)","DE","полы","краска металлик","акрил","н/д","н/д","satinmatt","5","л","Ведро",0.2,0.4,"л/м²",2374.6939551105456,2849.6327461326546,569.92654922653094,14248.163730663273,null,0,null,null,60,408.29999999999995,1980,"однокомпонентное, эффектное покрытие. Может наноситься в различных техниках, придает металлический блеск. Колеруется в ограниченный спектр цветов по вееру StoColor Metallic"]
["00044-122","StoCryl BF 700 Metallic (колерованная, серебристая) C1","DE","полы","краска металлик","акрил","н/д","н/д","satinmatt","5","л","Ведро",0.2,0.4,"л/м²",{"$f":"P192+68","v":2442.6939551105456},2931.2327461326545,586.24654922653087,14656.163730663273,null,0,null,null,60,408.29999999999995,1980]
["15003-188","StoCryl BF 700 Metallic (база, золотистая)","DE","полы","краска металлик","акрил","н/д","н/д","satinmatt","5","л","Ведро",0.2,0.4,"л/м²",4038.6075040615947,4846.3290048739136,969.26580097478279,24231.645024369569,null,0,null,null,60,408.29999999999995,1980,"однокомпонентное, эффектное покрытие. Может наноситься в различных техниках, придает металлический блеск. Колеруется в ограниченный спектр цветов по вееру StoColor Metallic"]
["00044-022","StoCryl BF 700 Metallic (колерованная, золотистая) C1","DE","полы","краска металлик","акрил","н/д","н/д","satinmatt","5","л","Ведро",0.2,0.4,"л/м²",{"$f":"P194+68","v":4106.6075040615942},4927.9290048739131,985.58580097478261,24639.645024369565,null,0,null,null,60,408.29999999999995,1980]
["00081-001","StoCryl BF 750","DE","полы","лак","акрил","н/д","transparent","gloss","2,5","л","Ведро",0.1,0.2,"л/м²",2385.568573202891,2862.6822878434691,286.26822878434695,7156.7057196086726,null,0,null,null,72,198,2376,"однокомпонентный, глянцевый лак, применяется как запечатывающий слой для материала StoCryl BF 700 metallic, а также для других материалов (как напольных, так и настенных)"]
["00081-002","StoCryl BF 750","DE","полы","лак","акрил","н/д","transparent","gloss","5","л","Ведро",0.1,0.2,"л/м²",2202.0756858797763,2642.4908230557317,264.24908230557315,13212.454115278659,null,0,null,null,60,329.7,1980]
["00330-ххх","StoLook Piccolo, Grundprogramm (основная программа) ","DE","интерьер","декоративное покрытие","акрил","н/д","н/д","matt","12,5","кг","Ведро",0.3,0.8,"кг/м²",1517.95,1821.54,546.46199999999999,22769.25,null,0,null,null,36,466.66799999999995,1188,"Уникальный продукт!                                   Готовое к применению шелковисто-матовое  покрытие с цветными чипсами, необходим грунт в цвет дизайна. Цвет и фактуру см. в каталоге или на образцах (приложение)"]
["01326-009","StoCalce Fondo naturweiss (натур. бел.) ","DE","интерьер","декоративное покрытие","известь","н/д","н/д","matt",25,"кг","Ведро",0.5,1.5,"кг/м²",575.23200000000008,690.27840000000003,345.13920000000002,17256.96,null,0,null,null,24,616.20000000000005,696,"минеральная декоративная известковая шпаклевка на основе извести, используется также\nдля выравнивания основания под StoCalce Marmorino, StoCalce Veneziano, StoCalce Effetto"]
["01326-008","StoCalce Fondo getönt (колеров.)","DE","интерьер","декоративное покрытие","известь","н/д","н/д","matt",25,"кг","Ведро",0.5,1.5,"кг/м²",{"$f":"P199+34","v":609.23200000000008},731.0784000000001,365.53920000000005,18276.960000000003,null,0,null,null,24,616.20000000000005,696]
["01323-009","StoCalce Effetto naturweiss (натур. бел.)","DE","интерьер","декоративное покрытие","известь","н/д","н/д","matt",25,"кг","Ведро",0.8,1.5,"кг/м²",790.94400000000007,949.13280000000009,759.30624000000012,23728.320000000003,null,0,null,null,24,616.20000000000005,696,"минеральная декоративная известковая шпаклевка с вкраплениями цветного слюдяного пигмента для создания эффекта золотистого мерцания "]
["01323-008","StoCalce Effetto getönt (колерованная C1) ","DE","интерьер","декоративное покрытие","известь","н/д","н/д","matt",25,"кг","Ведро",0.8,1.5,"кг/м²",{"$f":"P201+34","v":824.94400000000007},989.93280000000004,791.9462400000001,24748.32,null,0,null,null,24,616.20000000000005,696]
["01321-024","StoCalce Marmorino naturweiss (натур. бел.) ","DE","интерьер","декоративное покрытие","известь","н/д","н/д","gloss",25,"кг","Ведро",0.2,0.6,"кг/м²",674.92358532272317,809.90830238726778,161.98166047745357,20247.707559681694,null,0,null,null,24,616.20000000000005,696,"минеральная тонкослойная декоративная шпаклевка на основе извести с эффектом мрамора \"венецианка\""]
["01321-023","StoCalce Marmorino getönt (колерованная C1) ","DE","интерьер","декоративное покрытие","известь","н/д","н/д","gloss",25,"кг","Ведро",0.2,0.6,"кг/м²",{"$f":"P203+34","v":708.92358532272317},850.70830238726774,170.14166047745357,21267.707559681694,null,0,null,null,24,616.20000000000005,696]
["01321-022","StoCalce Marmorino naturweiss (натур. бел.) ","DE","интерьер","декоративное покрытие","известь","н/д","н/д","gloss",5,"кг","Ведро",0.2,0.6,"кг/м²",892.99304029304017,1071.5916483516482,214.31832967032966,5357.9582417582415,null,0,null,"●",56,294.27999999999997,1848]
["01321-021","StoCalce Marmorino getönt (колерованная C1) ","DE","интерьер","декоративное покрытие","известь","н/д","н/д","gloss",5,"кг","Ведро",0.2,0.6,"кг/м²",{"$f":"P205+34","v":926.99304029304017},1112.3916483516482,222.47832967032966,5561.9582417582405,null,0,null,null,56,294.27999999999997,1848]
["04245-003","StoCalce Veneziano (натур.бел.)","DE","интерьер","декоративное покрытие","известь","н/д","н/д","matt",20,"кг","Ведро",0.5,1.5,"кг/м²",647.13600000000019,776.56320000000017,388.28160000000008,15531.264000000003,null,0,null,null,24,495.84000000000003,792,"минеральная пастообразная декоративная шпаклевка с эффектом венецианской штукатурки. Колеруется - StoLook Punto F."]
["04970-001","StoSil Patina  transparent (прозрачный)","DE","интерьер","лазурь","силикат","н/д","transparent","matt","2,5","л","Ведро",0.06,0.15,"л/м²",816.6281536224717,979.95378434696602,58.79722706081796,2449.8844608674149,null,0,null,"●",72,207.93599999999998,2376,"прозрачная, устойчивая к истиранию, колеруемая лазурь"]
["04970-002","StoSil Patina getönt (колерованное) C1","DE","интерьер","лазурь","силикат","н/д","transparent","matt","2,5","л","Ведро",0.06,0.15,"л/м²",1533.8137655105836,1840.5765186127003,110.43459111676201,4601.4412965317506,null,0,null,null,72,207.93599999999998,2376]
["01328-001","StoLook Lasura","DE","интерьер","лазурь","акрил",2,"transparent","matt",2.5,"л","Ведро",0.08,0.15,"л/м²",960.72145781827601,1152.8657493819312,92.229259950554493,2882.1643734548279,null,0,"●",null,72,203.4,2376,"прозрачная, устойчивая к истиранию, колеруемая лазурь для StoCalce Fondo, StoMiral Kalk MP, StoDecolit MP, StoLook Struktur"]
["00164-001","StoLook Mica Grossa","DE","интерьер","эффектная добавка","слюда","н/д","н/д","gloss",0.2,"кг","Ведро",0.01,0.1,"кг/м²",2311.2000000000003,2773.44,27.734400000000001,554.68799999999999,null,0,null,null,192,61.44,31680,"декоративная грубая слюдяная добавка в материалы, особенно хорошо сочетается с материалами известковой серии Linea di Calce"]
["04240-001","StoLook Punto Z","DE","интерьер","эффектная добавка","мрамор","н/д","н/д","н/д",6,"кг","Ведро",0.1,0.3,"кг/м²",354.56658249158238,425.47989898989886,42.54798989898989,2552.8793939393931,null,0,null,null,75,469.35,2475,"белый мраморный песок фракции 0,5-1,0 мм для придания рельефной шероховатой структуры StoCalce Veneziano и StoCalce Fondo"]
["04248-003","StoLook Punto F verde alpi (зеленый альпийский мрамор)","DE","интерьер","эффектная добавка","минерал","н/д","н/д","н/д",1,"кг","Ведро",0.05,0.15,"кг/м²",738.30000000000007,885.96,44.298000000000002,885.96,null,0,null,null,192,214.65600000000001,6336,"мелкая мраморная либо кирпичная мука для тонирования StoCalce Veneziano и StoCalce Marmorino"]
["04250-003","StoLook Punto F giallo mori (желтый мрамор)","DE","интерьер","эффектная добавка","минерал","н/д","н/д","н/д",1,"кг","Ведро",0.05,0.15,"кг/м²",887.15887723387732,1064.5906526806527,53.229532634032637,1064.5906526806527,null,0,null,null,192,214.65600000000001,6336]
["04252-003","StoLook Punto F nero ebano (черный эбеновый мрамор) ","DE","интерьер","эффектная добавка","минерал","н/д","н/д","н/д",1,"кг","Ведро",0.05,0.15,"кг/м²",887.15887723387732,1064.5906526806527,53.229532634032637,1064.5906526806527,null,0,null,null,192,214.65600000000001,6336]
["04253-003","StoLook Punto F rosso verona (красный веронский мрамор) ","DE","интерьер","эффектная добавка","минерал","н/д","н/д","н/д",1,"кг","Ведро",0.05,0.15,"кг/м²",887.15887723387732,1064.5906526806527,53.229532634032637,1064.5906526806527,null,0,null,null,192,214.65600000000001,6336]
["04254-003","StoLook Punto F coccio pesto (кирпичная мука)","DE","интерьер","эффектная добавка","минерал","н/д","н/д","н/д",1,"кг","Ведро",0.05,0.15,"кг/м²",738.30000000000007,885.96,44.298000000000002,885.96,null,0,null,null,192,214.65600000000001,6336]
["01329-003","StoLook Wax / воск","DE","интерьер","воск","воск","н/д","transparent","gloss",1,"шт","Пласт. банка",0.05,0.1,"л/м²",1472.8062354312351,1767.3674825174821,88.368374125874112,1767.3674825174821,null,0,"●",null,300,348,9900,"прозрачный защитный воск для StoCalce Marmorino, StoCalce Veneziano, StoCalceFondo, StoCalce Effetto"]
["01339-001","StoLook Wax  forte / воск","DE","интерьер","воск","скипидар","н/д","transparent","gloss",0.75,"шт","Желез. банка",0.05,0.1,"л/м²",1472.8062354312351,1767.3674825174821,88.368374125874112,1325.5256118881116,null,0,"●",null,300,198,9900,"аналог StoLook Wax, предназначен для мест с интенсивной влажностной нагрузкой"]
["04256-001","StoLook Oro","DE","интерьер","эффектная добавка","слюда","н/д","н/д","н/д","1","шт","Пласт. банка",0.01,0.1,"кг/м²",1473.0044871794869,1767.6053846153843,17.676053846153845,1767.6053846153843,null,0,null,null,500,100,16500,"порошок для подмешивания в StoLook Wax, StoLook Wax forte и StoLook Lasura с целью придания золотистого эффекта  "]
["04257-001","StoLook Argento","DE","интерьер","эффектная добавка","слюда","н/д","н/д","н/д","1","шт","Пласт. банка",0.01,0.1,"кг/м²",1048.6000000000001,1258.3200000000002,12.583200000000001,1258.3200000000002,null,0,null,null,500,100,16500,"порошок для подмешивания в StoLook Wax, StoLook Wax forte и StoLook Lasura с целью придания серебристого эффекта  "]
["04255-001","StoLook Rame","DE","интерьер","эффектная добавка","слюда","н/д","н/д","н/д","1","шт","Пласт. банка",0.01,0.1,"кг/м²",3377.4324279508364,4052.9189135410033,40.529189135410036,4052.9189135410033,null,0,null,null,500,100,16500,"порошок для подмешивания в StoLook Wax, StoLook Wax forte и StoLook Lasura с целью придания медного эффекта  "]
["00557-001","StoDivers ST","DE","универсальный","загуститель","н/д","н/д","н/д","н/д","1","шт","Пласт. мешок",6.0000000000000001E-3,0.01,"кг/м²",679.15450566268737,814.98540679522478,4.889912440771349,814.98540679522478,null,0,null,"●",1500,315,49500,"специальный загуститель, идеально подходит для добавления в StoColor Metallic для получения структуры \"шелк\""]
["00557-002","StoDivers ST","DE","универсальный","загуститель","н/д","н/д","н/д","н/д","10","кг","Пласт. мешок",6.0000000000000001E-3,0.01,"кг/м²",603.99360000000013,724.79232000000013,4.3487539200000009,7247.9232000000011,null,0,null,null,25,254.99999999999997,825]
["09538-002","StoLook Ballotini 180-300","DE","универсальный","эффектная добавка","стекло","н/д","transparent","gloss","5","кг","ведро",1.4999999999999999E-2,0.05,"кг/м²",603.99360000000013,724.79232000000013,10.871884800000002,3623.9616000000005,null,0,null,null,72,370.44,2376,"декоративные прозрачные стеклянные шарики диамтром 0.3 µm  (для интерьерных работ, в качестве декоративной добавки к краске StoColor Metallic)"]
["14217-002","Siliciumcarbid F 54","DE","универсальный","эффектная добавка","н/д","н/д","н/д","gloss","25","кг","мешок",0.1,0.5,"кг/м²",603.99360000000013,724.79232000000013,72.47923200000001,18119.808000000005,null,0,null,null,40,1080,680,"карбид силиция, для создания декортативных поверхностей с эффектом мерцания (подходит и для фасадов c материалом Stolit-Effect)"]
["14218-002","Siliciumcarbid F 20","DE","универсальный","эффектная добавка","н/д","н/д","н/д","gloss","25","кг","мешок",0.1,0.5,"кг/м²",679.15450566268737,814.98540679522478,81.498540679522478,20374.635169880621,null,0,null,null,40,1080,680]
["14219-002","Siliciumcarbid F 14","DE","универсальный","эффектная добавка","н/д","н/д","н/д","gloss","25","кг","мешок",0.1,0.5,"кг/м²",679.15450566268737,814.98540679522478,81.498540679522478,20374.635169880621,null,0,null,null,40,1080,680]
["14505-003","Ballotini 75-150 MY","DE","универсальный","эффектная добавка","стекло","н/д","transparent","gloss","5","кг","ведро",0.15,0.1,"кг/м²",419.44000000000005,503.32800000000003,75.499200000000002,2516.6400000000003,null,0,null,null,72,370.43999999999994,2376,"противоскользящая добавка, для интерьерных работ, в качестве декоративной добавки к краске StoColor Metallic"]
["14360-003","Ballotini 53-106 MY","DE","универсальный","эффектная добавка","стекло","н/д","transparent","gloss","5","кг","ведро",0.15,0.15,"кг/м²",419.44000000000005,503.32800000000003,75.499200000000002,2516.6400000000003,null,0,null,null,72,370.43999999999994,2376]
["14251-001","Ballotini 180-300 MY","DE","универсальный","эффектная добавка","стекло","н/д","transparent","gloss","25","кг","мешок",0.15,0.2,"кг/м²",1283.6201243201242,1540.344149184149,231.05162237762235,38508.603729603725,null,0,null,null,36,905.4,720]
["14252-001","Ballotini 250-425 MY","DE","универсальный","эффектная добавка","стекло","н/д","transparent","gloss","25","кг","мешок",0.15,0.25,"кг/м²",264.24720000000002,317.09664000000004,47.564496000000005,7927.4160000000011,null,0,null,null,36,905.4,720]
["03299-005","StoEffect Vetro","DE","универсальный","эффектная добавка","стекло","н/д","transparent","gloss","20","кг","ведро",0.1,0.5,"кг/м²",1624.5277346895523,1949.4332816274627,194.9433281627463,38988.665632549251,null,0,null,null,24,495.84000000000003,792,"эффектная прозрачная обсыпка, для придания мерцающего эффекта как на фасаде, так и в интерьере. Используется совместно со штукатурками или красками Sto. "]
["04399-002","Sto-Effect Terrazzo natur (натурального цвета)","DE","универсальный","эффектная добавка","минерал","н/д","н/д","matt","25","кг","ведро",0.2,0.5,"кг/м²",2854.8596752489934,3425.8316102987919,685.16632205975839,85645.790257469795,null,0,null,null,24,616.20000000000005,696,"смесь из нескольких видов натурального песка для создания декоративных  покрытий, например, в сочетании со Stolit Effect. Подходит для фасадов и интерьеров."]
["05082-024","StoAqua Top In  (transparent) 2,5 l","DE","древесина","лазурь","акрил","н/д","transparent","satin",2.5,"л","банка",0.11,0.25,"л/м²",1624.5277346895523,1949.4332816274627,214.4376609790209,4873.5832040686564,null,0,null,null,160,454.08000000000004,5280,"лазурь по дереву, для внутренних работ на основе акрилата. Соответствует EN 71-3 (безопасность игрушек), устойчива к слюне и поту. Не желтеет! Колеруется по системе StoColor, RAL, Holzfarbtöne (Цвета древесины)"]
["02499-004","StoAqua Top In  2,5 l. колеров. С1","DE","древесина","лазурь","акрил","н/д","н/д","satin",2.5,"л","банка",0.11,0.25,"л/м²",2854.8596752489934,3425.8316102987919,376.84147713286711,8564.5790257469798,null,0,null,null,160,454.08000000000004,5280]

{"sheet":"3. STOMIX","index":2,"n_rows":54,"n_cols":23,"rows_kept":54,"cut":false,"hidden":false,"merged":[[31,22,32,22],[35,22,36,22],[39,22,43,22],[37,22,38,22],[15,22,20,22],[2,18,3,18],[2,19,3,19],[2,20,3,20],[2,21,3,21],[29,22,30,22],[5,22,6,22],[8,22,12,22],[21,22,22,22],[23,22,28,22],[2,17,3,17],[2,22,3,22],[0,0,1,22],[2,0,3,0],[2,1,3,1],[2,5,3,5],[2,6,2,8],[2,9,2,11],[2,12,3,12],[2,13,3,13],[2,14,3,14],[2,15,3,15],[2,2,3,2],[2,3,3,3],[2,4,3,4],[2,16,3,16]]}
["Прайс-лист  Товаров Продуктовой группы раздела «Stomix»\nЦены действительны c 01.10.2021 г."]
[]
["Артикул","Наименование продукта","Произ-водство","Область применения","Вид материала","Цветовая гамма","Упаковка",null,null,"Расчетный расход продукта",null,null,"Цена БЕЗ учета НДС за единицу измерения","Цена с НДС за единицу измерения","Цена с НДС за 1м² (при min расходе)","Цена с НДС за упаковку","Кол-во единиц товара","Сумма заказа с НДС","Наличие на складе","Количество упаковок на паллете, шт.","Вес одного паллето-места (без палеты), кг.","Норма загрузки авто (20 т.) шт.","Краткое описание продукта"]
[null,null,null,null,null,null,"кол-во","ед. изм.","вид упак.","от","до","ед. изм."]
["66502_001","Грунтовка проникающая универсальная EH концентрат","RU","фасад","Грунтовки",null,15,"кг","ведро",0.04,7.0000000000000007E-2,"кг/м²",430.83600000000001,{"$f":"M5*1.2","v":517.00319999999999},{"$f":"SUM(J5*N5)","v":20.680128},{"$f":"N5*G5","v":7755.0479999999998},null,{"$f":"Q5*P5","v":0},"●",24,376.79999999999995,792,"воднодисперсионная  грунтовка для обработки сильновпитывающих оснований "]
["66503_009","Грунтовка адгезионная HC-4, белая","RU","фасад","Грунтовки","вся",24,"кг","ведро",0.19,0.35,"кг/м²",167.11799999999999,{"$f":"M6*1.2","v":200.54159999999999},{"$f":"SUM(J6*N6)","v":38.102903999999995},{"$f":"N6*G6","v":4812.9983999999995},null,{"$f":"Q6*P6","v":0},"●",24,592.79999999999995,744,"воднодисперсионая адгезионная грунтовка"]
["66503_010","Грунтовка адгезионная HC-4 (колерованная С1)","RU","фасад","Грунтовки","вся",24,"кг","ведро",0.19,0.35,"кг/м²",{"$f":"M6+34","v":201.11799999999999},{"$f":"M7*1.2","v":241.34159999999997},{"$f":"SUM(J7*N7)","v":45.854903999999998},{"$f":"N7*G7","v":5792.1983999999993},null,0,null,24,592.79999999999995,744]
[61130,"ALFADEKOR   F ","RU","фасад","Декоративные штукатурки: органические",35,25,"кг","ведро",3.5,4,"кг/м²",398.67,{"$f":"M8*1.2","v":478.404},{"$f":"SUM(J8*N8)","v":1674.414},{"$f":"N8*G8","v":11960.1},null,{"$f":"Q8*P8","v":0},null,24,616.79999999999995,696,"воднодисперсионная мозаичная штукатурка- мелкозернистая"]
[61140,"ALFADEKOR G\n114, 200, 201,206,207,208,209,210,214,222","RU","фасад","Декоративные штукатурки: органические",35,25,"кг","ведро",5.5,6,"кг/м²",420.69769311148616,504.83723173378337,2776.6047745358087,12620.930793344583,null,0,null,24,616.79999999999995,696,"воднодисперсионная мозаичная штукатурка - крупнозернистая, материал соответствует StoSuperlit из основного ассортимента Sto"]
[61140,"ALFADEKOR  G 102,104,105,106,107,108,109,110,111,115,116,118,119,120,211,213,215,216,217   ","RU","фасад","Декоративные штукатурки: органические",35,25,"кг","ведро",5.5,6,"кг/м²",420.69769311148616,504.83723173378337,2776.6047745358087,12620.930793344583,null,0,null,24,616.79999999999995,696]
[61140,"ALFADEKOR G \n122,123,212,218","RU","фасад","Декоративные штукатурки: органические",35,25,"кг","ведро",5.5,6,"кг/м²",420.69769311148616,504.83723173378337,2776.6047745358087,12620.930793344583,null,0,null,24,616.79999999999995,696]
[61140,"ALFADEKOR G\n205,219,221","RU","фасад","Декоративные штукатурки: органические",35,25,"кг","ведро",5.5,6,"кг/м²",420.69769311148616,504.83723173378337,2776.6047745358087,12620.930793344583,null,0,null,24,616.79999999999995,696]
[61140,"ALFADEKOR G\n202,204,121,125,203,220","RU","фасад","Декоративные штукатурки: органические",35,25,"кг","ведро",5.5,6,"кг/м²",420.69769311148616,504.83723173378337,2776.6047745358087,12620.930793344583,null,0,null,24,616.79999999999995,696]
[61150,"ALFADEKOR S\n401,403,404,406,408,412","RU","фасад","Декоративные штукатурки: органические",12,25,"кг","ведро",3.5,6,"кг/м²",420.69769311148616,504.83723173378337,1766.9303110682417,5500,null,0,null,24,616.79999999999995,696,"воднодисперсионная мозаичная штукатурка- для нанесения распылением"]
[61150,"ALFADEKOR  S\n402,405,407,409,410,411","RU","фасад","Декоративные штукатурки: органические",12,25,"кг","ведро",3.5,6,"кг/м²",420.69769311148616,504.83723173378337,1766.9303110682417,5750,null,0,null,24,616.79999999999995,696,"воднодисперсионная мозаичная штукатурка- для нанесения распылением"]
["61081_007","BETADEKOR  SAF10, белая","RU","фасад","Декоративные штукатурки: органические","вся",25,"кг","ведро",2.6,2.7,"кг/м²",138.26400000000001,{"$f":"M16*1.2","v":165.91679999999999},{"$f":"SUM(J16*N16)","v":431.38368000000003},5750,null,0,null,24,616.79999999999995,696,"воднодисперсионная силикон-акрилатная штукатурка с шероховатой структурой (шуба) для наружних и внутренних работ."]
["61081_006","BETADEKOR  SAF10, (колерованная С1)","RU","фасад","Декоративные штукатурки: органические","вся",25,"кг","ведро",2.6,2.7,"кг/м²",172.26400000000001,206.71680000000001,537.46368000000007,5750,null,0,null,24,616.79999999999995,696]
["61082_007","BETADEKOR  SAF15, белая","RU","фасад","Декоративные штукатурки: органические","вся",25,"кг","ведро",2.6,2.7,"кг/м²",138.26400000000001,165.91679999999999,431.38368000000003,{"$f":"N18*G18","v":4147.92},null,0,"●",24,616.79999999999995,696]
["61082_008","BETADEKOR  SAF15, (колерованная С1)","RU","фасад","Декоративные штукатурки: органические","вся",25,"кг","ведро",2.6,2.7,"кг/м²",172.26400000000001,206.71680000000001,537.46368000000007,5167.92,null,0,null,24,616.79999999999995,696]
["61083_007","BETADEKOR  SAF20, белая","RU","фасад","Декоративные штукатурки: органические","вся",25,"кг","ведро",3.2,3.3,"кг/м²",138.26400000000001,165.91679999999999,530.93376000000001,4147.92,null,0,"●",24,616.79999999999995,696]
["61083_008","BETADEKOR  SAF20, (колерованная С1)","RU","фасад","Декоративные штукатурки: органические","вся",25,"кг","ведро",3.2,3.3,"кг/м²",172.26400000000001,206.71680000000001,661.49376000000007,5167.92,null,0,null,24,616.79999999999995,696]
["61086_009","BETADEKOR  SAD20, белая","RU","фасад","Декоративные штукатурки: органические","вся",25,"кг","ведро",2.7,2.8,"кг/м²",138.26400000000001,165.91679999999999,447.97536000000002,4147.92,null,0,"●",24,616.79999999999995,696,"воднодисперсионная силикон-акрилатная штукатурка с бороздчатой структурой (короед) для наружних и внутренних работ"]
["61086_010","BETADEKOR  SAD20, (колерованная С1)","RU","фасад","Декоративные штукатурки: органические","вся",25,"кг","ведро",2.7,2.8,"кг/м²",172.26400000000001,206.71680000000001,558.13536000000011,5167.92,null,0,null,24,616.79999999999995,696]
["61061_001","BETADEKOR  SIF10, белая","RU","фасад","Декоративные штукатурки: органические","вся",25,"кг","ведро",2.6,2.7,"кг/м²",159.00150000000002,190.80180000000001,496.08468000000005,4770.0450000000001,null,0,"●",24,616.79999999999995,696,"воднодисперсионная силиконовая штукатурка (повышенное содержание силиконовых дисперсий) с шероховатой структурой (шуба)"]
["61061_002","BETADEKOR  SIF10, (колерованная С1)","RU","фасад","Декоративные штукатурки: органические","вся",25,"кг","ведро",2.6,2.7,"кг/м²",193.00150000000002,231.60180000000003,602.16468000000009,5790.045000000001,null,0,null,24,616.79999999999995,696]
["61062_006","BETADEKOR  SIF15, белая","RU","фасад","Декоративные штукатурки: органические","вся",25,"кг","ведро",2.6,2.7,"кг/м²",159.00150000000002,190.80180000000001,496.08468000000005,4770.0450000000001,null,0,"●",24,616.79999999999995,696]
["61062_007","BETADEKOR  SIF15, (колерованная С1)","RU","фасад","Декоративные штукатурки: органические","вся",25,"кг","ведро",2.6,2.7,"кг/м²",193.00150000000002,231.60180000000003,602.16468000000009,5790.045000000001,null,0,null,24,616.79999999999995,696]
["61063_006","BETADEKOR  SIF20, белая","RU","фасад","Декоративные штукатурки: органические","вся",25,"кг","ведро",3.2,3.3,"кг/м²",159.00150000000002,190.80180000000001,610.56576000000007,4770.0450000000001,null,0,"●",24,616.79999999999995,696]
["61063_007","BETADEKOR  SIF20, (колерованная С1)","RU","фасад","Декоративные штукатурки: органические","вся",25,"кг","ведро",3.2,3.3,"кг/м²",193.00150000000002,231.60180000000003,741.12576000000013,5790.045000000001,null,0,null,24,616.79999999999995,696]
["61053_006","BETADEKOR  SID20, белая","RU","фасад","Декоративные штукатурки: органические","вся",25,"кг","ведро",2.7,2.8,"кг/м²",159.00150000000002,190.80180000000001,515.16486000000009,4770.0450000000001,null,0,"●",24,616.79999999999995,696,"воднодисперсионная силиконовая штукатурка (повышенное содержание силиконовых дисперсий) с бороздчатой структурой (короед)"]
["61053_007","BETADEKOR  SID20, (колерованная С1)","RU","фасад","Декоративные штукатурки: органические","вся",25,"кг","ведро",2.7,2.8,"кг/м²",193.00150000000002,231.60180000000003,625.32486000000006,5790.045000000001,null,0,null,24,616.79999999999995,696]
["61041_015","Штукатурка BETADEKOR SF15","RU","фасад","Декоративные штукатурки: минеральные","белый",25,"кг","мешок",2.2999999999999998,2.4,"кг/м²",42.84,{"$f":"M32*1.2","v":51.408000000000001},{"$f":"SUM(J32*N32)","v":118.2384},{"$f":"N32*G32","v":1285.2},null,0,"●",42,1054.2,756,"сухая минеральная штукатурка на основе белого цемента с шероховатой структурой (шуба) для наружних и внутренних работ"]
["61043_020","Штукатурка BETADEKOR SF20","RU","фасад","Декоративные штукатурки: минеральные","белый",25,"кг","мешок",2.4,2.5,"кг/м²",42.84,{"$f":"M33*1.2","v":51.408000000000001},{"$f":"SUM(J33*N33)","v":123.3792},{"$f":"N33*G33","v":1285.2},null,0,"●",42,1054.2,756]
["61030_015","Штукатурка BETADEKOR SD15","RU","фасад","Декоративные штукатурки: минеральные","белый",25,"кг","мешок",2.6,2.7,"кг/м²",42.84,{"$f":"M34*1.2","v":51.408000000000001},{"$f":"SUM(J34*N34)","v":133.66079999999999},{"$f":"N34*G34","v":1285.2},null,0,null,42,1054.2,756]
["61032_020","Штукатурка BETADEKOR SD20","RU","фасад","Декоративные штукатурки: минеральные","белый",25,"кг","мешок",2.6,2.7,"кг/м²",42.84,{"$f":"M35*1.2","v":51.408000000000001},{"$f":"SUM(J35*N35)","v":133.66079999999999},{"$f":"N35*G35","v":1285.2},null,0,"●",42,1054.2,756,"сухая минеральная штукатурка на основе белого цемента с бороздчатой структурой (короед) для наружних и внутренних работ"]
["66004_019","GAMADEKOR - F,  белая ","RU","фасад","Краски фасадные универсальные",null,15,"л","ведро",0.16,0.32,"л/м²",337.63617391304354,{"$f":"M36*1.2","v":405.16340869565221},{"$f":"SUM(J36*N36)","v":64.826145391304351},{"$f":"N36*G36","v":6077.4511304347834},null,0,"●",24,572.40000000000009,768,"фасадная краска с высоким показателем паропроницаемости. Матовая. Колеруется в светлые тона. Единица измерения - литры.   "]
["66004_119","GAMADEKOR - F,  (колерованная С1)","RU","фасад","Краски фасадные универсальные",null,15,"л","ведро",0.16,0.32,"л/м²",405.63617391304354,486.76340869565223,77.882145391304363,7301.4511304347834,null,0,null,24,576,768]
["66004-123","GAMADEKOR - F, G белая","RU","фасад","Краски фасадные универсальные",null,15,"л","ведро",0.16,0.32,"л/м²",354.51798260869572,{"$f":"M38*1.2","v":425.42157913043485},{"$f":"SUM(J38*N38)","v":68.067452660869577},{"$f":"N38*G38","v":6381.3236869565226},null,{"$f":"Q38*P38","v":0},null,24,572.40000000000009,768,"фасадная краска с высоким показателем паропроницаемости. Матовая. С биоцидными добавками. Колеруется в светлые тона. Единица измерения - литры.   "]
["66004-120","GAMADEKOR - F, G (колерованная С1)","RU","фасад","Краски фасадные универсальные",null,15,"л","ведро",0.16,0.32,"л/м²",422.51798260869572,507.02157913043482,81.123452660869575,7605.3236869565226,null,0,null,24,576,768]
["00278-141","GAMADEKOR - SA, белая","RU","фасад","Краски фасадные универсальные","вся",15,"л","ведро",0.2,0.5,"л/м²",574.39,689.26799999999992,137.8536,10339.019999999999,null,0,"●",24,572.04,768,"силиконовая краска с высокой паропрницаемостью и укрывистостью. Большой выбор цветов.  Единица измерения - литры.   "]
["00278-140","GAMADEKOR - SA, (колерованная С1)","RU","фасад","Краски фасадные универсальные","вся",15,"л","ведро",0.2,0.5,"л/м²",{"$f":"M40+68","v":642.39},770.86799999999994,154.17359999999999,11563.019999999999,null,0,null,24,572.04,768]
["05415-165","GAMADEKOR - SA, база А","RU","фасад","Краски фасадные универсальные","вся",15,"л","ведро",0.2,0.5,"л/м²",554.02,664.82399999999996,132.9648,9972.3599999999988,null,0,"●",24,557.64,768]
["05415-166","GAMADEKOR - SA, база B","RU","фасад","Краски фасадные универсальные","вся",15,"л","ведро",0.2,0.5,"л/м²",504.06,604.87199999999996,120.9744,9073.08,null,0,"●",24,541.43999999999994,792]
["05415-167","GAMADEKOR - SA, база OT","RU","фасад","Краски фасадные универсальные","вся",14.5,"л","ведро",0.2,0.5,"л/м²",477.54,573.048,114.6096,8309.1959999999999,null,0,"●",24,515.52,792]
["66301_001","Клеевой состав ALFAFIX S2","RU","фасад","Клей и армирующие массы","серый",25,"кг","мешок",3,10,"кг/м²",23.593499999999999,{"$f":"M45*1.2","v":28.312199999999997},{"$f":"SUM(J45*N45)","v":84.936599999999999},{"$f":"N45*G45","v":707.80499999999995},null,0,"●",42,1054.2,756,"клей минеральный для приклеивания теплоизоляционных плит"]
["66302_001","Клеевой и армирующий состав ALFAFIX S1","RU","фасад","Клей и армирующие массы","серый",25,"кг","мешок",3,10,"кг/м²",25.641000000000002,{"$f":"M46*1.2","v":30.769200000000001},{"$f":"SUM(J46*N46)","v":92.307600000000008},{"$f":"N46*G46","v":769.23},null,0,"●",42,1054.2,756,"клей минеральный для создания базового армированного слоя и приклеивания теплоизоляционных плит"]
["66305_001","Клеевой и армирующий состав ALFAFIX S11","RU","фасад","Клей и армирующие массы","серый",25,"кг","мешок",2.7,10,"кг/м²",36.865499999999997,{"$f":"M47*1.2","v":44.238599999999998},{"$f":"SUM(J47*N47)","v":119.44422},{"$f":"N47*G47","v":1105.9649999999999},null,0,null,42,1054.2,756,"клей минеральный эластичный  для создания базового слоя и приклеивания теплоизоляционных плит на нестабильные основания"]
["66310_001","Клеевой состав BETAFIX Flex ","RU","фасад","Клей и армирующие массы","серый",25,"кг","мешок",1.5,8,"кг/м²",43.827000000000005,{"$f":"M48*1.2","v":52.592400000000005},{"$f":"SUM(J48*N48)","v":78.888600000000011},{"$f":"N48*G48","v":1314.8100000000002},null,0,null,42,1054.2,756,"клей минеральный с высокой эластичностью для облицовочных материалов"]
["66311_001","Клеевой состав BETAFIX Basic","RU","фасад","Клей и армирующие массы","серый",25,"кг","мешок",1.5,8,"кг/м²",26.901,{"$f":"M49*1.2","v":32.281199999999998},{"$f":"SUM(J49*N49)","v":48.421799999999998},{"$f":"N49*G49","v":807.03},null,0,null,42,1054.2,756,"клей минеральный с высокой эластичностью для облицовочных материалов"]
["66802_001","ALFAFORM SCB шпаклевка белая ",null,"фасад","Шпаклевка","белый","18","кг","мешок",0.9,0.9,"кг/м²",75.86,{"$f":"M50*1.2","v":91.031999999999996},{"$f":"SUM(J50*N50)","v":81.928799999999995},{"$f":"N50*G50","v":1638.576},null,{"$f":"Q50*P50","v":0},null,42,764,720,"Финишная шпаклеква минеральная усиленная"]
["66801_001","ALFAFORM SCA шпаклевка выравнивающая",null,"фасад","Шпаклевка","серый","25","кг","мешок",2,2,"кг/м²",30.64,36.768000000000001,73.536000000000001,919.2,null,0,null,42,1054.2,756,"Финишная шпаклеква минеральная усиленная"]
["520110-01","Сетка фасадная с логотипом STOMIX","RU","фасад","Комплектующие: сетки армирующие и дополнительные элементы***",null,50,"м","рулон",1,1.1000000000000001,"мп/м²",127.1,{"$f":"M52*1.2","v":152.51999999999998},{"$f":"SUM(J52*N52)","v":152.51999999999998},7625.9999999999991,null,0,"●",35,339.5,1120,"Сетка для армирования из стекловолокна со щелочестойкой пропиткой.   "]
[512153,"Уголок ПВХ с стеклосеткой 10х15 с логотипом STOMIX","RU","фасад","Комплектующие: сетки армирующие и дополнительные элементы***",null,2.5,"м","коробка",null,null,null,64.900000000000006,{"$f":"M53*1.2","v":77.88000000000001},null,194.70000000000002,null,0,"●",2000,440,30000,"профиль для формирования углов 90 град.       "]
["***","Дополнительно  перечень и цены комплектующих в  ассортименте STO в разделе Фасады.",null,null,null,null,null,null,null,null,null,null,null,null,null,null,null,0]

{"sheet":"4. Базы","index":3,"n_rows":157,"n_cols":14,"rows_kept":157,"cut":false,"hidden":false,"merged":[[1,10,2,10],[1,7,2,7],[1,8,2,8],[0,0,0,13],[1,13,2,13],[1,1,2,1],[1,2,1,4],[1,5,2,5],[1,11,2,11],[1,12,2,12],[1,6,2,6],[1,9,2,9],[1,0,2,0]]}
["Прайс-лист  Товаров Продуктовой группы раздела «Материалы для колерования» (Базы)\nЦены действительны c 01.10.2021 г."]
["Артикул ","Наименование продукта","Упаковка",null,null,"Цена БЕЗ учета НДС за единицу измерения","Цена с НДС за единицу измерения","Цена с НДС за упаковку","Кол-во единиц товара","Сумма заказа с НДС","Наличие на складе","Количество упаковок на паллете, шт.","Вес одного паллето-места (без палеты), кг.","норма загрузки авто (20 т.) шт."]
[null,null,"к-во","ед.","вид упаковки"]
["05374-053","PUTZGRUND OT ",22.5,"кг","Ведро",311.49514158680824,{"$f":"F4*1.2","v":373.79416990416991},{"$f":"G4*C4","v":8410.3688228438223},null,{"$f":"I4*H4","v":0},null,24,548.88,792]
["05374-051","PUTZGRUND HALBTITAN ",23,"кг","Ведро",320.73871855558286,384.88646226669943,8852.3886321340869,null,{"$f":"I5*H5","v":0},"●",24,568.00800000000004,768]
["05825-012","STOLIT K 1,0 OT",25,"кг","Ведро",397.0769070010449,476.49228840125386,11912.307210031346,null,0,null,24,616.20000000000005,696]
["05826-019","STOLIT K 1,5 O T",25,"кг","Ведро",375.53827063740852,450.6459247648902,11266.148119122256,null,0,null,24,616.20000000000005,696]
["05827-019","STOLIT K 2,0 O T ",25,"кг","Ведро",343.52136000000013,412.22563200000013,10305.640800000003,null,0,null,24,616.20000000000005,696]
["05829-021","STOLIT K 3,0 O T ",25,"кг","Ведро",308.37026364440158,370.0443163732819,9251.1079093320477,null,0,null,24,616.20000000000005,696]
["05830-010","STOLIT K 6,0 O T ",25,"кг","Ведро",514.3728494267591,617.24741931211088,15431.185482802772,null,0,null,24,616.20000000000005,696]
["05831-016","STOLIT R 1,5 O T ",25,"кг","Ведро",362.26169721083511,434.7140366530021,10867.850916325053,null,0,null,24,616.20000000000005,696]
["05832-016","STOLIT R 2,0 O T ",25,"кг","Ведро",356.73372000000012,428.08046400000012,10702.011600000003,null,0,null,24,616.20000000000005,696]
["05834-016","STOLIT R 3,0 O T ",25,"кг","Ведро",672.41475000000014,806.8977000000001,20172.442500000001,null,0,null,24,616.20000000000005,696]
["05835-010","STOLIT R 6,0 O T ",25,"кг","Ведро",958.5211377702758,1150.2253653243308,28755.634133108269,null,0,null,24,616.20000000000005,696]
["05822-013","STOLIT MP O T ",25,"кг","Ведро",356.82078811992596,428.18494574391116,10704.623643597779,null,0,null,24,616.20000000000005,696]
["15828-002","STOLIT MILANO O T ",25,"кг","Ведро",330.30900000000008,396.37080000000009,9909.2700000000023,null,0,null,24,616.20000000000005,696]
["15727-004","STOLIT Effect O T ",25,"кг","Ведро",965.20820070733839,1158.2498408488061,28956.246021220151,null,0,null,24,616.20000000000005,696]
["05415-148","BASIS A SVJ Jumbosil",15,"л","Ведро",531.7315345765345,638.07784149184135,9571.1676223776194,null,0,"●",24,557.64,768]
["05415-153","BASIS B SVJ Jumbosil",15,"л","Ведро",487.56623590214491,585.07948308257392,8776.1922462386083,null,0,"●",24,541.43999999999994,792]
["05415-156","BASIS O T SVJ Jumbosil",14.5,"л","Ведро",457.70081613701518,549.24097936441819,7963.9942007840637,null,0,"●",24,515.28,792]
["15096_026","ВASIS A NEOSIL B",15,"л","Ведро",388.28160000000003,465.93792000000002,6989.0688,null,0,"●",24,557.64,768]
["15096_027","ВASIS B NEOSIL B",15,"л","Ведро",388.28160000000003,465.93792000000002,6989.0688,null,0,"●",24,541.43999999999994,792]
["15096_028","ВASIS OT NEOSIL B",14.5,"л","Ведро",388.28159999999997,465.93791999999996,6756.0998399999999,null,0,"●",24,515.28,792]
["15096_226","ВASIS A NEOSIL B G",15,"л","Ведро",456.61916160000004,{"$f":"F24*1.2","v":547.94299392000005},{"$f":"G24*C24","v":8219.1449088000008},null,0,null,24,515.28,792]
["15096_227","ВASIS B NEOSIL B G",15,"л","Ведро",456.61916160000004,547.94299392000005,8219.1449088000008,null,0,null,24,515.28,792]
["15096_228","ВASIS OT NEOSIL B G",14.5,"л","Ведро",456.61916159999998,547.94299391999994,7945.1734118399991,null,0,null,24,515.28,792]
["66004_121","GAMADEKOR F BASIS A",15,"л","Ведро",337.63617391304354,405.16340869565221,6077.4511304347834,null,0,null,24,515.28,792]
["66004_122","GAMADEKOR F BASIS B",15,"л","Ведро",337.63617391304354,405.16340869565221,6077.4511304347834,null,0,null,24,515.28,792]
["66004_023","GAMADEKOR F BASIS OT",14.5,"л","Ведро",337.63617391304354,405.16340869565221,5874.869426086957,null,0,null,24,515.28,792]
["05960-027","MAXICRYL BASIS A",15,"л","Ведро",1030.5640800000001,1236.6768960000002,18550.153440000002,null,0,null,24,536.04,792]
["05960-031","MAXICRYL BASIS B ",15,"л","Ведро",898.44048000000021,1078.1285760000003,16171.928640000004,null,0,null,24,530.64,792]
["05960-023","MAXICRYL O T ",14.5,"л","Ведро",845.59104000000013,1014.7092480000001,14713.284096000001,null,0,null,24,511.91999999999996,792]
["05355-009","FIBRASIL BASIS A ",15,"л","Ведро",990.92700000000013,1189.1124000000002,17836.686000000002,null,0,null,24,514.43999999999994,792]
["05355-011","FIBRASIL BASIS B ",15,"л","Ведро",911.6528400000002,1093.9834080000003,16409.751120000004,null,0,null,24,509.76,792]
["05355-007","FIBRASIL O T 14,5 L EIM D/E/F/",14.5,"л","Ведро",858.80340000000012,1030.5640800000001,14943.179160000002,null,0,null,24,473.64,792]
["05425-013","STO COLOR TOP BASIS A",15,"л","Ведро",1083.4135200000003,1300.0962240000003,19501.443360000005,null,0,"●",24,510.84000000000003,792]
["05425-015","STO COLOR TOP BASIS B",15,"л","Ведро",977.71464000000014,1173.2575680000002,17598.863520000003,null,0,"●",24,507.24,792]
["05425-012","STO COLOR TOP BASIS OT",14.5,"л","Ведро",832.37868000000014,998.85441600000013,14483.389032000003,null,0,"●",24,501.84000000000003,792]
["05877-010","Color S GROB OT BASIS ",25,"кг","Ведро",479.1720118961498,{"$f":"F39*1.2","v":575.00641427537971},{"$f":"G39*C39","v":14375.160356884493},null,0,null,24,616.20000000000005,696]
["05876-010","Color S FEIN OT BASIS ",25,"кг","Ведро",519.25662728076509,623.10795273691804,15577.69881842295,null,0,"●",24,616.20000000000005,696]
["05876-019","Color S FEIN A BASIS ",25,"кг","Ведро",769.11991399405201,922.94389679286235,23073.597419821559,null,0,"●",24,616.20000000000005,696]
["05902-103","BASIS A SILCO IQ",15,"л","Ведро",837.56925000000001,1005.0830999999999,15076.246499999999,null,0,null,24,561.84,768]
["05902-105","BASIS B SILCO IQ",15,"л","Ведро",754.99200000000008,905.99040000000002,13589.856,null,0,null,24,557.52,768]
["05902-101","BASIS OT SILCO IQ ",14.5,"л","Ведро",719.60175000000004,863.52210000000002,12521.070450000001,null,0,null,24,552.96,768]
["05454-058","BASIS OT SILCO G IQ ",14.5,"л","Ведро",790.38225000000011,948.45870000000014,13752.651150000002,null,0,null,24,552.96,768]
["05883-021","BASIS A LCRB / COLOR LASTIC",15,"л","Ведро",940.99842195967324,1129.1981063516077,16937.971595274117,null,0,null,24,491.04,792]
["05883-018","BASIS B LCRB / COLOR LASTIC",15,"л","Ведро",887.40232720935319,1064.8827926512238,15973.241889768356,null,0,null,24,473.40000000000003,792]
["05883-014","BASIS RB OT / COLOR LASTIC",14.5,"л","Ведро",880.97522173142067,1057.1702660777048,15328.96885812672,null,0,null,24,444.048,792]
["15319-007","SILCO ELAST BASIS A",15,"л","Ведро",1244.7812359021448,1493.7374830825736,22406.062246238605,null,0,null,24,539.28,792]
["15319-005","SILCO ELAST BASIS OT",14.5,"л","Ведро",1156.0815,1387.2978000000001,20115.8181,null,0,null,24,539.28,792]
["15003-015","BASIS A DRYONIC ",15,"л","Ведро",1144.3906414965506,1373.2687697958606,20599.031546937909,null,0,"●",24,456.84000000000003,792]
["15003-016","BASIS B DRYONIC",15,"л","Ведро",1080.8024946434036,1296.9629935720843,19454.444903581265,null,0,"●",24,430.20000000000005,792]
["15003-014","DRYONIC O T",14.5,"л","Ведро",986.42391054260952,1183.7086926511313,17163.776043441405,null,0,"●",24,411,792]
["15003-044","DRYONIC S Basis A",15,"л","Ведро",1598.2065156224246,1917.8478187469095,28767.717281203644,null,0,null,24,456.84000000000003,792]
["15003-045","DRYONIC S Basis B",15,"л","Ведро",1500.3824946434033,1800.458993572084,27006.88490358126,null,0,null,24,430.20000000000005,792]
["15003-046","DRYONIC S Basis OT",14.5,"л","Ведро",1398.1997147384134,1677.839657686096,24328.675036448392,null,0,null,24,411,792]
["15003-048","DRYONIC S Basis A",5,"л","Ведро",1574.0221577664756,{"$f":"F57*1.2","v":1888.8265893197706},{"$f":"G57*C57","v":9444.1329465988529},null,0,null,60,463.8,1980]
["15003-049","DRYONIC S Basis B",5,"л","Ведро",1624.5277346895523,1949.4332816274627,9747.1664081373128,null,0,null,60,457.8,1980]
["15003-051","DRYONIC S Basis OT",4.8499999999999996,"л","Ведро",803.48984406398199,964.18781287677837,4676.3108924523749,null,0,null,60,376.26,1980]
["15003-133","DRYONIC WOOD Basis A",10,"л","Ведро",1378.2355173333963,{"$f":"F60*1.2","v":1653.8826208000755},{"$f":"G60*C60","v":16538.826208000755},null,0,null,27,336.96000000000004,891]
["15003-134","DRYONIC WOOD Basis B",10,"л","Ведро",1336.0078949557737,1603.2094739469285,16032.094739469285,null,0,null,27,328.59,891]
["15003-111","DRYONIC WOOD Basis OT",9.6999999999999993,"л","Ведро",1309.4207899839639,1571.3049479807567,15241.657995413338,null,0,null,27,313.22700000000003,891]
["15101-161","BASIS A LOTUSAN IQ",12.5,"л","Ведро",884.75625000000002,1061.7075,13271.34375,null,0,"●",32,613.6,928]
["15101-163","BASIS B LOTUSAN IQ",12.5,"л","Ведро",813.97575000000006,976.77089999999998,12209.63625,null,0,"●",32,595.20000000000005,960]
["15101-159","BASIS OT LOTUSAN IQ ",12.1,"л","Ведро",766.78875000000005,920.14650000000006,11133.772650000001,null,0,"●",32,565.31200000000001,1024]
["05007-025","SIL BASIS A ",15,"л","Ведро",670.41198852449963,804.49438622939954,12067.415793440992,null,0,null,24,581.76,744]
["05007-034","SIL BASIS B ",15,"л","Ведро",660.61800000000017,792.74160000000018,11891.124000000003,null,0,null,24,579.36,744]
["05076-013","StoAQUA TOP SATIN OT",5,"л","Банка",1708.3476439217347,2050.0171727060815,10250.085863530407,null,0,null,60,339.3,1980]
["05076-012","StoAQUA TOP SATIN OT",2.5,"л","Банка",1574.0221577664756,1888.8265893197706,4722.0664732994264,null,0,"●",160,452.47999999999996,5280]
["05082-024","StoAQUA TOP IN OT",2.5,"л","Банка",1624.5277346895523,1949.4332816274627,4873.5832040686564,null,0,null,160,454.08000000000004,5280]
["05850-008","DECOLIT K 1,0 OT",25,"кг","Ведро",912.33949441363222,1094.8073932963587,27370.184832408966,null,0,null,24,616.20000000000005,696]
["05851-009","DECOLIT K 1,5 OT",25,"кг","Ведро",632.55258694276404,759.06310433131682,18976.577608282922,null,{"$f":"I72*H72","v":0},null,24,616.20000000000005,696]
["05852-009","DECOLIT K 2,0 OT",25,"кг","Ведро",913.09631259545029,1095.7155751145403,27392.88937786351,null,0,null,24,616.20000000000005,696]
["05856-010","DECOLIT R 1,5 OT",25,"кг","Ведро",916.21484406398201,1099.4578128767785,27486.445321919462,null,0,null,24,616.20000000000005,696]
["05857-009","DECOLIT R 2,0 OT",25,"кг","Ведро",848.97131259545051,1018.7655751145405,25469.139377863514,null,0,null,24,616.20000000000005,696]
["05187-007","DECOLIT MP OT",25,"кг","Ведро",918.54508881922675,1102.2541065830721,27556.352664576803,null,0,null,24,616.20000000000005,696]
["15993-006","BASIS OT TITANIUM ASE",4.8499999999999996,"л","Ведро",990.18933336319003,1188.227200035828,5762.9019201737656,null,0,null,60,382.2,1980.0000000000002]
["15993-007","BASIS OT TITANIUM ASE",14.5,"л","Ведро",809.90417278037182,971.88500733644617,14092.33260637847,null,0,"●",24,454.56000000000006,792]
["15993-010","BASIS A TITANIUM ASE",5,"л","Ведро",1042.7255809846718,1251.270697181606,6256.3534859080301,null,0,null,60,441.6,1980]
["15993-011","BASIS A TITANIUM ASE",15,"л","Ведро",863.88565897906801,1036.6627907748816,15549.941861623225,null,0,"●",24,527.04,792]
["15993-013","BASIS B TITANIUM ASE",5,"л","Ведро",998.27785371194466,1197.9334244543336,5989.6671222716677,null,0,null,60,411.6,1980]
["15993-014","BASIS B TITANIUM ASE",15,"л","Ведро",825.88032681123582,991.05639217348289,14865.845882602243,null,0,"●",24,491.04,792]
["15964-004","INNEN MATT O T ",14.5,"л","Ведро",443.52812577334862,532.23375092801837,7717.3893884562667,null,0,"●",24,527.56799999999998,792]
["15964-005","BASIS A INNEN MATT ",15,"л","Ведро",677.44472689314125,812.93367227176952,12194.005084076543,null,0,"●",24,554.04,768]
["15964-006","BASIS B INNEN MATT ",15,"л","Ведро",545.83175560846325,654.99810673015588,9824.9716009523381,null,0,"●",24,545.04,792]
["15964-007","INNEN MATT O T ",2.4,"л","Ведро",934.90994180580071,1121.8919301669607,2692.5406324007058,null,0,null,72,267.48,2376]
["15964-008","INNEN MATT O T",4.8499999999999996,"л","Ведро",638.5600050703805,766.27200608445662,3716.4192295096145,null,0,null,60,443.21999999999997,1980.0000000000002]
["15964-009","INNEN MATT O T ",9.6999999999999993,"л","Ведро",555.53098464025879,666.63718156831055,6466.3806612126118,null,0,"●",27,397.57499999999999,891]
["15964-010","BASIS A INNEN MATT",2.5,"л","Ведро",1105.5606350530825,1326.6727620636989,3316.6819051592474,null,0,null,72,282.59999999999997,2376]
["15964-011","BASIS A INNEN MATT ",5,"л","Ведро",726.31020504368792,871.5722460524255,4357.8612302621277,null,0,null,60,463.8,1980]
["15964-012","BASIS A INNEN MATT ",10,"л","Ведро",740.01837847646925,888.0220541717631,8880.2205417176301,null,0,"●",27,416.07,891]
["15964-013","BASIS B INNEN MATT ",2.5,"л","Ведро",989.10273730609515,{"$f":"F92*1.2","v":1186.923284767314},{"$f":"G92*C92","v":2967.308211918285},null,0,null,72,242.136,2376]
["15964-014","BASIS B INNEN MATT ",5,"л","Ведро",708.83953507823469,850.60744209388156,4253.0372104694079,null,0,null,60,457.8,1980]
["15964-015","BASIS B INNEN MATT ",10,"л","Ведро",628.88109385532493,754.65731262638985,7546.5731262638983,null,0,"●",27,410.67,891]
["15965-004","INNEN SATINMATT O T ",14.5,"л","Ведро",542.90953959319279,651.49144751183132,9446.6259889215544,null,0,"●",24,447.52799999999996,792]
["15965-005","BASIS A INNEN SATINMATT ",15,"л","Ведро",806.11707730330681,967.34049276396809,14510.107391459522,null,0,"●",24,500.40000000000003,792]
["15965-006","BASIS B INNEN SATINMATT ",15,"л","Ведро",637.28910843578979,764.74693012294767,11471.203951844214,null,0,"●",24,473.04,792]
["15965-007","INNEN SATINMATT O T",2.4,"л","Ведро",1013.352324266726,1216.0227891200711,2918.4546938881708,null,0,null,72,227.73599999999999,2376]
["15965-008","INNEN SATINMATT O T ",4.8499999999999996,"л","Ведро",701.70421246578064,842.0450549589367,4083.9185165508429,null,0,null,60,376.26,1980.0000000000002]
["15965-009","INNEN SATINMATT O T ",9.6999999999999993,"л","Ведро",616.5049654252274,739.80595851027283,7176.1177975496457,null,0,"●",27,337.33799999999997,891]
["15965-010","BASIS A INNEN SATINMATT ",2.5,"л","Ведро",1225.1743510749052,1470.2092212898863,3675.5230532247156,null,0,null,72,282.59999999999997,2376]
["15965-011","BASIS A INNEN SATINMATT",5,"л","Ведро",933.93526645938027,1120.7223197512562,5603.6115987562807,null,0,null,60,463.8,1980]
["15965-012","BASIS A INNEN SATINMATT ",10,"л","Ведро",869.88821532190627,1043.8658583862875,10438.658583862874,null,0,"●",27,416.07,891]
["15965-013","BASIS B INNEN SATINMATT ",2.5,"л","Ведро",1077.2560760433003,1292.7072912519602,3231.7682281299003,null,0,null,72,242.136,2376]
["15965-014","BASIS B INNEN SATINMATT",5,"л","Ведро",785.89128184559593,943.06953821471507,4715.3476910735753,null,0,null,60,396.3,1980]
["15965-015","BASIS B INNEN SATINMATT",10,"л","Ведро",700.80882729002974,840.97059274803564,8409.705927480356,null,0,"●",27,355.32,891]
["15966-004","INNEN SATIN O T ",14.5,"л","Ведро",815.57448746568639,978.68938495882367,14190.996081902944,null,0,"●",24,448.22399999999993,792]
["15966-005","BASIS A INNEN SATIN 15 L EIM",15,"л","Ведро",1169.2430715664805,1403.0916858797766,21046.37528819665,null,0,"●",24,522.36,792]
["15966-006","BASIS B INNEN SATIN 15 L EIM",15,"л","Ведро",953.75648065738972,1144.5077767888677,17167.616651833014,null,0,"●",24,482.04,792]
["15966-007","INNEN SATIN O T ",2.4,"л","Ведро",1346.1472484558092,1615.376698146971,3876.9040755527303,null,0,null,72,222.624,2376]
["15966-008","INNEN SATIN O T ",4.8499999999999996,"л","Ведро",996.91636133521797,1196.2996336022616,5802.0532229709679,null,0,null,60,374.82,1980.0000000000002]
["15966-009","INNEN SATIN O T ",9.6999999999999993,"л","Ведро",893.38367459934841,1072.060409519218,10398.985972336413,null,0,"●",27,337.33799999999997,891]
["15966-010","BASIS A INNEN SATIN ",2.5,"л","Ведро",1673.6935906854085,2008.4323088224901,5021.0807720562252,null,0,null,72,261.21600000000001,2376]
["15966-011","BASIS A INNEN SATIN ",5,"л","Ведро",1345.7936579077486,1614.9523894892984,8074.7619474464918,null,0,null,60,435.3,1980]
["15966-012","BASIS A INNEN SATIN ",10,"л","Ведро",1244.9988564942353,1493.9986277930823,14939.986277930822,null,0,"●",27,391.77,891]
["15966-013","BASIS B INNEN SATIN ",2.5,"л","Ведро",1457.7418948812131,1749.2902738574555,4373.2256846436385,null,0,null,72,241.05599999999998,2376]
["15966-014","BASIS B INNEN SATIN ",5,"л","Ведро",1138.2959830825739,1365.9551796990886,6829.7758984954435,null,0,null,60,401.70000000000005,1980]
["15966-015","BASIS B INNEN SATIN ",10,"л","Ведро",1028.9486641865428,1234.7383970238513,12347.383970238514,null,0,"●",27,361.53000000000003,891]
["15967-004","INNEN GLOSS O T ",14.5,"л","Ведро",1056.2941203328191,1267.552944399383,18379.517693791055,null,0,null,24,402.28800000000001,792]
["15967-005","BASIS A INNEN GLOSS ",15,"л","Ведро",1494.4939456923546,1793.3927348308255,26900.891022462383,null,0,null,24,476.64,792]
["15967-006","BASIS B INNEN GLOSS ",15,"л","Ведро",1273.0000121259211,1527.6000145511052,22914.000218266578,null,0,null,24,440.28,792]
["15967-007","INNEN GLOSS O T",2.4,"л","Ведро",1547.8366190851798,1857.4039429022157,4457.7694629653179,null,0,null,72,200.44799999999998,2376]
["15967-008","INNEN GLOSS O T ",4.8499999999999996,"л","Ведро",1233.6360291673857,1480.3632350008627,7179.7616897541839,null,0,null,60,337.56,1980.0000000000002]
["15967-009","INNEN GLOSS O T ",9.6999999999999993,"л","Ведро",1394.1106326413067,{"$f":"F124*1.2","v":1672.932759169568},{"$f":"G124*C124","v":16227.447763944809},null,0,null,27,303.80400000000003,891]
["15967-010","BASIS A INNEN GLOSS ",2.5,"л","Ведро",1676.9488529231712,2012.3386235078053,5030.8465587695136,null,0,null,72,238.32,2376]
["15967-011","BASIS A INNEN GLOSS ",5,"л","Ведро",1669.9071019636926,2003.8885223564312,10019.442611782157,null,0,null,60,397.2,1980]
["15967-012","BASIS A INNEN GLOSS ",10,"л","Ведро",1531.6625453054239,1837.9950543665086,18379.950543665087,null,0,null,27,357.48,891]
["15967-013","BASIS B INNEN GLOSS",2.5,"л","Ведро",1590.7508808951991,1908.9010570742389,4772.2526426855975,null,0,null,72,220.17599999999999,2376]
["15967-014","BASIS B INNEN GLOSS ",5,"л","Ведро",1442.2801089566999,1730.7361307480398,8653.680653740199,null,0,null,60,366.90000000000003,1980]
["15967-015","BASIS B INNEN GLOSS ",10,"л","Ведро",1626.4736117389907,1951.7683340867889,19517.683340867887,null,0,null,27,330.21000000000004,891]
["15799-004","BASIS B PURAN SATIN ",15,"кг","Ведро",1367.6140800000003,1641.1368960000002,24617.053440000003,null,0,"●",24,375.84000000000003,792]
["15799-007","BASIS A PURAN SATIN ",15,"кг","Ведро",1413.6326400000003,1696.3591680000002,25445.387520000004,null,0,"●",24,375.84000000000003,792]
["15799-008","BASIS OT PURAN SATIN ",14.6,"кг","Ведро",1236.7488000000003,1484.0985600000004,21667.838976000006,null,0,"●",24,366.16800000000001,792]
["00082-001","PURAN KB",1.5,"кг","Банка",5257.98,6309.5759999999991,9464.3639999999978,null,0,"●",180,313.2,5940]
["15033-002","LOOK STRUKTUR F OT ",20,"кг","Ведро",530.82519425019416,636.99023310023301,12739.804662004661,null,0,null,24,495.84000000000003,792]
["05287-017","CRYL BF 100 BASIS A",10,"л","Ведро",1360.2706143878568,1632.324737265428,16323.247372654279,null,{"$f":"I136*H136","v":0},null,27,347.21999999999997,891]
["05287-003","CRYL BF 100 weiss",10,"л","Ведро",1277.2599640382064,1532.7119568458477,15327.119568458476,null,0,null,27,347.21999999999997,891]
["05287-019","CRYL BF 100 BASIS B",10,"л","Ведро",1307.4021598424019,1568.8825918108823,15688.825918108823,null,0,null,27,347.21999999999997,891]
["05287-014","CRYL BF 100 BASIS OT",10,"л","Ведро",1310.956341660584,1573.1476099927008,15731.476099927007,null,0,null,27,347.21999999999997,891]
["15013-019","StoPOX WL 100 BASIS A",10,"кг","Ведро",1569.8972626615805,1883.8767151938964,18838.767151938962,null,0,null,40,418.8,1320]
["15013-021","StoPOX WL 100 BASIS B",10,"кг","Ведро",1534.2926647594827,1841.1511977113792,18411.511977113791,null,0,null,40,418.8,1320]
["08989-009","StoPOX WL/WB/WG Comp. B",2,"кг","Банка",1693.800385321749,2032.5604623860986,4065.1209247721972,null,0,null,120,268.8,3960]
["08989-010","StoPOX WL/WB/WG Comp. B",5,"кг","Банка",1611.1068921734829,1933.3282706081795,9666.6413530408972,null,0,null,60,325.79999999999995,1980]
["15013-029","StoPOX WL 100 KA OT",9.6999999999999993,"кг","Ведро",1475.3665367356789,1770.4398440828147,17173.266487603301,null,0,null,40,407,1320]
["15675-005","StoPox MS 200 Weiss",12.5,"кг","Ведро",1815.7165794054426,2178.8598952865309,27235.748691081637,null,0,null,28,368.56400000000002,924]
["15675-007","StoPox MS 200 Basis A",12.5,"кг","Ведро",1974.2095689159321,2369.0514826991184,29613.143533738981,null,0,null,28,368.56400000000002,924]
["15675-006","StoPox MS 200 Basis B",12.5,"кг","Ведро",1910.5647787061419,2292.6777344473703,28658.471680592127,null,0,null,28,368.56400000000002,924]
["15675-004","StoPox MS 200 Basis OT",12.1,"кг","Ведро",1776.8491451986526,2132.218974238383,25799.849588284433,null,0,null,28,357.36399999999998,924]
["09352-001","StoPox MS 200 Comp. B",5,"кг","Ведро",3107.3962278378176,3728.8754734053809,18644.377367026904,null,0,null,60,328.2,1980]
["15003-175","Basis A CRYL BF 700",10,"л","Ведро",1322.5489613893401,1587.0587536672081,15870.587536672081,null,0,null,27,352.08,891]
["15003-177","Basis B CRYL BF 700",10,"л","Ведро",1332.7142411096199,1599.257089331544,15992.57089331544,null,0,null,27,344.52,891]
["15003-180","Basis OT CRYL BF 700",9.6999999999999993,"л","Ведро",1341.8354228510966,1610.2025074213159,15618.964321986763,null,0,null,27,329.48099999999999,891]
["15003-176","Basis A CRYL BF 700",5,"л","Ведро",1428.7895495161404,1714.5474594193684,8572.7372970968427,null,0,null,60,392.7,1980]
["15003-178","Basis B CRYL BF 700",5,"л","Ведро",1438.1921893762801,1725.830627251536,8629.1531362576807,null,0,null,60,392.7,1980]
["15003-179","Basis OT CRYL BF 700",4.8499999999999996,"л","Ведро",1451.5532494471061,1741.8638993365273,8448.0399117821562,null,0,null,60,380.94,1980]
["15003-188","Basis Gold CRYL BF 700 Metallic",5,"л","Ведро",4038.6075040615947,{"$f":"F156*1.2","v":4846.3290048739136},{"$f":"G156*C156","v":24231.645024369569},null,0,null,60,408.29999999999995,1980]
["15003-189","Basis Silber CRYL BF 700 Metallic",5,"л","Ведро",2374.6939551105456,{"$f":"F157*1.2","v":2849.6327461326546},{"$f":"G157*C157","v":14248.163730663273},null,0,null,60,408.29999999999995,1980]

{"sheet":"5. Ведра. Инструмент","index":4,"n_rows":119,"n_cols":12,"rows_kept":119,"cut":false,"hidden":false,"merged":[[98,11,101,11],[73,11,74,11],[75,6,76,6],[75,11,76,11],[79,11,83,11],[84,11,93,11],[94,11,96,11],[70,11,72,11],[11,11,12,11],[14,11,15,11],[16,11,17,11],[19,11,21,11],[24,11,25,11],[26,11,28,11],[36,11,40,11],[41,11,42,11],[47,11,49,11],[57,11,58,11],[60,11,63,11],[0,0,0,11],[1,0,2,0],[1,1,2,1],[1,3,1,4],[1,6,2,6],[1,7,2,7],[1,8,2,8],[1,11,2,11],[1,2,2,2],[1,9,2,9],[1,10,2,10]]}
["Прайс-лист  Товаров Продуктовой группы раздела «Профессиональный ручной инструмент»\nЦены действительны c 01.10.2021 г."]
["Артикул ","Наименование продукта","Вид материала","Упаковка",null,null,"Иллюстрация","Цена Руб.                                                  БЕЗ учета НДС","Цена Руб.                                                  с НДС 20%","Кол-во единиц товара","Сумма заказа с НДС","Краткое описание продукта"]
[null,null,null,"к-во","ед."]
["09679-188","Ведро желтое с логотипом Sto - 0,8 литра","Ведро","1","шт.",null,null,215.37688787108209,{"$f":"H4*1.2","v":258.45226544529851},null,{"$f":"J4*I4","v":0}]
["09257-002","Ведро желтое с логотипом Sto - 1,8 литра","Ведро","1","шт.",null,null,253.75559752846831,{"$f":"H5*1.2","v":304.50671703416197},null,{"$f":"J5*I5","v":0}]
["09050-002","Ведро желтое с логотипом Sto - 3,2 литра","Ведро","1","шт.",null,null,254.11816380589102,{"$f":"H6*1.2","v":304.94179656706922},null,{"$f":"J6*I6","v":0}]
["09049-002","Ведро желтое с логотипом Sto - 5,5 литра","Ведро","1","шт.",null,null,296.70830931694564,{"$f":"H7*1.2","v":356.04997118033475},null,{"$f":"J7*I7","v":0}]
["09065-001","Ведро желтое с логотипом Sto - 12,0 литров","Ведро","1","шт.",null,null,"по запросу","по запросу",null,"по запросу"]
["09019-002","Ведро желтое с логотипом Sto - 18,0 литров","Ведро","1","шт.",null,null,"по запросу","по запросу",null,"по запросу"]
["08335-001","Sto-WDVS-Schleifpapier 420 x 200 мм K 16","Шлифовальные  материалы ","1","шт.",null,null,1100.3499999999999,{"$f":"H10*1.2","v":1320.4199999999998},null,0,"шлифовальная бумага для шлифовальной доски Sto-WDVS-Schleifbrett, для шлифования теплоизоляционного материала"]
["08335-002","Sto-WDVS-Schleifbrett  420 x 200 мм","Шлифовальные  материалы ","1","шт.",null,null,4762.41,{"$f":"H11*1.2","v":5714.8919999999998},null,0,"алюминиевая шлифовальная доска с деревянной ручкой, в комплекте со шлифовальной бумагой K16"]
["08290-015","Sto-Flächenspachtel mit Softgriff abgerundet, 480 мм","Шпатели","1","шт.",null,null,2487.4299999999998,{"$f":"H12*1.2","v":2984.9159999999997},null,0,"широкий шпатель с мягкой ручкой и закругленными углами"]
["08290-016","Sto-Flächenspachtel mit Softgriff abgerundet, 570 мм","Шпатели","1","шт.",null,null,2722.75,3267.2999999999997,null,0]
["08303-004","Sto-Japanspachtelsatz mit Leichtmetallrücken","Шпатели","1","шт.",null,null,985.87124999999992,1183.0454999999999,null,0,"набор из четырех японских шпателей шир. 50, 80, 105, 120 мм, из закаленной нержавеющей стали толщ. 0,3 мм, нерабочая грань из легкого металла."]
["08356-001","Sto-Stuckateurspachtel, 80 мм","Шпатели","1","шт.",null,null,1272.8699999999999,1527.4439999999997,null,0,"мастерок из закаленной нержавеющей стали толщ. 0,8 мм, с деревянной ручкой"]
["08356-002","Sto-Stuckateurspachtel, 100 мм","Шпатели","1","шт.",null,null,1386.73,1664.076,null,0]
["08313-028","Sto-Malerspachtel Profi, 50 мм","Шпатели","1","шт.",null,null,555.51,666.61199999999997,null,0,"шпатель из закаленной стали с деревянной ручкой"]
["08313-029","Sto-Malerspachtel Profi, 80 мм","Шпатели","1","шт.",null,null,631.41999999999996,757.70399999999995,null,0]
["08288-001","Sto-Glättekelle Profi 280 x 130 x 0,7 мм","Кельмы | выравнивающие","1","шт.",null,null,2339.4,{"$f":"H19*1.2","v":2807.28},null,0,"кельма из нержавеющей стали толщ. 0,7 мм для нанесения финишных штукатурок"]
["08288-008","Sto-Glättekelle gezahnt 280 x 130 мм, 4 х 4","Кельмы | выравнивающие","1","шт.",null,null,1075.48,1290.576,null,0,"зубчатая кельма из нержавеющей стали, для нанесения строительных растворов"]
["08288-009","Sto-Glättekelle gezahnt 280 x 130 мм, 6 х 6","Кельмы | выравнивающие","1","шт.",null,null,1075.48,1290.576,null,0]
["08288-010","Sto-Glättekelle gezahnt 280 x 130 мм, 8 х 8","Кельмы | выравнивающие","1","шт.",null,null,1075.48,1290.576,null,0]
["08288-002","Sto-Schweizer Glättekelle 500 x 130 x 0,7 мм","Кельмы | выравнивающие","1","шт.",null,null,4290.29,5148.348,null,0,"швейцарская кельма из нержавеющей стали, для вытягивания, выравнивания, укладки армирующей сетки"]
["08289-003","Sto-Glättekelle Profi Kunststoff Mini 160 x 80 x 3 мм","Кельмы | выравнивающие","1","шт.",null,null,1257.67,1509.204,null,0,"мини-кельма из серого ударопрочного ПВХ с деревянной ручкой, для структурирования финишных штукатурок"]
["08289-010","Sto-Glättekelle Kunststoff mit Kunststoffgriff 280 x 140 x 3 мм","Кельмы | выравнивающие","1","шт.",null,null,688.34,826.00800000000004,null,0,"кельма из ударопрочного ПВХ с пластиковой ручкой, для структурирования финишных штукатурок"]
["08289-009","Sto-Glättekelle Kunststoff mit Kunststoffgriff 280 x 140 x 2 мм","Кельмы | выравнивающие","1","шт.",null,null,631.41999999999996,757.70399999999995,null,0]
["08376-003","Sto-Calce Marmorino-Glättekelle 280 x 100/90 мм","Кельмы | выравнивающие","1","шт.",null,null,4631.88,5558.2560000000003,null,0,"\"венецианская\" кельма из нержавеющей специальной стали толщ. 0,6 мм с закругленными углами, с деревянной ручкой, для нанесения StoCalce Marmorino"]
["08376-002","Sto-Calce Marmorino-Glättekelle 240 x 100/80 мм","Кельмы | выравнивающие","1","шт.",null,null,4119.5,4943.3999999999996,null,0]
["08376-001","Sto-Calce Marmorino-Glättekelle 200 x 80/70 мм","Кельмы | выравнивающие","1","шт.",null,null,3872.78,4647.3360000000002,null,0]
["08327-001","Sto-Berner Putzkelle 140 мм","Кельмы | штукатурные","1","шт.",null,null,1310.82,{"$f":"H30*1.2","v":1572.9839999999999},null,0,"кельма из закаленной нержавеющей стали толщ. 1,00 мм, с деревянной ручкой"]
["08268-009","Sto-Inneneckenkelle 80 x 60 мм","Кельмы | угловые","1","шт.",null,null,1295.6199999999999,1554.7439999999999,null,0,"кельма для внутренних углов из нержавеющей закаленной стали толщ. 0,7 мм, с деревянной ручкой"]
["08268-001","Sto-Außeneckenkelle 65 x 65 мм","Кельмы | угловые","1","шт.",null,null,1462.64,1755.1680000000001,null,0,"кельма для наружных углов из нержавеющей закаленной стали толщ. 0,7 мм, с деревянной ручкой"]
["08259-001","Sto-Bossenkelle","Кельмы | угловые","1","шт.",null,null,9490.14,11388.168,null,0,"специальная кельма из нержавеющей стали, для воспроизведения руста"]
["08328-001","Sto-Reibebrett mit Schwammgummibelag grob 280 x 140 мм","Тёрки","1","шт.",null,null,1035.8399999999999,1243.0079999999998,null,0,"пластиковая терка с основанием из грубой губчатой резины"]
["08328-002","Sto-Zellkautschukreibebrett","Тёрки","1","шт.",null,null,784.08,940.89599999999996,null,0,"кельма для структурирования нивелирующих фасадных штукатурок"]
["08301-001","StoLook Schwammscheibe 220 x 140 мм","Тёрки","1","шт.",null,null,1839.75,2207.6999999999998,null,0,"жесткая губка для обработки и выравнивания материалов StoCalce Fondo, StoCalce Effetto"]
["17100-003","Sto-Flachpinsel Standart 50 мм, дл. щетины 58 мм","Кисти | плоские","1","шт.",null,null,693.04,831.64799999999991,null,0,"плоская кисть со светлой щетиной, для работы с алкидными лаками, содержащими растворитель, и дисперсионными красками"]
["17100-004","Sto-Flachpinsel Standart 60 мм, дл. щетины 58 мм","Кисти | плоские","1","шт.",null,null,881.21,1057.452,null,0]
["17100-005","Sto-Flachpinsel Standart 70 мм, дл. щетины 64 мм","Кисти | плоские","1","шт.",null,null,1106.1500000000001,1327.38,null,0]
["17100-006","Sto-Flachpinsel Standart 80 мм, дл. щетины 64 мм","Кисти | плоские","1","шт.",null,null,1470.2,1764.24,null,0]
["17100-007","Sto-Flachpinsel Standart 100 мм, дл. щетины 64 мм","Кисти | плоские","1","шт.",null,null,1842.41,2210.8919999999998,null,0]
["17101-001","Sto-Heizkörperpinsel Standart hell 25 мм, дл. щетины 43 мм","Кисти | радиаторные","1","шт.",null,null,324.91000000000003,389.892,null,0,"кисть для окраски радиаторов со светлой  щетиной, для работ с водорастворимыми, дисперсионными красками и лаками"]
["17101-003","Sto-Heizkörperpinsel Standart hell 50 мм, дл. щетины 56 мм","Кисти | радиаторные","1","шт.",null,null,447.62,537.14400000000001,null,0]
["17106-003","Sto-Flächenstreicher Orel®-Mix 135 мм, дл. щетины 85 мм","Кисти | широкие","1","шт.",null,null,4574.4426000000003,5489.3311199999998,null,0,"высококачественная широкая кисть в овальном деревянном корпусе, особенно подходит для нанесения лазурей и лаков"]
["17103-006","Sto-Flächenstreicher Standart grau 120 мм, дл. щетины 65 мм","Кисти | широкие","1","шт.",null,null,2018.28,2421.9359999999997,null,0,"широкая кисть с серой щетиной в латунном корпусе с деревянной ручкой, для лакокрасочных работ, нанесения лазурей, морилок по дереву  "]
["17811-003","Sto-Fassadenwalze Standart 270 мм, Ø 96 мм","Валики | фасадные","1","шт.",null,null,1184.8699999999999,1421.8439999999998,null,0,"профессиональный полиамидный валик, дл. ворса 18 мм, набивка 8 мм, идеально подходит для дисперсий, латексных красок, пропиток, грунтовок глубокого проникновения"]
["Валики | малярные",null,"Валики | фасадные",null,null,null,null,{"$error":"#N/A"},null,null,0]
["17800-024","Sto-Malerwalze FIL Langflor 180 мм, Ø 85 мм","Валики | фасадные","1","шт.",null,null,906,{"$f":"H48*1.2","v":1087.2},null,0,"высококачественный полиамидный валик с длинным ворсом, дл. 18 мм, без набивки, идеально подходит для нанесения грунтовок, дисперсионных красок"]
["17800-025","Sto-Malerwalze  FIL Langflor 250 мм, Ø 85 мм","Валики | фасадные","1","шт.",null,null,1162.97,1395.5640000000001,null,0]
["17811-006","Sto-Malerwalze  Standard 250 mm Langflor 18 мм","Валики | фасадные","1","шт.",null,null,945.19,1134.2280000000001,null,0]
["17811-008","Sto-Malerwalze Standart Kurzflor 25см Flor 12мм, Ø 72мм","Валики | фасадные","1","шт.",null,null,829.6,995.52,null,0,"полиамидный валик с коротким ворсом, дл. 12 мм, без набивки, идеально подходит для нанесения латексных, дисперсионных красок, грунтовок глубокого проникновения, пропиток"]
["17804-002","Sto-Grundierwalze Microfaser 250 mm (замена 17803-002)","Валики | для лаков и лазурей","1","шт.",null,null,996.54,1195.848,null,0,"полиамидный валик с ворсом 5 мм, без набивки, устойчив к воздействию растворителя, идеально подходит для нанесения антикоррозионных, эпоксидных, 2-компонентных красок, паркетных лаков на основе синтетической смолы и полиэфира"]
["08278-006","Sto-Lackierwalze Nylon RS 8  250 мм Ø 60 мм","Валики | для лаков и лазурей","1","шт.",null,null,872.41,1046.8919999999998,null,0,"полиамидный валик с коротким ворсом 8 мм, идеален для 2-К , эпоксидов и лаков, длина 25 см"]
["08279-004","Sto-Heizkörperwalze Nylon RS13 100 мм, Ø 45 мм","Валики | радиаторные","1","шт.",null,null,213.27,255.92400000000001,null,0,"высококачественный полиамидный валик с коротким ворсом, дл. 11 мм, без набивки, идеально подходит для нанесения латексных, дисперсионных красок"]
["08279-005","Sto-Heizkörperwalze Nylon RS8 100 мм, Ø 31 мм","Валики | радиаторные","1","шт.",null,null,213.27,255.92400000000001,null,0,"валик с ворсом дл. 6 мм из нейлоновых волокн, фиксированных на полиамидной основе, устойчивой к воздействию растворителя,  идеально подходит для нанесения антикоррозионных, эпоксидных, 2-компонентных красок, лаков на основе синтетической смолы и полиэфира"]
["08219-001","Sto-Decorwalze Lederstücke 250 мм","Валики | декоративные","1","шт.",null,null,3958.52,4750.2240000000002,null,0,"специальный валик для нанесения покрытия \"под мрамор\""]
["08219-003","Sto-Effektwalze Flappen 180 мм","Валики | декоративные","1","шт.",null,null,2487.27,2984.7239999999997,null,0,"специальные валики для получения цветных, структурных эффектов (складки, пленка, кожа)"]
["08354-010","Sto-Strukturwalze grob 110 мм, Ø 35 мм, прямой","Валики | декоративные","1","шт.",null,null,226.12,271.34399999999999,null,0,"грубый поролоновый валик, идеально подходит для структурирования штукатурки, шпаrлевки и структурной краски"]
["08354-011","Sto-Strukturwalze grob 250 мм, Ø 74 мм, двустор. крепление","Валики | декоративные","1","шт.",null,null,1488.75,1786.5,null,0]
["08219-006","Sto-Reliefwalze Eiche","Валики | декоративные","1","шт.",null,null,2813.02,3375.6239999999998,null,0,"валик для создания рельефа"]
["08254-009","Sto-Farbrollerbügel Ø 8 мм, для валиков 18-20 см, дл. 29 см","Сопутствующие / вспомогательные товары","1","шт.",null,null,312.04000000000002,{"$f":"H61*1.2","v":374.44800000000004},null,0,"ручка бюгельная из оцинкованной стали с пластиковой рукояткой"]
["08254-010","Sto-Farbrollerbügel Ø 8 мм, для валиков 25-27 см, дл. 29 см","Сопутствующие / вспомогательные товары","1","шт.",null,null,339.37,407.24399999999997,null,0]
["08302-001","Sto-Farbrollerbügel Ø 6 мм, для валиков 10-12 см, дл. 27 см","Сопутствующие / вспомогательные товары","1","шт.",null,null,{"$error":"#N/A"},{"$error":"#N/A"},null,{"$error":"#N/A"}]
["08302-010","Sto-Farbrollerbügel Ø 6 мм, для валиков 10-12 см, дл. 42 см","Сопутствующие / вспомогательные товары","1","шт.",null,null,259.36,311.23200000000003,null,0]
["08369-009","Sto-Teleskopstange Aluminium gelb 117-200 см","Сопутствующие / вспомогательные товары","1","шт.",null,null,3075.9183000000003,3691.10196,null,0,"раздвижная прочная алюминиевая штанга, подходит для любых типов бюгелей"]
["08253-011","Sto-Abstreifgitter Kunststoff gelb 27 x 29 см","Сопутствующие / вспомогательные товары","1","шт.",null,null,208.53,250.23599999999999,null,0,"пластиковая решетка для раскатывания валика, желтая, опускается в ведро"]
["08281-004","Sto-Farbwanne 22 x 27 см","Сопутствующие / вспомогательные товары","1","шт.",null,null,245.62,294.74399999999997,null,0,"желтая пластиковая ванночка для раскатывания валика"]
["08359-003","Sto-Stachelwalze Messing","Сопутствующие / вспомогательные товары","1","шт.",null,null,13789.61,16547.531999999999,null,0,"металлический игольчатый валик на длинной деревянной ручке для снятия старых обоев"]
["08283-001","Federspachtel 160 mm","Акустические потолки и покрытия","1","шт.",null,null,3292.08,{"$f":"H69*1.2","v":3950.4959999999996},null,{"$f":"J69*I69","v":0},"металлический шпатель для заглаживания StoSilent Top Basic/ StoSilent Top Finish"]
["08288-029","Sto-Spezialglätter 800x130mm","Акустические потолки и покрытия","1","шт.",null,null,15714.78,18857.736000000001,null,0,"кельма для проглаживания StoSilent Top Basic/ StoSilent Top Finish"]
["08288-039","Aufziehglätte, gezahnt 4x4 mm","Акустические потолки и покрытия","1","шт.",null,null,2377.36,2852.8319999999999,null,0,"кельма для нанесения StoSilent Top Basic/ StoSilent Top Finish"]
["08288-040","Aufziehglätte, gezahnt 6x6 mm","Акустические потолки и покрытия","1","шт.",null,null,2377.36,2852.8319999999999,null,0]
["08288-042","Aufziehglätte, gezahnt 10x10 mm","Акустические потолки и покрытия","1","шт.",null,null,2648.67,3178.404,null,0]
["17202-007","Deckenspachtel 600 mm","Акустические потолки и покрытия","1","шт.",null,null,9194.08,11032.895999999999,null,0,"шпатель для StoSilent Top Basic/ StoSilent Top Finish"]
["17202-009","Deckenspachtel 1000 мм","Акустические потолки и покрытия","1","шт.",null,null,13202.16,15842.591999999999,null,0]
["17202-010","Sto-Deckenspachtel Verlangerung 2х500 mm","Акустические потолки и покрытия","1","шт.",null,null,8495.7199999999993,10194.864,null,0,"телескопический удлинитель держатель для шпателя Deckenspachtel"]
["17202-011","Sto-Deckenspachtel Verlangerung 2x1 m","Акустические потолки и покрытия","1","шт.",null,null,11539.72,13847.663999999999,null,0]
["08289-002","Sto-Glattekelle Premium Kunststoff 280x135x1 mm","Акустические потолки и покрытия","1","шт.",null,null,2168.59,2602.308,null,0,"пластиковая кельма для заглаживания StoSilent Top Basic, толщина 1 мм"]
["08255-001","Sto-Zahnleistenkelle","Полимерные полы и покрытия",null,null,null,null,3033.97,{"$f":"H79*1.2","v":3640.7639999999997},null,0,"ручная ракель"]
["08373-001","Sto-Zahnleiste für Zahnleistenkelle C2","Полимерные полы и покрытия",null,null,null,null,375.63,450.75599999999997,null,0,"зубчатые металлические насадки для ручной ракели Sto-Zahnleistenkelle, длина 280 мм"]
["08373-002","Sto-Zahnleiste für Zahnleistenkelle B1","Полимерные полы и покрытия",null,null,null,null,375.63,450.75599999999997,null,0]
["08373-004","Sto-Zahnleiste für Zahnleistenkelle C1","Полимерные полы и покрытия",null,null,null,null,375.63,450.75599999999997,null,0]
["08373-007","Sto-Zahnleiste für Zahnleistenkelle 78","Полимерные полы и покрытия",null,null,null,null,375.63,450.75599999999997,null,0]
["08373-008","Sto-Zahnleiste für Zahnleistenkelle 7","Полимерные полы и покрытия",null,null,null,null,375.63,450.75599999999997,null,0]
["08373-018","Sto-Zahnleiste, 280 x 25 mm, Zahnform 25","Полимерные полы и покрытия",null,null,null,null,375.63,450.75599999999997,null,0,"зубчатые металлические насадки для ракели Sto-Rakel"]
["08373-019","Sto-Zahnleiste, 280 x 25 mm, Zahnform 48","Полимерные полы и покрытия",null,null,null,null,375.63,450.75599999999997,null,0]
["08373-020","Sto-Zahnleiste, 280 x 25 mm, Zahnform 92","Полимерные полы и покрытия",null,null,null,null,375.63,450.75599999999997,null,0]
["08373-021","Sto-Zahnleiste, 280 x 25 mm, Zahnform 95","Полимерные полы и покрытия",null,null,null,null,375.63,450.75599999999997,null,0]
["08373-022","Sto-Zahnleiste, 280 x 25 mm, Zahnform A2","Полимерные полы и покрытия",null,null,null,null,375.63,450.75599999999997,null,0]
["08373-023","Sto-Zahnleiste, 280 x 25 mm, Zahnform A3","Полимерные полы и покрытия",null,null,null,null,375.63,450.75599999999997,null,0]
["08373-024","Sto-Zahnleiste, 280 x 25 mm, Zahnform S1","Полимерные полы и покрытия",null,null,null,null,375.63,450.75599999999997,null,0]
["08373-025","Sto-Zahnleiste, 280 x 25 mm, Zahnform S2","Полимерные полы и покрытия",null,null,null,null,375.63,450.75599999999997,null,0]
["08373-026","Sto-Zahnleiste, 280 x 25 mm, Zahnform S3","Полимерные полы и покрытия",null,null,null,null,375.63,450.75599999999997,null,0]
["08373-027","Sto-Zahnleiste, 280 x 25 mm, Zahnform S4","Полимерные полы и покрытия",null,null,null,null,375.63,450.75599999999997,null,0]
["17400-001","Gummischieber Profi doppellippig 550 mm","Полимерные полы и покрытия",null,null,null,null,1504.39,1805.268,null,0,"шиберы для полимерных полов, для нанесения грунтовочных составов"]
["17400-002","Gummischieber doppellippig 600 mm","Полимерные полы и покрытия",null,null,null,null,695.92,835.10399999999993,null,0]
["17400-003","Gummischieber Standart einlippig 600 mm","Полимерные полы и покрытия",null,null,null,null,2316.62,2779.944,null,0]
["17401-001","Sto-Rakel f. Zahngummileisten 580 mm","Полимерные полы и покрытия",null,null,null,null,12424.06,14908.871999999999,null,0,"ракель"]
["17401-003","Zahngummileisten f. Sto-Rakel 2 mm","Полимерные полы и покрытия",null,null,null,null,4364.1234000000004,5236.9480800000001,null,0,"зубчатые резиновые насадки для ракели с зубом 2-10 мм"]
["17401-004","Zahngummileisten f. Sto-Rakel 4 mm","Полимерные полы и покрытия",null,null,null,null,4364.1234000000004,5236.9480800000001,null,0]
["17401-006","Zahngummileisten f. Sto-Rakel 6 mm","Полимерные полы и покрытия",null,null,null,null,4318.3100000000004,5181.9720000000007,null,0]
["17401-008","Zahngummileisten f. Sto-Rakel 8 mm","Полимерные полы и покрытия",null,null,null,null,4318.3100000000004,5181.9720000000007,null,0]
["17402-001","Sto-Stiftrakel 580 mm, Stielanschluss 28 mm","Полимерные полы и покрытия",null,null,null,null,14819.03,17782.835999999999,null,0,"ракель"]
["17403-001","Sto-Stehrakel mit Klemmleiste, 560 mm","Полимерные полы и покрытия",null,null,null,null,3872.78,4647.3360000000002,null,0,"широкий ракель для зубчатых металлических насадок"]
["08289-007","Sto-Stieltulle","Полимерные полы и покрытия",null,null,null,null,776.4,931.68,null,0,"держатель для ракели"]
["17404-001","Sto-Knieschoner","Полимерные полы и покрытия",null,null,null,null,5954.6623499999996,7145.5948199999993,null,0,"наколенники"]
["17404-004","Nagelsohle mit Gurten","Полимерные полы и покрытия",null,null,null,null,6017.55,7221.06,null,0,"мокроступы"]
["17406-001","Sto-Entlüftungswalze Standard","Полимерные полы и покрытия",null,null,null,null,6467.3153999999995,7760.778479999999,null,0,"игольчатый валик с бюгелем, длина иглы 12 мм"]
["17406-002","Sto-Ersatzwalze fur Entluftungswalze 12 mm - 25 cm Standard","Полимерные полы и покрытия",null,null,null,null,4758.4718999999996,5710.1662799999995,null,0,"игольчатый валик, длина иглы 12 мм"]
["17406-003","Sto-Entlüftungswalze Duo-Bugel 12mm - 50cm","Полимерные полы и покрытия",null,null,null,null,13199.16,15838.991999999998,null,0,"игольчатый валик с держателем, длина иглы 12 мм"]
["17406-004","Sto-Entlüftungs-Ersatzwalze 12/50 ","Полимерные полы и покрытия",null,null,null,null,8870.9,10645.08,null,0,"игольчатый валик, длина иглы 12 мм"]
["17406-005","Sto-Entluftüngswalze Profi","Полимерные полы и покрытия",null,null,null,null,7219.86,8663.8319999999985,null,0,"игольчатый валик с ручкой, длина иглы 21 мм"]
["17406-006","Sto-Ersatzwalze fur Entlüftungswalze Profi 21 mm","Полимерные полы и покрытия",null,null,null,null,5744.3431500000006,6893.2117800000005,null,0,"игольчатый валик, длина иглы 21 мм"]
["17406-007","Sto-Schlingenwalze","Полимерные полы и покрытия",null,null,null,null,2366.0909999999999,2839.3091999999997,null,0,"валик для выпуска пузырьков воздуха из тонкослойных материалов"]
["17802-005","Sto-Großflächenwalze Microfaser 500 mm","Полимерные полы и покрытия",null,null,null,null,1511.6692499999999,1814.0030999999999,null,0,"валик с мягким ворсом дл. 10 мм из микрофибры, фиксированных на полиамидной основе,  идеально подходит для нанесения эпоксидных, 2-компонентных красок, лаков на водной основе"]
["17802-001","Sto-Großflächenwalze Nylon RS 13 mm","Полимерные полы и покрытия",null,null,null,null,1758.39,2110.0680000000002,null,0,"валик с ворсом дл. 13 мм из нейлоновых волокн, фиксированных на полиамидной основе, устойчивой к воздействию растворителя,  идеально подходит для нанесения антикоррозионных, эпоксидных, 2-компонентных красок, лаков на основе синтетической смолы и полиэфира"]
["17802-003","Sto-Großflächenwalze Nylon RS 8 mm","Полимерные полы и покрытия",null,null,null,null,1735.1333999999999,2082.1600799999997,null,0,"валик с ворсом дл. 8 мм из нейлоновых волокн, фиксированных на полиамидной основе, устойчивой к воздействию растворителя,  идеально подходит для нанесения антикоррозионных, эпоксидных, 2-компонентных красок, лаков на основе синтетической смолы и полиэфира"]
["17802-007","Sto-Verstellbügel","Полимерные полы и покрытия",null,null,null,null,3851.4703499999996,4621.7644199999995,null,0,"держатель для валика, подходит к валикам различного размера ( от 30 до 60 см )"]
["Приложение. Зубчатые металлические насадки для ракелей."]

{"sheet":"6. Полы","index":5,"n_rows":24,"n_cols":19,"rows_kept":24,"cut":false,"hidden":false,"merged":[[0,0,0,18],[1,2,2,2],[1,3,1,5],[1,6,1,8],[1,14,2,14],[1,18,2,18],[1,10,2,10],[1,15,2,15],[1,16,2,16],[1,12,2,12],[1,0,2,0],[1,17,2,17],[1,11,2,11],[1,1,2,1],[1,9,2,9],[1,13,2,13],[20,18,21,18],[3,18,4,18],[5,18,8,18],[9,18,10,18],[11,18,12,18],[18,18,19,18],[14,18,15,18]]}
["Прайс-лист  Товаров Продуктовой группы раздела «Бетон» (полимерные покрытия для полов)\nЦены действительны c 01.10.2021 г."]
["Артикул ","Наименование продукта","Производство","Упаковка",null,null,"Расчетный расход продукта",null,null,"Цена БЕЗ учета НДС за единицу измерения","Цена с НДС за единицу измерения","Цена с НДС за 1м² (при min расходе)","Цена с НДС за упаковку","Кол-во единиц товара","Сумма заказа с НДС","Количество упаковок на паллете, шт.","Вес одного паллето-места (без палеты), кг.","Норма загрузки авто (20 т.) шт.","Краткое описание продукта"]
[null,null,null,"к-во","ед.","вид упаковки","от","до","единица измерения"]
["03677-008","StoCryl BF 200 weiss (белый)","DE","16","кг","Ведро",0.4,0.9,"кг/м²",966.21,{"$f":"J4*1.2","v":1159.452},{"$f":"K4*G4","v":463.7808},{"$f":"K4*D4","v":18551.232},null,{"$f":"N4*M4","v":0},27,347.21999999999997,891,"органическая матовая краска для пола, пигментированная, водоразбавимая, устойчива к старению, к воздействию света, колеруется, подходит для покрытия маслосборных ёмкостей. Для слабо нагруженных проходимых площадей (подвалы, лестницы, террасы, балконы)"]
["03677-002_2","StoCryl BF 200 C1","DE","16","кг","Ведро",0.4,0.9,"кг/м²",1134.7350000000001,1361.682,544.67280000000005,21786.912,null,{"$f":"N5*M5","v":0},27,347.21999999999997,891]
["00044-003","StoCryl BF 700 weiss (белое)","DE","10","л","Ведро",0.15,0.4,"л/м²",1315.2392935571725,1578.2871522686069,236.74307284029101,15782.87152268607,null,{"$f":"N6*M6","v":0},27,352.08,891,"однокомпонентная напольная краска, устойчива к механическим нагрузкам, полуматовая. Колеруется в различные цвета."]
["00044-001","StoCryl BF 700 getönt (колерованное)","DE","10","л","Ведро",0.15,0.4,"л/м²",{"$f":"J6+68","v":1383.2392935571725},1659.887152268607,248.98307284029104,16598.87152268607,null,0,27,352.08,891]
["00044-004","StoCryl BF 700 weiss (белое)","DE","5","л","Ведро",0.15,0.4,"л/м²",1421.1823467189372,1705.4188160627245,255.81282240940868,8527.0940803136218,null,0,60,392.7,1980]
["00044-002","StoCryl BF 700 getönt (колерованное)","DE","5","л","Ведро",0.15,0.4,"л/м²",{"$f":"J8+68","v":1489.1823467189372},1787.0188160627247,268.05282240940869,8935.0940803136236,null,0,60,392.7,1980]
["15003-189","StoCryl BF 700 Metallic (база, серебристая)","DE","5","л","Ведро",0.15,0.4,"л/м²",2374.6939551105456,2849.6327461326546,427.44491191989817,14248.163730663273,null,0,60,408.29999999999995,1980,"однокомпонентное, эффектное покрытие. Может наноситься в различных техниках, придает металлический блеск. Колеруется в ограниченный спектр цветов по вееру StoColor Metallic"]
["00044-122","StoCryl BF 700 Metallic (колерованная, серебристая) C1","DE","5","л","Ведро",0.15,0.4,"л/м²",2671,3205.2,480.78,16026,null,0,60,408.29999999999995,1980]
["15003-188","StoCryl BF 700 Metallic (база, золотистая)","DE","5","л","Ведро",0.15,0.4,"л/м²",4038.6075040615947,4846.3290048739136,726.94935073108707,24231.645024369569,null,0,60,408.29999999999995,1980,"однокомпонентное, эффектное покрытие. Может наноситься в различных техниках, придает металлический блеск. Колеруется в ограниченный спектр цветов по вееру StoColor Metallic"]
["00044-022","StoCryl BF 700 Metallic (колерованная, золотистая) C1","DE","5","л","Ведро",0.15,0.4,"л/м²",{"$f":"J12+68","v":4106.6075040615942},4927.9290048739131,739.18935073108696,24639.645024369565,null,0,60,408.29999999999995,1980]
["00081-002","StoCryl BF 750 прозрачный","DE","5","л","Ведро",0.1,0.25,"л/м²",2202.0756858797763,2642.4908230557317,264.24908230557315,13212.454115278659,null,0,60,329.7,1980,"однокомпонентный прозрачный глянцевый лак.  Предназначен для защиты и придания дополнительного глянца"]
["03470/008","StoPox WL 100 VAR SET, C1","DE","12","кг","Комплект",0.2,0.4,"кг/м²",1438.0800000000002,1725.6960000000001,345.13920000000007,20708.352000000003,null,0,"Н/Д","Н/Д",960,"двухкомпонентная глянцевая водоразбавимая краска на основе эпоксидной смолы, без растворителя, для цветного запечатывания минеральных оснований полов и стен подвержанных высокими механическими и химическими воздействиями"]
["03470/015","StoPox WL 100 VAR SET, C1","DE","30","кг","Комплект",0.2,0.4,"кг/м²",1348.2,1617.84,323.56799999999998,48535.199999999997,null,0,"Н/Д","Н/Д",450]
["14206/005","StoPox WL 100 SET transparent","DE","8","кг","Комплект",0.15,0.25,"кг/м²",2334.6950291375292,2801.634034965035,420.24510524475522,22413.07227972028,null,0,"Н/Д","Н/Д",960,"двухкомпонентный глянцевый водоразбавимый лак на основе эпоксидной смолы, без растворителя, для запечатывания минеральных оснований"]
["08043/001","StoPox WL 150 transparent/ прозрачный , SET","DE","8","кг","Комплект",0.15,0.3,"кг/м²",2227.9907459207457,2673.5888951048946,401.03833426573419,21388.711160839157,null,0,"Н/Д","Н/Д",960,"двухкомпонентный полуматовый водоразбавимый лак на основе эпоксидной смолы, без растворителя, для запечатывания минеральных оснований"]
["09351/001","StoPox MS 200 VAR SET, C1","DE","17,5","кг","Комплект",0.15,0.25,"кг/м²",2279.2564162460912,2735.1076994953096,410.26615492429642,47864.384741167916,null,0,"Н/Д","Н/Д",616,"эпоксидная водорастворимая матовая краска. В качестве цветного запечатывающего слоя для полов и стен. Отсутсвует \"эффект письма\", возможно применение в качестве краски для грифильных досок."]
["09351/004","StoPox MS 200 VAR SET, C1","DE","7","кг","Комплект",0.15,0.25,"кг/м²",2697.0731052281053,3236.4877262737264,485.47315894105895,22655.414083916083,null,0,"Н/Д","Н/Д",960]
["00557-001","StoDivers ST","DE","0,2","кг","Пласт.мешок",null,null,null,1048.6000000000001,1258.3200000000002,0,251.66400000000004,null,0,"Н/Д","Н/Д",49500,"специальный загуститель, идеален для добавления в напольные покрытия"]
["00557-002","StoDivers ST","DE","10","шт.","Пласт.мешок",null,null,null,3377.4324279508364,4052.9189135410033,0,40529.189135410037,null,0,"Н/Д","Н/Д",825]
["01144-002","StoCryl EH 100 ","DE","5","кг","Канистра",0.2,0.3,"кг/м²",1167.9678904428904,1401.5614685314683,280.3122937062937,7007.8073426573419,null,0,80,414.79999999999995,2640,"однокомпонентная грунтовка, для системы \"Анти Шип\" StoPox EH 200"]
["01152/001","StoCrete EH 200","DE","30","кг","Комплект",3.5,4,"кг/м²",870.57364134300747,1044.688369611609,3656.4092936406314,31340.65108834827,null,0,"Н/Д","Н/Д",450,"сверхпрочное полимер-цементное покрытие, имеет высокую устойчивость к шипам, система \"Анти Шип\". "]

{"sheet":"7. Колоранты","index":6,"n_rows":24,"n_cols":14,"rows_kept":24,"cut":false,"hidden":false,"merged":[[0,0,0,13],[1,12,2,12],[1,0,2,0],[1,1,2,1],[1,2,2,2],[1,3,1,6],[1,7,2,7],[1,9,2,9],[1,13,2,13],[1,8,2,8],[1,11,2,11],[1,10,2,10]]}
["Прайс-лист  Товаров Продуктовой группы раздела «Колоранты»\nЦены действительны c 01.10.2021 г."]
["Артикул ","Наименование продукта","Производство","Упаковка",null,null,null,"Цена БЕЗ учета НДС за единицу измерения","Цена с НДС за единицу измерения","Цена с НДС за упаковку","Кол-во единиц товара","Сумма заказа с НДС","Кол-во упаковок на паллете, шт.","Вес одного паллето-места (без палеты), кг."]
[null,null,null,"к-во","ед. изм.","литраж","вид упаковки"]
["06508-005","Sto-Colorant SBL","DE","4,577","кг",2.2999999999999998,"Ведро",7965.8397000000004,{"$f":"H4*1.2","v":9559.0076399999998},{"$f":"I4*D4","v":43751.577968279998},null,{"$f":"K4*J4","v":0},72,338.40000000000003]
["06516-007","Sto-Colorant OG ","DE","4,600","кг",2.2999999999999998,"Ведро",1144.2662691575736,1373.1195229890882,6316.3498057498055,null,{"$f":"K5*J5","v":0},72,345.59999999999997]
["06517-007","Colorant G2GXD","DE","2,714","кг",2.2999999999999998,"Ведро",3595.9005154620481,4315.0806185544579,11711.128798756799,null,{"$f":"K6*J6","v":0},72,208.79999999999998]
["06523-005","Colorant PG ","DE","1,340","кг",1,"Банка",4802.6394767937045,5763.1673721524448,7722.6442786842763,null,0,270,405]
["06526-006","Sto-Colorant CGR","DE","5,980","кг",2.2999999999999998,"Ведро",2739.1962156510644,3287.0354587812772,19656.47204351204,null,0,72,439.2]
["06531-003","Sto-Colorant BLU ","DE","1,240","кг",1,"Ведро",4797.7366371183562,5757.2839645420272,7139.0321160321137,null,0,270,351]
["06532-007","Sto-Colorant CV ","DE","1,130","кг",1,"Ведро",13251.949907134273,15902.339888561126,17969.644074074069,null,0,270,351]
["06533-006","Sto-Colorant KBL","DE","4,922","кг",2.2999999999999998,"Ведро",8084.1442500000003,9700.9730999999992,47748.189598199991,null,0,72,367.2]
["06536-006","Sto-Colorant BV","DE","5,129","кг",2.2999999999999998,"Ведро",6078.0371851706414,7293.6446222047698,37409.103267288257,null,0,72,374.40000000000003]
["06547-008","Sto-Colorant OR","DE","5,497","кг",2.2999999999999998,"Ведро",1502.9170289348567,1803.500434721828,9913.8418896658877,null,0,72,417.59999999999997]
["06548-010","Colorant OS 530","DE","4,140","кг",2.2999999999999998,"Ведро",1798.6097629334342,2158.3317155201212,8935.4933022533005,null,0,72,324]
["06550-004","Colorant TY ","DE","1,500","кг",1,"Банка",5192.2552499999993,6230.7062999999989,9346.0594499999988,null,0,270,486]
["06552-004","Sto-Colorant TR ","DE","1,450","кг",1,"Банка",5494.5891000000001,6593.5069199999998,9560.5850339999997,null,0,270,405]
["06556-007","Sto-Colorant TW ","DE","5,060","кг",2.2999999999999998,"Ведро",1853.4379499999998,2224.1255399999995,11254.075232399997,null,0,72,378.71999999999997]
["06557-008","Sto-Colorant G100 ","DE","4,968","кг",2.2999999999999998,"Ведро",1510.95685372658,1813.1482244718959,9007.7203791763786,null,0,72,367.2]
["06558-009","Sto-Colorant CR100 ","DE","5,083","кг",2.2999999999999998,"Ведро",2979.4718756444113,3575.3662507732934,18173.586652680649,null,0,75,390]
["06560-008","Sto-Colorant CS","DE","2,898","кг",2.2999999999999998,"Ведро",1868.0089520427684,2241.610742451322,6496.1879316239319,null,0,72,217.44]
["16547-004","Colorant ROSA E ","DE","1,080","кг",1,"Банка",7437.7956519931822,8925.3547823918179,9639.3831649831645,null,0,270,345.6]
["16576-001","Sto-Colorant SGN ","DE","5,000","кг",5,"Ведро",16615.216799999998,19938.260159999998,99691.300799999997,null,0,270,388.8]
["16580-002","Sto-Colorant PO2 R","DE","1,750","кг",1,"Банка",2049.067074900408,2458.8804898804897,4303.0408572908573,null,0,270,513]
["06519-004","Sto-Colorant FGR","DE","1,200","кг",1,"Банка",4203.5200000000004,5044.2240000000002,6053.0688,null,0,270,405]

{"sheet":"8. Надбавки","index":7,"n_rows":447,"n_cols":5,"rows_kept":447,"cut":false,"hidden":false,"merged":[[12,0,15,0],[12,1,12,3],[20,0,20,3],[21,0,21,3],[0,0,0,3],[1,0,1,3],[3,0,6,0],[3,1,3,3],[10,0,10,3]]}
["Прайс-лист  на надбавки за тонирование Товара\nЦены действительны c 01.10.2021 г."]
["Таблица надбавок к ценам на колерованные материалы"]
[]
["Единицы измерения                                                                                           материала"]
[null,"С2","С3","С4"]
[null,"Фиксированная надбавка* к С1","Фиксированная надбавка* к С1","Фиксированная надбавка* "]
[null,"в руб. без учета НДС (с НДС)","в руб. без учета НДС (с НДС)","в руб. без учета НДС (с НДС)"]
["килограмм","            37,00 р. (44,40 р. с НДС) / кг","            62,00 р. (74,40 р. с НДС)/ кг","         по запросу / кг"]
["литр","            74,00 р. (88,80 р. с НДС) / л","         124,00 р. (148,80 р. с НДС)/ л","         по запросу / л"]
[]
["Таблица надбавок к ценам на колерованные материалы StoCalce Marmorino, StoCalce Effetto, StoCalce Fondo"]
[]
["Единицы измерения                                                                                           материала"]
[null,"С2","С3","С4"]
[null,"Фиксированная надбавка* к С1","Фиксированная надбавка* к С1","Фиксированная надбавка*"]
[null,"в руб. без учета НДС","в руб. без учета НДС","в руб. без учета НДС"]
["килограмм","       74,00 р. (88,80 р. с НДС) / кг","         124,00 р. (148,80 р. с НДС)/ кг","         по запросу / кг"]
[]
["* ) нетто-цена / окончательный размер надбавки. Скидки не распространяются."]
["Окончательная цена материала = цена за колерованный материал + фиксированная надбавка за тонирование."]
["Внимание! Определенные нестандартные цветовые тона относятся к классу С4, не указанному в колеровочной карте."]
["Подробно согласовывайте спецификации с менеджерами по продажам."]
[]
[]
[]
[]
[]
[]
[]
[]
[]
[]
[]
[]
[]
[]
[]
[]
[]
[null,null,null,25]
[]
[]
[]
[]
[]
[]
[]
[]
[]
[]
[]
[]
[]
[]
[]
[]
[]
[]
[]
[]
[]
[]
[]
[]
[]
[]
[]
[]
[]
[]
[]
[]
[]
[]
[]
[]
[]
[]
[]
[]
[]
[]
[]
[]
[]
[]
[]
[]
[]
[]
[]
[]
[]
[]
[]
[]
[]
[]
[]
[]
[]
[]
[]
[]
[]
[]
[]
[]
[]
[]
[]
[]
[]
[]
[]
[]
[]
[]
[]
[]
[]
[]
[]
[]
[]
[]
[]
[]
[]
[]
[]
[]
[]
[]
[]
[]
[]
[]
[]
[]
[]
[]
[]
[]
[]
[]
[]
[]
[]
[]
[]
[]
[]
[]
[]
[]
[]
[]
[]
[]
[]
[]
[]
[]
[]
[]
[]
[]
[]
[]
[]
[]
[]
[]
[]
[]
[]
[]
[]
[]
[]
[]
[]
[]
[]
[]
[]
[]
[]
[]
[]
[]
[]
[]
[]
[]
[]
[]
[]
[]
[]
[]
[]
[]
[]
[]
[]
[]
[]
[]
[]
[]
[]
[]
[]
[]
[]
[]
[]
[]
[]
[]
[]
[]
[]
[]
[]
[]
[]
[]
[]
[]
[]
[]
[]
[]
[]
[]
[]
[]
[]
[]
[]
[]
[]
[]
[]
[]
[]
[]
[]
[]
[]
[]
[]
[]
[]
[]
[]
[]
[]
[]
[]
[]
[]
[]
[]
[]
[]
[]
[]
[]
[]
[]
[]
[]
[]
[]
[]
[]
[]
[]
[]
[]
[]
[]
[]
[]
[]
[]
[]
[]
[]
[]
[]
[]
[]
[]
[]
[]
[]
[]
[]
[]
[]
[]
[]
[]
[]
[]
[]
[]
[]
[]
[]
[]
[]
[]
[]
[]
[]
[]
[]
[]
[]
[]
[]
[]
[]
[]
[]
[]
[]
[]
[]
[]
[]
[]
[]
[]
[]
[]
[]
[]
[]
[]
[]
[]
[]
[]
[]
[]
[]
[]
[]
[]
[]
[]
[]
[]
[]
[]
[]
[]
[]
[]
[]
[]
[]
[]
[]
[]
[]
[]
[]
[]
[]
[]
[]
[]
[]
[]
[]
[]
[]
[]
[]
[]
[]
[]
[]
[]
[]
[]
[]
[]
[]
[]
[]
[]
[]
[]
[]
[]
[]
[]
[]
[]
[]
[]
[]
[]
[]
[]
[]
[]
[]
[]
[]
[]
[]
[]
[]
[]
[]
[]
[]
[]
[]
[]
[]
[]
[]
[]
[]
[]
[]
[]
[]
[]
[]
[]
[]
[]
[]
[]
[null,null,null,null,7.3]

{"sheet":"Транспортные услуги 2021","index":8,"n_rows":45,"n_cols":8,"rows_kept":45,"cut":false,"hidden":false,"merged":[[14,1,15,1],[14,2,14,3],[14,4,14,5],[14,6,14,7],[7,2,7,3],[7,4,7,5],[7,6,7,7],[8,2,8,3],[8,4,8,5],[8,6,8,7],[9,2,9,3],[9,4,9,5],[9,6,9,7],[10,6,10,7],[11,6,11,7],[6,6,6,7],[3,2,3,3],[3,4,3,5],[3,6,3,7],[4,2,4,3],[4,4,4,5],[4,6,4,7],[5,2,5,3],[5,4,5,5],[5,6,5,7],[6,2,6,3],[6,4,6,5]]}
[null,null,"со склада Видное",null,"со склада Орёл",null,"со склада Германия"]
[]
[null,"Вознаграждение за транспортно-экспедиционные услуги ООО\"СТО\""]
[null,null,"Транспортные услуги - поставки со склада г. Видное",null,"Транспортные услуги - поставки со склада г. Орёл",null,"Транспортные услуги - прямые поставки Германия (79+78) - регионы России"]
[null,null,"Стоимость доставки со складов ООО \"СТО\". Расчет при полной загрузке 20-тн машины. Ставки указаны в руб. с НДС.",null,"Стоимость доставки со складов ООО \"СТО\". Расчет при полной загрузке 20-тн машины. Ставки указаны в руб. с НДС.",null,"Стоимость доставки со склада Sto (Германия) - регионы РФ. Расчет при полной загрузке 20-тн машины. Ставки указаны в евро с НДС"]
[null,null,"Условия и сроки поставки товара со склада Sto (Видное):",null,"Условия и сроки поставки товара со склада Sto (Видное):",null,"Условия и сроки поставки товара со склада Sto (Германия):"]
[null,null,"1. При заказе продукции больше текущего запаса на складе дозаказ/внутреннее перемещение согласовывается с Покупателем дополнительно.",null,"1. При заказе продукции больше текущего запаса на складе дозаказ/внутреннее перемещение согласовывается с Покупателем дополнительно.",null,"1. Размещение заказа в Германии - за 10-14 календарных дней до планируемой даты отгрузки"]
[null,null,"2. Отгрузка товаров через транспортные компании – в течение 3-х рабочих дней. ",null,"2. Отгрузка товаров через транспортные компании – в течение 3-х рабочих дней. ",null,"2. Отгрузка только полными 20-тн машинами"]
[null,null,"3. Продукты торговых марок Sto и STOMIX требуют соблюдения температурного режима перевозки. Период с ноября по конец марта для перевозок используются РЭФы (температурный режим +6 +8), с апреля по конец ноября - тенты.",null,"3. Продукты торговых марок Sto и STOMIX требуют соблюдения температурного режима перевозки. Период с ноября по конец марта для перевозок используются РЭФы (температурный режим +6 +8), с апреля по конец ноября - тенты.",null,"3. Заказ транспорта и согласование даты отгрузки - за 7 календарных дней до планируемой даты отгрузки"]
[null,null,"4. Вознаграждение Поставщику уплачивается Покупателем в размере 100%, указанной в счете отдельной строкой.",null,"4. Вознаграждение Поставщику уплачивается Покупателем в размере 100%, указанной в счете отдельной строкой.",null,"4. Транзитное время + растамаживание груза - 9-10 календарных дней"]
[null,null,null,null,null,null,"5. Доставка до региона - дополнительно 1-3 календарных дня в зависимости от местонахождения склада Покупателя"]
[null,null,null,null,null,null,"6. Стоимость доставки выставляется в счете отдельной строкой в рублях по курсу на день выставления счета"]
[null,null,"Откуда"]
[null,null,"Видное",null,"Орёл",null,"Германия"]
[null,"куда","стоимость в руб. с НДС",null,"стоимость в руб. с НДС",null,"стоимость в евро с НДС"]
[null,null,"тент","реф","тент","реф","тент","реф"]
[null,"г. Калуга",22000,29000,28800,36000,100,300]
[null,"г. Тула",22000,29000,24000,34800,250,450]
[null,"г. Рязань",22000,29000,30000,38400,300,500]
[null,"г. Тамбов",34000,41000,36000,40800,500,700]
[null,"г. Ярославль",29000,33500,48000,54000,"по запросу","по запросу"]
[null,"г. Истра",17000,19200,30000,38400,"по запросу","по запросу"]
[null,"г. Дубна МО",21000,24000,38400,50400,"по запросу","по запросу"]
[null,"г. Владимир",22000,26000,42000,45600,"по запросу","по запросу"]
[null,"г. Белгород",38000,45000,27600,30000,"по запросу","по запросу"]
[null,"г. Курск",30000,35000,19500,22000,"по запросу","по запросу"]
[null,"г. Липецк",32000,37000,27600,30000,"по запросу","по запросу"]
[null,"г. Воронеж",35000,42000,30000,36000,"по запросу","по запросу"]
[null,"г. Брянск",36000,43500,18000,24500,"по запросу","по запросу"]
[null,"г. Смоленск",34000,41000,27600,32000,"по запросу","по запросу"]
[null,"г. Ростов на Дону",78000,93600,79000,93600,800,1000]
[null,"г. Краснодар",91000,109000,94000,112800,1000,1200]
[null,"г. Ставрополь",98800,117500,100000,117600,1050,1250]
[null,"г. Сочи",138000,165500,138000,148000,1100,1300]
[null,"г. Чебоксары",57000,64000,88000,96000,"по запросу","по запросу"]
[null,"г. Казань",60000,72000,88000,103200,800,1100]
[null,"г. Самара",71400,85500,81000,98400,1000,1300]
[null,"г. Ульяновск",67000,79000,83000,89000,850,1150]
[null,"г. Санкт-Петербург",38000,45000,72000,79000,"по запросу","по запросу"]
[null,"г. Орел",28000,33500,30000,36000,"по запросу","по запросу"]
[null,"г. Нижний Новгород",32000,38000,48000,57600,"по запросу","по запросу"]
[null,"г. Екатеринбург",126000,151000,140400,158000,"по запросу","по запросу"]
[null,"г. Уфа",115000,127000,98000,115000,"по запросу","по запросу"]
[null,"г. Пермь",115000,127000,110000,129000,"по запросу","по запросу"]
[null,"г. Новосибирск",192000,231000,230000,252000,"по запросу","по запросу"]